Formes de pays révélant des formes de pays - Aléatoire - Statistiques

Statistiques générales
  • Ce quiz a été pris 34 056 fois
  • Le résultat moyen est 10 sur 21
Réponses sur la Carte
Les réponses sont colorées sur une échelle allant du rouge au vert en fonction du pourcentage des utilisateurs qui les ont devinées à leur premier essai. Vous pouvez retrouver ces pourcentages ci-dessous.
 
Statistiques - réponses
Réponse % Correct
Afrique du Sud
100%
Afrique du Sud
100%
Afrique du Sud
100%
Algérie
100%
Allemagne
100%
Argentine
100%
Australie
100%
Australie
100%
Australie
100%
Australie
100%
Australie
100%
Australie
100%
Australie
100%
Australie
100%
Australie
100%
Australie
100%
Australie
100%
Australie
100%
Australie
100%
Australie
100%
Australie
100%
Australie
100%
Australie
100%
Australie
100%
Australie
100%
Australie
100%
Australie
100%
Australie
100%
Australie
100%
Autriche
100%
Brésil
100%
Brésil
100%
Brésil
100%
Brésil
100%
Brésil
100%
Brésil
100%
Canada
100%
Canada
100%
Canada
100%
Canada
100%
Canada
100%
Canada
100%
Canada
100%
Canada
100%
Canada
100%
Canada
100%
Chili
100%
Chili
100%
Chili
100%
Chili
100%
Chili
100%
Chili
100%
Chili
100%
Chili
100%
Chili
100%
Chili
100%
Chili
100%
Chili
100%
Chili
100%
Chili
100%
Chili
100%
Chili
100%
Chili
100%
Chili
100%
Chili
100%
Chili
100%
Chili
100%
Chili
100%
Chili
100%
Chili
100%
Chine
100%
Chine
100%
Chine
100%
Chine
100%
Chypre
100%
Chypre
100%
Chypre
100%
Chypre
100%
Chypre
100%
Chypre
100%
Chypre
100%
Croatie
100%
Égypte
100%
Égypte
100%
Égypte
100%
Égypte
100%
Égypte
100%
Égypte
100%
Égypte
100%
Égypte
100%
Égypte
100%
Égypte
100%
Égypte
100%
Espagne
100%
Espagne
100%
Espagne
100%
Espagne
100%
Espagne
100%
Espagne
100%
Espagne
100%
Espagne
100%
Espagne
100%
Espagne
100%
Espagne
100%
Espagne
100%
Espagne
100%
Espagne
100%
Espagne
100%
Espagne
100%
Espagne
100%
Espagne
100%
Espagne
100%
Espagne
100%
Espagne
100%
Espagne
100%
Espagne
100%
Espagne
100%
Espagne
100%
Espagne
100%
Espagne
100%
Espagne
100%
Espagne
100%
Espagne
100%
Espagne
100%
Espagne
100%
Espagne
100%
Espagne
100%
États-Unis
100%
États-Unis
100%
États-Unis
100%
États-Unis
100%
États-Unis
100%
États-Unis
100%
États-Unis
100%
États-Unis
100%
États-Unis
100%
États-Unis
100%
États-Unis
100%
États-Unis
100%
États-Unis
100%
États-Unis
100%
États-Unis
100%
États-Unis
100%
États-Unis
100%
États-Unis
100%
États-Unis
100%
États-Unis
100%
États-Unis
100%
États-Unis
100%
États-Unis
100%
États-Unis
100%
États-Unis
100%
États-Unis
100%
États-Unis
100%
États-Unis
100%
États-Unis
100%
États-Unis
100%
États-Unis
100%
États-Unis
100%
États-Unis
100%
États-Unis
100%
États-Unis
100%
États-Unis
100%
États-Unis
100%
France
100%
France
100%
France
100%
France
100%
France
100%
France
100%
France
100%
France
100%
France
100%
France
100%
France
100%
France
100%
France
100%
France
100%
France
100%
France
100%
France
100%
France
100%
France
100%
France
100%
France
100%
France
100%
France
100%
France
100%
France
100%
France
100%
France
100%
France
100%
France
100%
France
100%
France
100%
France
100%
France
100%
France
100%
France
100%
France
100%
France
100%
France
100%
Grèce
100%
Grèce
100%
Grèce
100%
Grèce
100%
Grèce
100%
Grèce
100%
Grèce
100%
Grèce
100%
Inde
100%
Inde
100%
Inde
100%
Inde
100%
Inde
100%
Inde
100%
Inde
100%
Inde
100%
Inde
100%
Inde
100%
Inde
100%
Inde
100%
Inde
100%
Inde
100%
Indonésie
100%
Indonésie
100%
Indonésie
100%
Indonésie
100%
Indonésie
100%
Irlande
100%
Islande
100%
Islande
100%
Islande
100%
Islande
100%
Islande
100%
Italie
100%
Italie
100%
Italie
100%
Italie
100%
Italie
100%
Italie
100%
Italie
100%
Italie
100%
Italie
100%
Italie
100%
Italie
100%
Italie
100%
Italie
100%
Italie
100%
Italie
100%
Italie
100%
Italie
100%
Italie
100%
Italie
100%
Italie
100%
Italie
100%
Italie
100%
Italie
100%
Italie
100%
Italie
100%
Italie
100%
Italie
100%
Italie
100%
Italie
100%
Italie
100%
Japon
100%
Japon
100%
Japon
100%
Japon
100%
Japon
100%
Japon
100%
Japon
100%
Japon
100%
Japon
100%
Japon
100%
Japon
100%
Japon
100%
Japon
100%
Japon
100%
Japon
100%
Japon
100%
Japon
100%
Japon
100%
Japon
100%
Japon
100%
Japon
100%
Japon
100%
Japon
100%
Japon
100%
Japon
100%
Japon
100%
Madagascar
100%
Madagascar
100%
Madagascar
100%
Mali
100%
Maroc
100%
Maroc
100%
Maroc
100%
Maroc
100%
Maroc
100%
Maroc
100%
Mexique
100%
Mexique
100%
Mexique
100%
Mexique
100%
Mexique
100%
Mexique
100%
Mexique
100%
Namibie
100%
Norvège
100%
Norvège
100%
Norvège
100%
Norvège
100%
Norvège
100%
Norvège
100%
Norvège
100%
Norvège
100%
Norvège
100%
Norvège
100%
Norvège
100%
Norvège
100%
Nouvelle-Zélande
100%
Philippines
100%
Philippines
100%
Royaume-Uni
100%
Royaume-Uni
100%
Royaume-Uni
100%
Royaume-Uni
100%
Royaume-Uni
100%
Royaume-Uni
100%
Royaume-Uni
100%
Royaume-Uni
100%
Royaume-Uni
100%
Royaume-Uni
100%
Royaume-Uni
100%
Royaume-Uni
100%
Royaume-Uni
100%
Royaume-Uni
100%
Royaume-Uni
100%
Royaume-Uni
100%
Royaume-Uni
100%
Royaume-Uni
100%
Royaume-Uni
100%
Royaume-Uni
100%
Russie
100%
Russie
100%
Russie
100%
Russie
100%
Russie
100%
Russie
100%
Sénégal
100%
Somalie
100%
Somalie
100%
Somalie
100%
Somalie
100%
Somalie
100%
Sri Lanka
100%
Suède
100%
Suède
100%
Turquie
100%
Turquie
100%
Turquie
100%
Viêt Nam
100%
Viêt Nam
100%
Canada
98%
États-Unis
98%
Inde
98%
Allemagne
97%
Allemagne
97%
Australie
97%
Australie
97%
Brésil
97%
Canada
97%
Chili
97%
Chili
97%
Chili
97%
Chili
97%
Chine
97%
Chypre
97%
Égypte
97%
Égypte
97%
Égypte
97%
Égypte
97%
Espagne
97%
Espagne
97%
Espagne
97%
Espagne
97%
États-Unis
97%
États-Unis
97%
États-Unis
97%
Grèce
97%
Inde
97%
Inde
97%
Inde
97%
Islande
97%
Islande
97%
Islande
97%
Islande
97%
Islande
97%
Italie
97%
Italie
97%
Italie
97%
Italie
97%
Japon
97%
Japon
97%
Japon
97%
Japon
97%
Japon
97%
Madagascar
97%
Madagascar
97%
Madagascar
97%
Maroc
97%
Maroc
97%
Maroc
97%
Mexique
97%
Norvège
97%
Norvège
97%
Norvège
97%
Norvège
97%
Norvège
97%
Royaume-Uni
97%
Royaume-Uni
97%
Afrique du Sud
96%
Afrique du Sud
96%
Afrique du Sud
96%
Afrique du Sud
96%
Afrique du Sud
96%
Afrique du Sud
96%
Algérie
96%
Allemagne
96%
Australie
96%
Australie
96%
Australie
96%
Australie
96%
Autriche
96%
Brésil
96%
Brésil
96%
Brésil
96%
Brésil
96%
Canada
96%
Canada
96%
Canada
96%
Canada
96%
Canada
96%
Canada
96%
Canada
96%
Canada
96%
Canada
96%
Chili
96%
Chili
96%
Chili
96%
Chili
96%
Chili
96%
Chili
96%
Chili
96%
Chili
96%
Chili
96%
Chili
96%
Chine
96%
Chine
96%
Chypre
96%
Chypre
96%
Chypre
96%
Chypre
96%
Chypre
96%
Chypre
96%
Chypre
96%
Chypre
96%
Chypre
96%
Croatie
96%
Égypte
96%
Égypte
96%
Égypte
96%
Égypte
96%
Espagne
96%
Espagne
96%
Espagne
96%
Espagne
96%
Espagne
96%
Espagne
96%
Espagne
96%
Espagne
96%
Espagne
96%
Espagne
96%
Espagne
96%
Espagne
96%
Espagne
96%
États-Unis
96%
États-Unis
96%
États-Unis
96%
États-Unis
96%
États-Unis
96%
États-Unis
96%
États-Unis
96%
États-Unis
96%
France
96%
France
96%
France
96%
France
96%
Grèce
96%
Grèce
96%
Grèce
96%
Grèce
96%
Grèce
96%
Inde
96%
Inde
96%
Inde
96%
Inde
96%
Inde
96%
Indonésie
96%
Indonésie
96%
Indonésie
96%
Indonésie
96%
Indonésie
96%
Islande
96%
Islande
96%
Islande
96%
Islande
96%
Islande
96%
Islande
96%
Islande
96%
Italie
96%
Italie
96%
Italie
96%
Italie
96%
Italie
96%
Italie
96%
Italie
96%
Italie
96%
Japon
96%
Japon
96%
Japon
96%
Japon
96%
Japon
96%
Japon
96%
Japon
96%
Japon
96%
Japon
96%
Japon
96%
Madagascar
96%
Madagascar
96%
Madagascar
96%
Maroc
96%
Mexique
96%
Mexique
96%
Mexique
96%
Mexique
96%
Mexique
96%
Mexique
96%
Mexique
96%
Mexique
96%
Norvège
96%
Norvège
96%
Norvège
96%
Norvège
96%
Nouvelle-Zélande
96%
Royaume-Uni
96%
Royaume-Uni
96%
Royaume-Uni
96%
Royaume-Uni
96%
Royaume-Uni
96%
Royaume-Uni
96%
Royaume-Uni
96%
Royaume-Uni
96%
Russie
96%
Russie
96%
Russie
96%
Russie
96%
Russie
96%
Russie
96%
Russie
96%
Russie
96%
Russie
96%
Russie
96%
Somalie
96%
Suède
96%
Turquie
96%
Viêt Nam
96%
Afrique du Sud
95%
Algérie
95%
Allemagne
95%
Allemagne
95%
Allemagne
95%
Australie
95%
Australie
95%
Australie
95%
Autriche
95%
Autriche
95%
Autriche
95%
Autriche
95%
Brésil
95%
Canada
95%
Canada
95%
Canada
95%
Canada
95%
Canada
95%
Canada
95%
Canada
95%
Chili
95%
Chili
95%
Chili
95%
Chili
95%
Chili
95%
Chili
95%
Chili
95%
Chili
95%
Chili
95%
Chine
95%
Chine
95%
Chine
95%
Chypre
95%
Chypre
95%
Chypre
95%
Croatie
95%
Croatie
95%
Croatie
95%
Égypte
95%
Égypte
95%
Égypte
95%
Égypte
95%
Égypte
95%
Égypte
95%
Égypte
95%
Espagne
95%
Espagne
95%
Espagne
95%
États-Unis
95%
États-Unis
95%
France
95%
France
95%
Grèce
95%
Grèce
95%
Grèce
95%
Grèce
95%
Inde
95%
Inde
95%
Inde
95%
Indonésie
95%
Indonésie
95%
Indonésie
95%
Indonésie
95%
Indonésie
95%
Irlande
95%
Islande
95%
Islande
95%
Islande
95%
Islande
95%
Islande
95%
Islande
95%
Italie
95%
Italie
95%
Italie
95%
Italie
95%
Japon
95%
Japon
95%
Madagascar
95%
Maroc
95%
Maroc
95%
Maroc
95%
Mexique
95%
Mexique
95%
Mexique
95%
Norvège
95%
Norvège
95%
Norvège
95%
Nouvelle-Zélande
95%
Philippines
95%
Philippines
95%
Portugal
95%
Royaume-Uni
95%
Royaume-Uni
95%
Royaume-Uni
95%
Royaume-Uni
95%
Royaume-Uni
95%
Royaume-Uni
95%
Royaume-Uni
95%
Royaume-Uni
95%
Royaume-Uni
95%
Royaume-Uni
95%
Royaume-Uni
95%
Royaume-Uni
95%
Russie
95%
Russie
95%
Russie
95%
Russie
95%
Russie
95%
Russie
95%
Somalie
95%
Somalie
95%
Sri Lanka
95%
Turquie
95%
Turquie
95%
Turquie
95%
Allemagne
94%
Allemagne
94%
Argentine
94%
Australie
94%
Australie
94%
Autriche
94%
Autriche
94%
Autriche
94%
Brésil
94%
Brésil
94%
Canada
94%
Canada
94%
Canada
94%
Chili
94%
Chili
94%
Chine
94%
Chine
94%
Chypre
94%
Croatie
94%
Croatie
94%
Croatie
94%
Croatie
94%
Égypte
94%
Égypte
94%
Espagne
94%
Espagne
94%
États-Unis
94%
États-Unis
94%
États-Unis
94%
États-Unis
94%
Grèce
94%
Grèce
94%
Inde
94%
Indonésie
94%
Indonésie
94%
Indonésie
94%
Indonésie
94%
Islande
94%
Islande
94%
Italie
94%
Italie
94%
Italie
94%
Japon
94%
Japon
94%
Japon
94%
Japon
94%
Madagascar
94%
Madagascar
94%
Mali
94%
Mali
94%
Maroc
94%
Maroc
94%
Mexique
94%
Mexique
94%
Mexique
94%
Mexique
94%
Mexique
94%
Namibie
94%
Népal
94%
Norvège
94%
Papouasie-Nouvelle-Guinée
94%
Portugal
94%
Russie
94%
Russie
94%
Russie
94%
Russie
94%
Russie
94%
Somalie
94%
Somalie
94%
Somalie
94%
Turquie
94%
Viêt Nam
94%
Viêt Nam
94%
Afrique du Sud
93%
Afrique du Sud
93%
Allemagne
93%
Allemagne
93%
Allemagne
93%
Argentine
93%
Argentine
93%
Argentine
93%
Australie
93%
Australie
93%
Brésil
93%
Brésil
93%
Brésil
93%
Brésil
93%
Canada
93%
Canada
93%
Canada
93%
Canada
93%
Chili
93%
Chili
93%
Chili
93%
Chine
93%
Chine
93%
Chine
93%
Chypre
93%
Chypre
93%
Chypre
93%
Croatie
93%
Croatie
93%
Croatie
93%
Croatie
93%
Croatie
93%
Croatie
93%
Égypte
93%
Espagne
93%
France
93%
Grèce
93%
Grèce
93%
Grèce
93%
Grèce
93%
Grèce
93%
Inde
93%
Inde
93%
Inde
93%
Inde
93%
Indonésie
93%
Indonésie
93%
Irlande
93%
Israël
93%
Israël
93%
Italie
93%
Japon
93%
Japon
93%
Madagascar
93%
Madagascar
93%
Madagascar
93%
Madagascar
93%
Madagascar
93%
Mali
93%
Maroc
93%
Mexique
93%
Mexique
93%
Norvège
93%
Norvège
93%
Norvège
93%
Royaume-Uni
93%
Royaume-Uni
93%
Royaume-Uni
93%
Royaume-Uni
93%
Russie
93%
Russie
93%
Russie
93%
Russie
93%
Russie
93%
Russie
93%
Somalie
93%
Viêt Nam
93%
Viêt Nam
93%
Afrique du Sud
92%
Afrique du Sud
92%
Afrique du Sud
92%
Argentine
92%
Argentine
92%
Autriche
92%
Brésil
92%
Brésil
92%
Canada
92%
Canada
92%
Chili
92%
Chili
92%
Chine
92%
Chine
92%
Chypre
92%
Chypre
92%
Chypre
92%
Chypre
92%
Chypre
92%
Croatie
92%
Danemark
92%
Égypte
92%
Égypte
92%
Espagne
92%
Espagne
92%
États-Unis
92%
États-Unis
92%
Éthiopie
92%
Grèce
92%
Inde
92%
Inde
92%
Inde
92%
Indonésie
92%
Indonésie
92%
Indonésie
92%
Islande
92%
Islande
92%
Islande
92%
Italie
92%
Italie
92%
Japon
92%
Japon
92%
Libye
92%
Madagascar
92%
Madagascar
92%
Madagascar
92%
Maroc
92%
Maroc
92%
Maroc
92%
Mexique
92%
Mexique
92%
Nouvelle-Zélande
92%
Nouvelle-Zélande
92%
Pakistan
92%
Papouasie-Nouvelle-Guinée
92%
Portugal
92%
Portugal
92%
Royaume-Uni
92%
Royaume-Uni
92%
Royaume-Uni
92%
Russie
92%
Russie
92%
Russie
92%
Somalie
92%
Somalie
92%
Suède
92%
Thaïlande
92%
Turquie
92%
Turquie
92%
Turquie
92%
Afrique du Sud
91%
Afrique du Sud
91%
Afrique du Sud
91%
Afrique du Sud
91%
Afrique du Sud
91%
Algérie
91%
Allemagne
91%
Allemagne
91%
Australie
91%
Autriche
91%
Autriche
91%
Brésil
91%
Canada
91%
Canada
91%
Canada
91%
Chili
91%
Chili
91%
Chine
91%
Chine
91%
Chypre
91%
Chypre
91%
Croatie
91%
Croatie
91%
Croatie
91%
Égypte
91%
Espagne
91%
Espagne
91%
Finlande
91%
Grèce
91%
Grèce
91%
Grèce
91%
Grèce
91%
Inde
91%
Inde
91%
Indonésie
91%
Indonésie
91%
Indonésie
91%
Islande
91%
Islande
91%
Islande
91%
Italie
91%
Japon
91%
Japon
91%
Madagascar
91%
Madagascar
91%
Madagascar
91%
Madagascar
91%
Madagascar
91%
Mali
91%
Mali
91%
Mexique
91%
Mexique
91%
Mexique
91%
Norvège
91%
Norvège
91%
Norvège
91%
Nouvelle-Zélande
91%
Royaume-Uni
91%
Royaume-Uni
91%
Royaume-Uni
91%
Russie
91%
Russie
91%
Russie
91%
Russie
91%
Russie
91%
Russie
91%
Sénégal
91%
Somalie
91%
Somalie
91%
Sri Lanka
91%
Suède
91%
Turquie
91%
Turquie
91%
Ukraine
91%
Viêt Nam
91%
Viêt Nam
91%
Viêt Nam
91%
Afrique du Sud
90%
Afrique du Sud
90%
Afrique du Sud
90%
Allemagne
90%
Allemagne
90%
Argentine
90%
Argentine
90%
Australie
90%
Australie
90%
Autriche
90%
Autriche
90%
Autriche
90%
Autriche
90%
Autriche
90%
Autriche
90%
Autriche
90%
Brésil
90%
Brésil
90%
Brésil
90%
Brésil
90%
Brésil
90%
Canada
90%
Canada
90%
Canada
90%
Canada
90%
Canada
90%
Chili
90%
Chili
90%
Chili
90%
Chine
90%
Chine
90%
Chypre
90%
Chypre
90%
Chypre
90%
Chypre
90%
Danemark
90%
Égypte
90%
Égypte
90%
Égypte
90%
Égypte
90%
Espagne
90%
France
90%
Grèce
90%
Grèce
90%
Indonésie
90%
Indonésie
90%
Indonésie
90%
Indonésie
90%
Indonésie
90%
Indonésie
90%
Irlande
90%
Islande
90%
Islande
90%
Islande
90%
Islande
90%
Islande
90%
Islande
90%
Islande
90%
Islande
90%
Islande
90%
Italie
90%
Italie
90%
Japon
90%
Japon
90%
Japon
90%
Japon
90%
Libye
90%
Madagascar
90%
Madagascar
90%
Madagascar
90%
Maroc
90%
Maroc
90%
Maroc
90%
Mexique
90%
Mexique
90%
Mexique
90%
Mexique
90%
Mexique
90%
Mexique
90%
Mexique
90%
Namibie
90%
Népal
90%
Norvège
90%
Norvège
90%
Nouvelle-Zélande
90%
Papouasie-Nouvelle-Guinée
90%
Philippines
90%
Royaume-Uni
90%
Russie
90%
Russie
90%
Russie
90%
Russie
90%
Russie
90%
Somalie
90%
Suède
90%
Turquie
90%
Turquie
90%
Turquie
90%
Afrique du Sud
89%
Afrique du Sud
89%
Algérie
89%
Algérie
89%
Algérie
89%
Algérie
89%
Allemagne
89%
Allemagne
89%
Allemagne
89%
Argentine
89%
Argentine
89%
Autriche
89%
Autriche
89%
Bénin
89%
Brésil
89%
Brésil
89%
Brésil
89%
Chili
89%
Chine
89%
Chine
89%
Chine
89%
Chypre
89%
Chypre
89%
Croatie
89%
Égypte
89%
Égypte
89%
Espagne
89%
Gambie
89%
Gambie
89%
Grèce
89%
Inde
89%
Inde
89%
Inde
89%
Indonésie
89%
Indonésie
89%
Indonésie
89%
Irlande
89%
Islande
89%
Islande
89%
Islande
89%
Islande
89%
Japon
89%
Laos
89%
Madagascar
89%
Madagascar
89%
Madagascar
89%
Madagascar
89%
Madagascar
89%
Mali
89%
Maroc
89%
Maroc
89%
Maroc
89%
Mexique
89%
Mexique
89%
Mexique
89%
Norvège
89%
Nouvelle-Zélande
89%
Papouasie-Nouvelle-Guinée
89%
Papouasie-Nouvelle-Guinée
89%
Pays-Bas
89%
Portugal
89%
Portugal
89%
Royaume-Uni
89%
Royaume-Uni
89%
Russie
89%
Russie
89%
Russie
89%
Somalie
89%
Suède
89%
Suisse
89%
Suisse
89%
Thaïlande
89%
Turquie
89%
Turquie
89%
Turquie
89%
Turquie
89%
Turquie
89%
Ukraine
89%
Viêt Nam
89%
Afrique du Sud
88%
Afrique du Sud
88%
Argentine
88%
Argentine
88%
Argentine
88%
Argentine
88%
Argentine
88%
Argentine
88%
Australie
88%
Australie
88%
Autriche
88%
Autriche
88%
Autriche
88%
Autriche
88%
Autriche
88%
Birmanie
88%
Brésil
88%
Brésil
88%
Brésil
88%
Brésil
88%
Canada
88%
Canada
88%
Canada
88%
Canada
88%
Chili
88%
Chine
88%
Chine
88%
Chine
88%
Chine
88%
Chine
88%
Chine
88%
Chine
88%
Chypre
88%
Chypre
88%
Chypre
88%
Chypre
88%
Croatie
88%
Croatie
88%
Croatie
88%
Croatie
88%
Croatie
88%
Danemark
88%
Danemark
88%
Égypte
88%
Égypte
88%
Égypte
88%
Égypte
88%
Gambie
88%
Grèce
88%
Grèce
88%
Grèce
88%
Grèce
88%
Grèce
88%
Grèce
88%
Inde
88%
Inde
88%
Indonésie
88%
Indonésie
88%
Indonésie
88%
Indonésie
88%
Irlande
88%
Irlande
88%
Irlande
88%
Irlande
88%
Islande
88%
Islande
88%
Japon
88%
Japon
88%
Madagascar
88%
Madagascar
88%
Madagascar
88%
Madagascar
88%
Madagascar
88%
Madagascar
88%
Madagascar
88%
Mali
88%
Mali
88%
Maroc
88%
Mexique
88%
Mexique
88%
Mexique
88%
Mexique
88%
Nouvelle-Zélande
88%
Nouvelle-Zélande
88%
Nouvelle-Zélande
88%
Portugal
88%
Portugal
88%
Portugal
88%
Royaume-Uni
88%
Russie
88%
Russie
88%
Russie
88%
Russie
88%
Russie
88%
Russie
88%
Sénégal
88%
Sénégal
88%
Somalie
88%
Somalie
88%
Somalie
88%
Sri Lanka
88%
Suède
88%
Thaïlande
88%
Thaïlande
88%
Thaïlande
88%
Thaïlande
88%
Turquie
88%
Ukraine
88%
Ukraine
88%
Ukraine
88%
Viêt Nam
88%
Viêt Nam
88%
Viêt Nam
88%
Viêt Nam
88%
Afrique du Sud
87%
Allemagne
87%
Allemagne
87%
Allemagne
87%
Argentine
87%
Australie
87%
Autriche
87%
Brésil
87%
Chypre
87%
Croatie
87%
Danemark
87%
Danemark
87%
Égypte
87%
Égypte
87%
Égypte
87%
Espagne
87%
Gambie
87%
Grèce
87%
Inde
87%
Indonésie
87%
Indonésie
87%
Indonésie
87%
Irlande
87%
Islande
87%
Japon
87%
Japon
87%
Libye
87%
Norvège
87%
Norvège
87%
Nouvelle-Zélande
87%
Nouvelle-Zélande
87%
Nouvelle-Zélande
87%
Portugal
87%
Portugal
87%
Portugal
87%
Portugal
87%
Russie
87%
Sénégal
87%
Somalie
87%
Somalie
87%
Sri Lanka
87%
Sri Lanka
87%
Suède
87%
Thaïlande
87%
Turquie
87%
Turquie
87%
Viêt Nam
87%
Viêt Nam
87%
Viêt Nam
87%
Afrique du Sud
86%
Afrique du Sud
86%
Algérie
86%
Algérie
86%
Algérie
86%
Allemagne
86%
Allemagne
86%
Allemagne
86%
Allemagne
86%
Allemagne
86%
Argentine
86%
Autriche
86%
Autriche
86%
Autriche
86%
Brésil
86%
Brésil
86%
Canada
86%
Canada
86%
Chine
86%
Chine
86%
Chine
86%
Chypre
86%
Croatie
86%
Cuba
86%
Danemark
86%
Égypte
86%
Finlande
86%
Gambie
86%
Gambie
86%
Indonésie
86%
Irlande
86%
Islande
86%
Israël
86%
Japon
86%
Libye
86%
Madagascar
86%
Madagascar
86%
Madagascar
86%
Madagascar
86%
Mali
86%
Mali
86%
Mali
86%
Maroc
86%
Maroc
86%
Maroc
86%
Mexique
86%
Mexique
86%
Mexique
86%
Mexique
86%
Mexique
86%
Monaco
86%
Namibie
86%
Namibie
86%
Nouvelle-Zélande
86%
Nouvelle-Zélande
86%
Philippines
86%
Portugal
86%
Portugal
86%
Portugal
86%
Portugal
86%
Portugal
86%
Portugal
86%
Roumanie
86%
Russie
86%
Russie
86%
Sénégal
86%
Sénégal
86%
Somalie
86%
Somalie
86%
Somalie
86%
Somalie
86%
Somalie
86%
Somalie
86%
Somalie
86%
Sri Lanka
86%
Sri Lanka
86%
Sri Lanka
86%
Suède
86%
Suisse
86%
Thaïlande
86%
Thaïlande
86%
Thaïlande
86%
Thaïlande
86%
Turquie
86%
Turquie
86%
Turquie
86%
Turquie
86%
Turquie
86%
Turquie
86%
Ukraine
86%
Ukraine
86%
Viêt Nam
86%
Viêt Nam
86%
Afrique du Sud
85%
Afrique du Sud
85%
Algérie
85%
Algérie
85%
Algérie
85%
Allemagne
85%
Allemagne
85%
Allemagne
85%
Allemagne
85%
Argentine
85%
Argentine
85%
Argentine
85%
Australie
85%
Autriche
85%
Autriche
85%
Brésil
85%
Brésil
85%
Canada
85%
Canada
85%
Chine
85%
Chine
85%
Chine
85%
Chine
85%
Chine
85%
Chine
85%
Chine
85%
Chypre
85%
Croatie
85%
Croatie
85%
Croatie
85%
Cuba
85%
Danemark
85%
Égypte
85%
Égypte
85%
Égypte
85%
Égypte
85%
Espagne
85%
Grèce
85%
Grèce
85%
Grèce
85%
Inde
85%
Indonésie
85%
Indonésie
85%
Indonésie
85%
Indonésie
85%
Islande
85%
Islande
85%
Israël
85%
Israël
85%
Japon
85%
Laos
85%
Madagascar
85%
Madagascar
85%
Madagascar
85%
Mali
85%
Mali
85%
Maroc
85%
Maroc
85%
Mexique
85%
Mexique
85%
Mexique
85%
Mexique
85%
Mexique
85%
Mexique
85%
Mozambique
85%
Norvège
85%
Nouvelle-Zélande
85%
Nouvelle-Zélande
85%
Panama
85%
Papouasie-Nouvelle-Guinée
85%
Pays-Bas
85%
Philippines
85%
Portugal
85%
Portugal
85%
Portugal
85%
Portugal
85%
Russie
85%
Russie
85%
Sénégal
85%
Somalie
85%
Sri Lanka
85%
Suède
85%
Suède
85%
Suisse
85%
Tchad
85%
Thaïlande
85%
Thaïlande
85%
Thaïlande
85%
Thaïlande
85%
Turquie
85%
Turquie
85%
Ukraine
85%
Venezuela
85%
Viêt Nam
85%
Viêt Nam
85%
Viêt Nam
85%
Viêt Nam
85%
Afrique du Sud
84%
Afrique du Sud
84%
Algérie
84%
Allemagne
84%
Allemagne
84%
Argentine
84%
Autriche
84%
Autriche
84%
Chine
84%
Croatie
84%
Croatie
84%
Danemark
84%
Espagne
84%
Gambie
84%
Grèce
84%
Grèce
84%
Irlande
84%
Irlande
84%
Islande
84%
Madagascar
84%
Madagascar
84%
Madagascar
84%
Madagascar
84%
Mexique
84%
Namibie
84%
Nouvelle-Zélande
84%
Pays-Bas
84%
Pologne
84%
Portugal
84%
Sénégal
84%
Somalie
84%
Suède
84%
Suède
84%
Thaïlande
84%
Turquie
84%
Ukraine
84%
Viêt Nam
84%
Viêt Nam
84%
Viêt Nam
84%
Afrique du Sud
83%
Afrique du Sud
83%
Afrique du Sud
83%
Afrique du Sud
83%
Afrique du Sud
83%
Albanie
83%
Algérie
83%
Algérie
83%
Algérie
83%
Algérie
83%
Allemagne
83%
Allemagne
83%
Allemagne
83%
Allemagne
83%
Argentine
83%
Argentine
83%
Argentine
83%
Autriche
83%
Autriche
83%
Autriche
83%
Birmanie
83%
Birmanie
83%
Birmanie
83%
Brésil
83%
Brésil
83%
Canada
83%
Canada
83%
Chine
83%
Chine
83%
Chine
83%
Chine
83%
Croatie
83%
Croatie
83%
Croatie
83%
Cuba
83%
Cuba
83%
Égypte
83%
Finlande
83%
Gambie
83%
Gambie
83%
Inde
83%
Indonésie
83%
Irlande
83%
Irlande
83%
Irlande
83%
Irlande
83%
Israël
83%
Israël
83%
Libye
83%
Mali
83%
Mali
83%
Maroc
83%
Maroc
83%
Mexique
83%
Mongolie
83%
Namibie
83%
Namibie
83%
Namibie
83%
Népal
83%
Népal
83%
Norvège
83%
Nouvelle-Zélande
83%
Nouvelle-Zélande
83%
Pays-Bas
83%
Pays-Bas
83%
Philippines
83%
Philippines
83%
Russie
83%
Russie
83%
Russie
83%
Sénégal
83%
Sénégal
83%
Somalie
83%
Somalie
83%
Somalie
83%
Somalie
83%
Somalie
83%
Somalie
83%
Sri Lanka
83%
Sri Lanka
83%
Sri Lanka
83%
Sri Lanka
83%
Suède
83%
Suède
83%
Thaïlande
83%
Thaïlande
83%
Thaïlande
83%
Thaïlande
83%
Thaïlande
83%
Thaïlande
83%
Thaïlande
83%
Thaïlande
83%
Turquie
83%
Turquie
83%
Turquie
83%
Turquie
83%
Ukraine
83%
Viêt Nam
83%
Viêt Nam
83%
Viêt Nam
83%
Viêt Nam
83%
Viêt Nam
83%
Viêt Nam
83%
Afrique du Sud
82%
Afrique du Sud
82%
Afrique du Sud
82%
Allemagne
82%
Allemagne
82%
Allemagne
82%
Autriche
82%
Bosnie-Herzégovine
82%
Croatie
82%
Finlande
82%
Grèce
82%
Irlande
82%
Irlande
82%
Irlande
82%
Israël
82%
Israël
82%
Israël
82%
Japon
82%
Kosovo
82%
Laos
82%
Madagascar
82%
Mali
82%
Maroc
82%
Mexique
82%
Monaco
82%
Monaco
82%
Mongolie
82%
Namibie
82%
Nouvelle-Zélande
82%
Nouvelle-Zélande
82%
Papouasie-Nouvelle-Guinée
82%
Philippines
82%
Portugal
82%
Roumanie
82%
Sénégal
82%
Somalie
82%
Sri Lanka
82%
Suède
82%
Suède
82%
Suède
82%
Suède
82%
Thaïlande
82%
Thaïlande
82%
Turquie
82%
Turquie
82%
Turquie
82%
Turquie
82%
Turquie
82%
Ukraine
82%
Viêt Nam
82%
Afrique du Sud
81%
Afrique du Sud
81%
Afrique du Sud
81%
Afrique du Sud
81%
Algérie
81%
Allemagne
81%
Allemagne
81%
Allemagne
81%
Argentine
81%
Argentine
81%
Autriche
81%
Autriche
81%
Birmanie
81%
Canada
81%
Croatie
81%
Croatie
81%
Croatie
81%
Croatie
81%
Cuba
81%
Cuba
81%
Cuba
81%
Cuba
81%
Danemark
81%
Danemark
81%
Égypte
81%
Égypte
81%
Éthiopie
81%
Gambie
81%
Grèce
81%
Indonésie
81%
Indonésie
81%
Irlande
81%
Irlande
81%
Irlande
81%
Irlande
81%
Irlande
81%
Irlande
81%
Islande
81%
Islande
81%
Islande
81%
Israël
81%
Libye
81%
Libye
81%
Madagascar
81%
Mali
81%
Mali
81%
Mali
81%
Mali
81%
Mali
81%
Mexique
81%
Népal
81%
Nouvelle-Zélande
81%
Nouvelle-Zélande
81%
Nouvelle-Zélande
81%
Oman
81%
Pakistan
81%
Papouasie-Nouvelle-Guinée
81%
Papouasie-Nouvelle-Guinée
81%
Papouasie-Nouvelle-Guinée
81%
Papouasie-Nouvelle-Guinée
81%
Papouasie-Nouvelle-Guinée
81%
Pays-Bas
81%
Pays-Bas
81%
Pays-Bas
81%
Philippines
81%
Philippines
81%
Philippines
81%
Portugal
81%
Portugal
81%
Portugal
81%
Roumanie
81%
Sénégal
81%
Sénégal
81%
Sénégal
81%
Sénégal
81%
Somalie
81%
Somalie
81%
Somalie
81%
Soudan
81%
Soudan
81%
Sri Lanka
81%
Sri Lanka
81%
Sri Lanka
81%
Sri Lanka
81%
Sri Lanka
81%
Suède
81%
Suède
81%
Suède
81%
Suède
81%
Suède
81%
Suède
81%
Suisse
81%
Tchad
81%
Thaïlande
81%
Thaïlande
81%
Thaïlande
81%
Turquie
81%
Turquie
81%
Turquie
81%
Ukraine
81%
Vatican
81%
Viêt Nam
81%
Viêt Nam
81%
Afrique du Sud
80%
Afrique du Sud
80%
Algérie
80%
Algérie
80%
Allemagne
80%
Allemagne
80%
Argentine
80%
Bénin
80%
Brésil
80%
Brésil
80%
Brésil
80%
Chine
80%
Chine
80%
Chypre
80%
Croatie
80%
Cuba
80%
Cuba
80%
Cuba
80%
Danemark
80%
Égypte
80%
Gambie
80%
Gambie
80%
Gambie
80%
Gambie
80%
Indonésie
80%
Indonésie
80%
Irlande
80%
Irlande
80%
Islande
80%
Israël
80%
Kazakhstan
80%
Laos
80%
Mali
80%
Mali
80%
Maroc
80%
Mexique
80%
Moldavie
80%
Mongolie
80%
Mozambique
80%
Népal
80%
Népal
80%
Nouvelle-Zélande
80%
Nouvelle-Zélande
80%
Nouvelle-Zélande
80%
Papouasie-Nouvelle-Guinée
80%
Pays-Bas
80%
Portugal
80%
Sénégal
80%
Sénégal
80%
Sri Lanka
80%
Sri Lanka
80%
Sri Lanka
80%
Sri Lanka
80%
Sri Lanka
80%
Suède
80%
Suède
80%
Suède
80%
Suède
80%
Tchad
80%
Thaïlande
80%
Thaïlande
80%
Turquie
80%
Turquie
80%
Turquie
80%
Viêt Nam
80%
Viêt Nam
80%
Algérie
79%
Algérie
79%
Allemagne
79%
Allemagne
79%
Allemagne
79%
Argentine
79%
Argentine
79%
Autriche
79%
Autriche
79%
Bénin
79%
Birmanie
79%
Birmanie
79%
Birmanie
79%
Brésil
79%
Chypre
79%
Chypre
79%
Croatie
79%
Cuba
79%
Cuba
79%
Cuba
79%
Danemark
79%
Danemark
79%
Gambie
79%
Gambie
79%
Grèce
79%
Indonésie
79%
Irlande
79%
Irlande
79%
Israël
79%
Mali
79%
Mali
79%
Mali
79%
Namibie
79%
Namibie
79%
Népal
79%
Nouvelle-Zélande
79%
Nouvelle-Zélande
79%
Nouvelle-Zélande
79%
Nouvelle-Zélande
79%
Nouvelle-Zélande
79%
Nouvelle-Zélande
79%
Papouasie-Nouvelle-Guinée
79%
Papouasie-Nouvelle-Guinée
79%
Papouasie-Nouvelle-Guinée
79%
Pays-Bas
79%
Pays-Bas
79%
Pays-Bas
79%
Pérou
79%
Philippines
79%
Pologne
79%
Portugal
79%
Roumanie
79%
Sénégal
79%
Sénégal
79%
Sénégal
79%
Somalie
79%
Somalie
79%
Somalie
79%
Soudan
79%
Sri Lanka
79%
Sri Lanka
79%
Sri Lanka
79%
Sri Lanka
79%
Sri Lanka
79%
Suède
79%
Suède
79%
Suède
79%
Suisse
79%
Suisse
79%
Taïwan
79%
Tchad
79%
Thaïlande
79%
Thaïlande
79%
Thaïlande
79%
Turquie
79%
Ukraine
79%
Ukraine
79%
Viêt Nam
79%
Viêt Nam
79%
Algérie
78%
Algérie
78%
Algérie
78%
Allemagne
78%
Argentine
78%
Argentine
78%
Argentine
78%
Autriche
78%
Birmanie
78%
Cameroun
78%
Chine
78%
Chine
78%
Cuba
78%
Cuba
78%
Grèce
78%
Îles Salomon
78%
Indonésie
78%
Irlande
78%
Irlande
78%
Irlande
78%
Irlande
78%
Kazakhstan
78%
Kazakhstan
78%
Libye
78%
Mali
78%
Mali
78%
Maroc
78%
Mexique
78%
Monaco
78%
Mozambique
78%
Namibie
78%
Népal
78%
Nouvelle-Zélande
78%
Papouasie-Nouvelle-Guinée
78%
Pays-Bas
78%
Pays-Bas
78%
Pologne
78%
Pologne
78%
République Démocratique du Congo
78%
République Démocratique du Congo
78%
Roumanie
78%
Sénégal
78%
Sénégal
78%
Sénégal
78%
Sénégal
78%
Somalie
78%
Suède
78%
Suède
78%
Suède
78%
Suisse
78%
Tchad
78%
Turquie
78%
Ukraine
78%
Viêt Nam
78%
Viêt Nam
78%
Yémen
78%
Afrique du Sud
77%
Afrique du Sud
77%
Algérie
77%
Algérie
77%
Allemagne
77%
Allemagne
77%
Angola
77%
Angola
77%
Argentine
77%
Croatie
77%
Cuba
77%
Cuba
77%
Cuba
77%
Cuba
77%
Finlande
77%
Gambie
77%
Gambie
77%
Gambie
77%
Gambie
77%
Irlande
77%
Israël
77%
Israël
77%
Israël
77%
Jordanie
77%
Libye
77%
Libye
77%
Mali
77%
Mali
77%
Mali
77%
Mali
77%
Mexique
77%
Mongolie
77%
Namibie
77%
Namibie
77%
Namibie
77%
Namibie
77%
Nouvelle-Zélande
77%
Pakistan
77%
Paraguay
77%
Pays-Bas
77%
Pays-Bas
77%
Pérou
77%
Pologne
77%
Pologne
77%
Portugal
77%
Portugal
77%
Portugal
77%
Portugal
77%
République Démocratique du Congo
77%
République Démocratique du Congo
77%
République Tchèque
77%
Russie
77%
Sénégal
77%
Somalie
77%
Sri Lanka
77%
Sri Lanka
77%
Sri Lanka
77%
Sri Lanka
77%
Suède
77%
Suède
77%
Suède
77%
Suisse
77%
Suisse
77%
Suisse
77%
Tchad
77%
Thaïlande
77%
Ukraine
77%
Ukraine
77%
Ukraine
77%
Viêt Nam
77%
Allemagne
76%
Allemagne
76%
Allemagne
76%
Allemagne
76%
Allemagne
76%
Allemagne
76%
Argentine
76%
Autriche
76%
Autriche
76%
Bénin
76%
Birmanie
76%
Birmanie
76%
Birmanie
76%
Bosnie-Herzégovine
76%
Brésil
76%
Chine
76%
Chypre
76%
Cuba
76%
Danemark
76%
Danemark
76%
Finlande
76%
Gambie
76%
Gambie
76%
Gambie
76%
Gambie
76%
Inde
76%
Irlande
76%
Israël
76%
Israël
76%
Israël
76%
Israël
76%
Kosovo
76%
Laos
76%
Laos
76%
Libye
76%
Madagascar
76%
Mali
76%
Mali
76%
Maroc
76%
Mauritanie
76%
Mongolie
76%
Mongolie
76%
Mozambique
76%
Namibie
76%
Namibie
76%
Namibie
76%
Namibie
76%
Namibie
76%
Nouvelle-Zélande
76%
Nouvelle-Zélande
76%
Pakistan
76%
Papouasie-Nouvelle-Guinée
76%
Philippines
76%
Philippines
76%
Pologne
76%
Pologne
76%
Portugal
76%
Portugal
76%
Portugal
76%
Portugal
76%
Portugal
76%
Sénégal
76%
Sénégal
76%
Sénégal
76%
Sénégal
76%
Sénégal
76%
Somalie
76%
Soudan
76%
Soudan
76%
Soudan
76%
Sri Lanka
76%
Sri Lanka
76%
Sri Lanka
76%
Suède
76%
Suède
76%
Tchad
76%
Thaïlande
76%
Turquie
76%
Turquie
76%
Ukraine
76%
Ukraine
76%
Viêt Nam
76%
Algérie
75%
Algérie
75%
Algérie
75%
Allemagne
75%
Angola
75%
Angola
75%
Argentine
75%
Autriche
75%
Autriche
75%
Belgique
75%
Birmanie
75%
Birmanie
75%
Birmanie
75%
Cuba
75%
Danemark
75%
Finlande
75%
Finlande
75%
Gambie
75%
Gambie
75%
Gambie
75%
Gambie
75%
Hongrie
75%
Israël
75%
Kazakhstan
75%
Kosovo
75%
Laos
75%
Libye
75%
Libye
75%
Libye
75%
Libye
75%
Mali
75%
Mauritanie
75%
Mauritanie
75%
Mongolie
75%
Mozambique
75%
Namibie
75%
Namibie
75%
Niger
75%
Papouasie-Nouvelle-Guinée
75%
Papouasie-Nouvelle-Guinée
75%
Philippines
75%
Philippines
75%
Pologne
75%
Pologne
75%
Portugal
75%
République Démocratique du Congo
75%
Roumanie
75%
Sénégal
75%
Sénégal
75%
Sénégal
75%
Somalie
75%
Soudan
75%
Sri Lanka
75%
Suède
75%
Suisse
75%
Suisse
75%
Suisse
75%
Suisse
75%
Taïwan
75%
Taïwan
75%
Thaïlande
75%
Turquie
75%
Turquie
75%
Ukraine
75%
Viêt Nam
75%
Afrique du Sud
74%
Algérie
74%
Algérie
74%
Algérie
74%
Algérie
74%
Allemagne
74%
Allemagne
74%
Angola
74%
Autriche
74%
Autriche
74%
Belgique
74%
Birmanie
74%
Birmanie
74%
Birmanie
74%
Birmanie
74%
Birmanie
74%
Birmanie
74%
Bulgarie
74%
Cameroun
74%
Croatie
74%
Cuba
74%
Finlande
74%
Finlande
74%
Gambie
74%
Gambie
74%
Iran
74%
Irlande
74%
Israël
74%
Kazakhstan
74%
Kosovo
74%
Kosovo
74%
Libye
74%
Libye
74%
Libye
74%
Mali
74%
Mauritanie
74%
Moldavie
74%
Mongolie
74%
Mozambique
74%
Namibie
74%
Namibie
74%
Namibie
74%
Népal
74%
Népal
74%
Nouvelle-Zélande
74%
Nouvelle-Zélande
74%
Nouvelle-Zélande
74%
Panama
74%
Papouasie-Nouvelle-Guinée
74%
Papouasie-Nouvelle-Guinée
74%
Philippines
74%
Philippines
74%
Philippines
74%
Philippines
74%
Pologne
74%
Pologne
74%
Pologne
74%
Portugal
74%
République du Congo
74%
République Tchèque
74%
Roumanie
74%
Roumanie
74%
Sénégal
74%
Sénégal
74%
Sénégal
74%
Soudan
74%
Sri Lanka
74%
Suède
74%
Suède
74%
Suède
74%
Suède
74%
Suisse
74%
Suisse
74%
Suisse
74%
Syrie
74%
Tchad
74%
Turquie
74%
Turquie
74%
Turquie
74%
Turquie
74%
Ukraine
74%
Ukraine
74%
Ukraine
74%
Vatican
74%
Vatican
74%
Viêt Nam
74%
Albanie
73%
Algérie
73%
Algérie
73%
Algérie
73%
Algérie
73%
Allemagne
73%
Allemagne
73%
Angola
73%
Arabie Saoudite
73%
Argentine
73%
Argentine
73%
Argentine
73%
Argentine
73%
Argentine
73%
Autriche
73%
Autriche
73%
Birmanie
73%
Birmanie
73%
Cuba
73%
Danemark
73%
Finlande
73%
Haïti
73%
Irlande
73%
Israël
73%
Israël
73%
Israël
73%
Israël
73%
Kazakhstan
73%
Kosovo
73%
Kosovo
73%
Laos
73%
Laos
73%
Libye
73%
Mali
73%
Mali
73%
Mali
73%
Mali
73%
Mauritanie
73%
Mozambique
73%
Namibie
73%
Namibie
73%
Namibie
73%
Nouvelle-Zélande
73%
Nouvelle-Zélande
73%
Nouvelle-Zélande
73%
Papouasie-Nouvelle-Guinée
73%
Pérou
73%
Philippines
73%
Philippines
73%
Pologne
73%
Portugal
73%
Portugal
73%
Portugal
73%
Roumanie
73%
Roumanie
73%
Sénégal
73%
Sénégal
73%
Sénégal
73%
Sénégal
73%
Sénégal
73%
Slovaquie
73%
Somalie
73%
Somalie
73%
Soudan
73%
Sri Lanka
73%
Sri Lanka
73%
Sri Lanka
73%
Suède
73%
Suisse
73%
Suisse
73%
Taïwan
73%
Tchad
73%
Thaïlande
73%
Thaïlande
73%
Thaïlande
73%
Thaïlande
73%
Turquie
73%
Ukraine
73%
Viêt Nam
73%
Yémen
73%
Algérie
72%
Algérie
72%
Algérie
72%
Allemagne
72%
Argentine
72%
Argentine
72%
Belgique
72%
Birmanie
72%
Bosnie-Herzégovine
72%
Bosnie-Herzégovine
72%
Cuba
72%
Cuba
72%
Danemark
72%
Danemark
72%
Éthiopie
72%
Finlande
72%
Finlande
72%
Finlande
72%
Finlande
72%
Gambie
72%
Gambie
72%
Indonésie
72%
Iran
72%
Israël
72%
Israël
72%
Israël
72%
Kosovo
72%
Kosovo
72%
Mali
72%
Monaco
72%
Népal
72%
Népal
72%
Nouvelle-Zélande
72%
Pakistan
72%
Philippines
72%
Roumanie
72%
Somalie
72%
Soudan
72%
Soudan
72%
Suède
72%
Suède
72%
Suisse
72%
Suisse
72%
Syrie
72%
Thaïlande
72%
Thaïlande
72%
Albanie
71%
Algérie
71%
Allemagne
71%
Allemagne
71%
Argentine
71%
Argentine
71%
Argentine
71%
Argentine
71%
Autriche
71%
Bangladesh
71%
Bénin
71%
Birmanie
71%
Birmanie
71%
Birmanie
71%
Birmanie
71%
Birmanie
71%
Bosnie-Herzégovine
71%
Bosnie-Herzégovine
71%
Cameroun
71%
Chine
71%
Croatie
71%
Cuba
71%
Danemark
71%
Danemark
71%
Finlande
71%
Gambie
71%
Gambie
71%
Gambie
71%
Ghana
71%
Grèce
71%
Iran
71%
Iran
71%
Iran
71%
Israël
71%
Israël
71%
Kazakhstan
71%
Kosovo
71%
Kosovo
71%
Laos
71%
Laos
71%
Mali
71%
Mali
71%
Mali
71%
Mauritanie
71%
Mauritanie
71%
Mauritanie
71%
Mozambique
71%
Namibie
71%
Namibie
71%
Namibie
71%
Népal
71%
Népal
71%
Népal
71%
Nouvelle-Zélande
71%
Nouvelle-Zélande
71%
Nouvelle-Zélande
71%
Nouvelle-Zélande
71%
Oman
71%
Pakistan
71%
Papouasie-Nouvelle-Guinée
71%
Papouasie-Nouvelle-Guinée
71%
Papouasie-Nouvelle-Guinée
71%
Pays-Bas
71%
Pays-Bas
71%
Philippines
71%
Pologne
71%
République Démocratique du Congo
71%
République Démocratique du Congo
71%
République Démocratique du Congo
71%
Roumanie
71%
Serbie
71%
Somalie
71%
Soudan
71%
Sri Lanka
71%
Sri Lanka
71%
Suède
71%
Suède
71%
Suisse
71%
Taïwan
71%
Tchad
71%
Thaïlande
71%
Thaïlande
71%
Thaïlande
71%
Tunisie
71%
Ukraine
71%
Ukraine
71%
Viêt Nam
71%
Viêt Nam
71%
Yémen
71%
Albanie
70%
Angola
70%
Angola
70%
Argentine
70%
Argentine
70%
Argentine
70%
Autriche
70%
Autriche
70%
Autriche
70%
Autriche
70%
Autriche
70%
Bénin
70%
Bénin
70%
Birmanie
70%
Cuba
70%
Cuba
70%
Cuba
70%
Cuba
70%
Danemark
70%
Danemark
70%
Finlande
70%
Finlande
70%
Finlande
70%
Gambie
70%
Gambie
70%
Gambie
70%
Israël
70%
Israël
70%
Kosovo
70%
Kosovo
70%
Laos
70%
Libye
70%
Libye
70%
Libye
70%
Macédoine du Nord
70%
Mali
70%
Mauritanie
70%
Mauritanie
70%
Mozambique
70%
Namibie
70%
Namibie
70%
Namibie
70%
Namibie
70%
Népal
70%
Népal
70%
Népal
70%
Népal
70%
Niger
70%
Niger
70%
Oman
70%
Pakistan
70%
Pakistan
70%
Pakistan
70%
Papouasie-Nouvelle-Guinée
70%
Papouasie-Nouvelle-Guinée
70%
Papouasie-Nouvelle-Guinée
70%
Papouasie-Nouvelle-Guinée
70%
Papouasie-Nouvelle-Guinée
70%
Philippines
70%
Philippines
70%
Pologne
70%
Pologne
70%
République Démocratique du Congo
70%
République Démocratique du Congo
70%
République Démocratique du Congo
70%
République Démocratique du Congo
70%
République Tchèque
70%
Roumanie
70%
Roumanie
70%
Sénégal
70%
Sénégal
70%
Serbie
70%
Somalie
70%
Somalie
70%
Soudan
70%
Sri Lanka
70%
Suède
70%
Suède
70%
Suède
70%
Suisse
70%
Thaïlande
70%
Ukraine
70%
Ukraine
70%
Ukraine
70%
Vatican
70%
Vatican
70%
Viêt Nam
70%
Viêt Nam
70%
Zambie
70%
Allemagne
69%
Angola
69%
Autriche
69%
Bangladesh
69%
Belgique
69%
Belgique
69%
Birmanie
69%
Bosnie-Herzégovine
69%
Cuba
69%
Cuba
69%
Cuba
69%
Danemark
69%
Danemark
69%
Danemark
69%
Hongrie
69%
Indonésie
69%
Israël
69%
Kazakhstan
69%
Kosovo
69%
Laos
69%
Libye
69%
Libye
69%
Libye
69%
Libye
69%
Monaco
69%
Monaco
69%
Mongolie
69%
Namibie
69%
Népal
69%
Oman
69%
Papouasie-Nouvelle-Guinée
69%
Pays-Bas
69%
Pays-Bas
69%
Pays-Bas
69%
République Démocratique du Congo
69%
République Tchèque
69%
Roumanie
69%
Sénégal
69%
Soudan
69%
Sri Lanka
69%
Suède
69%
Suisse
69%
Tchad
69%
Ukraine
69%
Venezuela
69%
Zambie
69%
Albanie
68%
Albanie
68%
Allemagne
68%
Allemagne
68%
Angola
68%
Belgique
68%
Belgique
68%
Bénin
68%
Bénin
68%
Bénin
68%
Birmanie
68%
Bosnie-Herzégovine
68%
Bosnie-Herzégovine
68%
Cuba
68%
Cuba
68%
Cuba
68%
Danemark
68%
Danemark
68%
Danemark
68%
Danemark
68%
Danemark
68%
Érythrée
68%
Érythrée
68%
Éthiopie
68%
Finlande
68%
Finlande
68%
Finlande
68%
Gambie
68%
Hongrie
68%
Israël
68%
Israël
68%
Israël
68%
Israël
68%
Kazakhstan
68%
Kosovo
68%
Laos
68%
Laos
68%
Laos
68%
Laos
68%
Libye
68%
Libye
68%
Libye
68%
Libye
68%
Libye
68%
Macédoine du Nord
68%
Moldavie
68%
Moldavie
68%
Monaco
68%
Monaco
68%
Mongolie
68%
Mongolie
68%
Mozambique
68%
Namibie
68%
Namibie
68%
Namibie
68%
Namibie
68%
Népal
68%
Népal
68%
Nouvelle-Zélande
68%
Pakistan
68%
Pakistan
68%
Pakistan
68%
Panama
68%
Papouasie-Nouvelle-Guinée
68%
Papouasie-Nouvelle-Guinée
68%
Papouasie-Nouvelle-Guinée
68%
Pays-Bas
68%
Pays-Bas
68%
Pérou
68%
Philippines
68%
Philippines
68%
Philippines
68%
Pologne
68%
Pologne
68%
Pologne
68%
Pologne
68%
Portugal
68%
République Démocratique du Congo
68%
République Démocratique du Congo
68%
République Tchèque
68%
Sénégal
68%
Somalie
68%
Soudan
68%
Soudan
68%
Soudan
68%
Sri Lanka
68%
Suisse
68%
Suisse
68%
Taïwan
68%
Taïwan
68%
Taïwan
68%
Taïwan
68%
Tchad
68%
Tchad
68%
Tchad
68%
Thaïlande
68%
Ukraine
68%
Ukraine
68%
Vatican
68%
Venezuela
68%
Viêt Nam
68%
Viêt Nam
68%
Yémen
68%
Yémen
68%
Albanie
67%
Algérie
67%
Algérie
67%
Algérie
67%
Angola
67%
Angola
67%
Arabie Saoudite
67%
Argentine
67%
Argentine
67%
Belgique
67%
Bénin
67%
Bénin
67%
Bénin
67%
Burkina Faso
67%
Danemark
67%
Danemark
67%
Danemark
67%
Danemark
67%
Danemark
67%
Érythrée
67%
Érythrée
67%
Éthiopie
67%
Éthiopie
67%
Finlande
67%
Finlande
67%
Finlande
67%
Finlande
67%
Gabon
67%
Gambie
67%
Gambie
67%
Gambie
67%
Gambie
67%
Gambie
67%
Haïti
67%
Iran
67%
Irlande
67%
Irlande
67%
Israël
67%
Israël
67%
Kazakhstan
67%
Kazakhstan
67%
Kazakhstan
67%
Kazakhstan
67%
Kazakhstan
67%
Kirghizistan
67%
Kosovo
67%
Kosovo
67%
Kosovo
67%
Laos
67%
Laos
67%
Lettonie
67%
Libye
67%
Libye
67%
Libye
67%
Libye
67%
Mauritanie
67%
Mauritanie
67%
Mauritanie
67%
Monaco
67%
Monaco
67%
Mongolie
67%
Mongolie
67%
Mozambique
67%
Mozambique
67%
Mozambique
67%
Mozambique
67%
Namibie
67%
Népal
67%
Népal
67%
Népal
67%
Népal
67%
Niger
67%
Nouvelle-Zélande
67%
Pakistan
67%
Pakistan
67%
Pakistan
67%
Pakistan
67%
Papouasie-Nouvelle-Guinée
67%
Papouasie-Nouvelle-Guinée
67%
Pays-Bas
67%
Pays-Bas
67%
Pérou
67%
Pérou
67%
Pérou
67%
Philippines
67%
Philippines
67%
Philippines
67%
Philippines
67%
Pologne
67%
Pologne
67%
Pologne
67%
Portugal
67%
Portugal
67%
République Démocratique du Congo
67%
République Démocratique du Congo
67%
République du Congo
67%
République Tchèque
67%
République Tchèque
67%
République Tchèque
67%
Roumanie
67%
Sénégal
67%
Sénégal
67%
Sénégal
67%
Somalie
67%
Soudan
67%
Soudan
67%
Suède
67%
Suède
67%
Suède
67%
Suède
67%
Suisse
67%
Suisse
67%
Suisse
67%
Suisse
67%
Suisse
67%
Suisse
67%
Taïwan
67%
Taïwan
67%
Taïwan
67%
Tchad
67%
Tchad
67%
Thaïlande
67%
Tunisie
67%
Ukraine
67%
Ukraine
67%
Ukraine
67%
Vatican
67%
Vatican
67%
Yémen
67%
Yémen
67%
Yémen
67%
Yémen
67%
Albanie
66%
Allemagne
66%
Bénin
66%
Birmanie
66%
Laos
66%
Mali
66%
Mauritanie
66%
Ouzbékistan
66%
Pays-Bas
66%
République Tchèque
66%
Taïwan
66%
Taïwan
66%
Tchad
66%
Yémen
66%
Albanie
65%
Albanie
65%
Allemagne
65%
Angola
65%
Argentine
65%
Autriche
65%
Bangladesh
65%
Belgique
65%
Belgique
65%
Bénin
65%
Bénin
65%
Bénin
65%
Bénin
65%
Birmanie
65%
Birmanie
65%
Birmanie
65%
Bosnie-Herzégovine
65%
Cuba
65%
Cuba
65%
Danemark
65%
Éthiopie
65%
Éthiopie
65%
Finlande
65%
Gambie
65%
Gambie
65%
Iran
65%
Iran
65%
Iran
65%
Irlande
65%
Israël
65%
Israël
65%
Kazakhstan
65%
Kazakhstan
65%
Kazakhstan
65%
Kazakhstan
65%
Kosovo
65%
Kosovo
65%
Laos
65%
Laos
65%
Libye
65%
Libye
65%
Mauritanie
65%
Moldavie
65%
Monaco
65%
Mongolie
65%
Mongolie
65%
Mozambique
65%
Namibie
65%
Namibie
65%
Népal
65%
Népal
65%
Népal
65%
Oman
65%
Pakistan
65%
Pakistan
65%
Pakistan
65%
Pays-Bas
65%
Pays-Bas
65%
Pérou
65%
Philippines
65%
Pologne
65%
Pologne
65%
Pologne
65%
Pologne
65%
Pologne
65%
République Démocratique du Congo
65%
République Démocratique du Congo
65%
République Démocratique du Congo
65%
République Tchèque
65%
République Tchèque
65%
République Tchèque
65%
Roumanie
65%
Roumanie
65%
Roumanie
65%
Serbie
65%
Serbie
65%
Serbie
65%
Soudan
65%
Soudan
65%
Soudan
65%
Soudan
65%
Sri Lanka
65%
Suisse
65%
Taïwan
65%
Taïwan
65%
Tchad
65%
Tchad
65%
Tchad
65%
Tchad
65%
Tchad
65%
Tunisie
65%
Tunisie
65%
Turkménistan
65%
Ukraine
65%
Vatican
65%
Vatican
65%
Vatican
65%
Venezuela
65%
Albanie
64%
Albanie
64%
Algérie
64%
Angola
64%
Angola
64%
Angola
64%
Angola
64%
Arabie Saoudite
64%
Arabie Saoudite
64%
Autriche
64%
Belgique
64%
Belgique
64%
Bénin
64%
Birmanie
64%
Bosnie-Herzégovine
64%
Cameroun
64%
Colombie
64%
Corée du Sud
64%
Cuba
64%
Danemark
64%
Danemark
64%
Érythrée
64%
Éthiopie
64%
Finlande
64%
Ghana
64%
Hongrie
64%
Iran
64%
Irlande
64%
Israël
64%
Jordanie
64%
Kazakhstan
64%
Kazakhstan
64%
Kazakhstan
64%
Kirghizistan
64%
Laos
64%
Laos
64%
Laos
64%
Mauritanie
64%
Mauritanie
64%
Monaco
64%
Mongolie
64%
Mongolie
64%
Népal
64%
Népal
64%
Oman
64%
Pakistan
64%
Panama
64%
Pays-Bas
64%
Philippines
64%
Philippines
64%
Pologne
64%
Pologne
64%
République Démocratique du Congo
64%
République Tchèque
64%
République Tchèque
64%
République Tchèque
64%
Roumanie
64%
Serbie
64%
Slovénie
64%
Soudan
64%
Suisse
64%
Taïwan
64%
Taïwan
64%
Venezuela
64%
Viêt Nam
64%
Albanie
63%
Angola
63%
Angola
63%
Angola
63%
Arabie Saoudite
63%
Bangladesh
63%
Bangladesh
63%
Belgique
63%
Belgique
63%
Bénin
63%
Bénin
63%
Bénin
63%
Bénin
63%
Bénin
63%
Biélorussie
63%
Bulgarie
63%
Cameroun
63%
Colombie
63%
Corée du Sud
63%
Cuba
63%
Cuba
63%
Danemark
63%
Émirats Arabes Unis
63%
Érythrée
63%
Érythrée
63%
Éthiopie
63%
Finlande
63%
Finlande
63%
Finlande
63%
Gambie
63%
Hongrie
63%
Îles Salomon
63%
Irak
63%
Irak
63%
Iran
63%
Iran
63%
Iran
63%
Iran
63%
Iran
63%
Iran
63%
Israël
63%
Israël
63%
Israël
63%
Israël
63%
Jordanie
63%
Kazakhstan
63%
Kazakhstan
63%
Kazakhstan
63%
Kazakhstan
63%
Kosovo
63%
Kosovo
63%
Kosovo
63%
Laos
63%
Libye
63%
Macédoine du Nord
63%
Malaisie
63%
Malaisie
63%
Mauritanie
63%
Moldavie
63%
Moldavie
63%
Moldavie
63%
Moldavie
63%
Monaco
63%
Monaco
63%
Monaco
63%
Mongolie
63%
Mongolie
63%
Mongolie
63%
Namibie
63%
Namibie
63%
Namibie
63%
Népal
63%
Népal
63%
Népal
63%
Népal
63%
Niger
63%
Niger
63%
Oman
63%
Oman
63%
Panama
63%
Papouasie-Nouvelle-Guinée
63%
Papouasie-Nouvelle-Guinée
63%
Pays-Bas
63%
Pays-Bas
63%
Pays-Bas
63%
Pays-Bas
63%
Pérou
63%
Pologne
63%
Pologne
63%
Pologne
63%
Pologne
63%
République Démocratique du Congo
63%
République Tchèque
63%
République Tchèque
63%
Roumanie
63%
Roumanie
63%
Roumanie
63%
Sénégal
63%
Serbie
63%
Serbie
63%
Slovaquie
63%
Soudan
63%
Soudan
63%
Syrie
63%
Syrie
63%
Taïwan
63%
Taïwan
63%
Turkménistan
63%
Vatican
63%
Venezuela
63%
Yémen
63%
Yémen
63%
Angola
62%
Arabie Saoudite
62%
Bangladesh
62%
Belgique
62%
Bénin
62%
Birmanie
62%
Birmanie
62%
Birmanie
62%
Bosnie-Herzégovine
62%
Bosnie-Herzégovine
62%
Cameroun
62%
Cameroun
62%
Cuba
62%
Émirats Arabes Unis
62%
Érythrée
62%
Estonie
62%
Éthiopie
62%
Finlande
62%
Gambie
62%
Hongrie
62%
Hongrie
62%
Hongrie
62%
Îles Salomon
62%
Irak
62%
Iran
62%
Iran
62%
Israël
62%
Kazakhstan
62%
Kazakhstan
62%
Kirghizistan
62%
Kosovo
62%
Kosovo
62%
Kosovo
62%
Laos
62%
Laos
62%
Laos
62%
Laos
62%
Libye
62%
Libye
62%
Macédoine du Nord
62%
Moldavie
62%
Moldavie
62%
Monaco
62%
Namibie
62%
Namibie
62%
Namibie
62%
Népal
62%
Niger
62%
Niger
62%
Oman
62%
Oman
62%
Pakistan
62%
Panama
62%
Panama
62%
Papouasie-Nouvelle-Guinée
62%
Pays-Bas
62%
Pays-Bas
62%
Pays-Bas
62%
Pérou
62%
Philippines
62%
Pologne
62%
Pologne
62%
Pologne
62%
République Démocratique du Congo
62%
République Démocratique du Congo
62%
République Tchèque
62%
Roumanie
62%
Slovaquie
62%
Slovaquie
62%
Soudan
62%
Soudan
62%
Taïwan
62%
Taïwan
62%
Taïwan
62%
Taïwan
62%
Tchad
62%
Ukraine
62%
Vatican
62%
Viêt Nam
62%
Albanie
61%
Algérie
61%
Angola
61%
Arabie Saoudite
61%
Bangladesh
61%
Belgique
61%
Birmanie
61%
Birmanie
61%
Bosnie-Herzégovine
61%
Bosnie-Herzégovine
61%
Corée du Sud
61%
Cuba
61%
Danemark
61%
Danemark
61%
Danemark
61%
Érythrée
61%
Estonie
61%
Éthiopie
61%
Éthiopie
61%
Éthiopie
61%
Finlande
61%
Gambie
61%
Ghana
61%
Guinée Équatoriale
61%
Guyana
61%
Haïti
61%
Hongrie
61%
Irak
61%
Iran
61%
Iran
61%
Irlande
61%
Irlande
61%
Irlande
61%
Israël
61%
Israël
61%
Israël
61%
Kazakhstan
61%
Kosovo
61%
Libye
61%
Libye
61%
Macédoine du Nord
61%
Mauritanie
61%
Moldavie
61%
Moldavie
61%
Mozambique
61%
Ouzbékistan
61%
Ouzbékistan
61%
Pakistan
61%
Panama
61%
Panama
61%
Pérou
61%
Pologne
61%
Pologne
61%
Pologne
61%
Pologne
61%
République Démocratique du Congo
61%
République Démocratique du Congo
61%
République Démocratique du Congo
61%
République Démocratique du Congo
61%
République Tchèque
61%
République Tchèque
61%
République Tchèque
61%
République Tchèque
61%
Roumanie
61%
Roumanie
61%
Sénégal
61%
Serbie
61%
Slovaquie
61%
Soudan
61%
Soudan
61%
Syrie
61%
Syrie
61%
Togo
61%
Tunisie
61%
Tunisie
61%
Turkménistan
61%
Ukraine
61%
Vatican
61%
Venezuela
61%
Yémen
61%
Zambie
61%
Albanie
60%
Arabie Saoudite
60%
Bangladesh
60%
Bangladesh
60%
Belgique
60%
Belgique
60%
Bénin
60%
Bénin
60%
Bénin
60%
Birmanie
60%
Bosnie-Herzégovine
60%
Bosnie-Herzégovine
60%
Bosnie-Herzégovine
60%
Danemark
60%
Érythrée
60%
Éthiopie
60%
Haïti
60%
Hongrie
60%
Irak
60%
Iran
60%
Iran
60%
Jordanie
60%
Kazakhstan
60%
Kosovo
60%
Kosovo
60%
Kosovo
60%
Laos
60%
Laos
60%
Libye
60%
Mali
60%
Mauritanie
60%
Moldavie
60%
Moldavie
60%
Monaco
60%
Monaco
60%
Mozambique
60%
Mozambique
60%
Namibie
60%
Népal
60%
Oman
60%
Ouzbékistan
60%
Pakistan
60%
Pérou
60%
Pérou
60%
Pologne
60%
Roumanie
60%
Sénégal
60%
Serbie
60%
Serbie
60%
Slovaquie
60%
Slovaquie
60%
Slovaquie
60%
Soudan
60%
Syrie
60%
Syrie
60%
Syrie
60%
Taïwan
60%
Tchad
60%
Tchad
60%
Togo
60%
Togo
60%
Tunisie
60%
Turkménistan
60%
Vatican
60%
Vatican
60%
Yémen
60%
Zambie
60%
Albanie
59%
Algérie
59%
Angola
59%
Bangladesh
59%
Bangladesh
59%
Bangladesh
59%
Belgique
59%
Belgique
59%
Bénin
59%
Biélorussie
59%
Birmanie
59%
Birmanie
59%
Bosnie-Herzégovine
59%
Bosnie-Herzégovine
59%
Bulgarie
59%
Corée du Sud
59%
Cuba
59%
Danemark
59%
Érythrée
59%
Éthiopie
59%
Finlande
59%
Finlande
59%
Finlande
59%
Gambie
59%
Gambie
59%
Gambie
59%
Hongrie
59%
Hongrie
59%
Hongrie
59%
Irak
59%
Irak
59%
Irak
59%
Iran
59%
Israël
59%
Israël
59%
Israël
59%
Jordanie
59%
Jordanie
59%
Kazakhstan
59%
Kazakhstan
59%
Kazakhstan
59%
Kazakhstan
59%
Kosovo
59%
Kosovo
59%
Malaisie
59%
Mauritanie
59%
Moldavie
59%
Moldavie
59%
Monaco
59%
Mongolie
59%
Monténégro
59%
Mozambique
59%
Namibie
59%
Namibie
59%
Népal
59%
Népal
59%
Népal
59%
Népal
59%
Népal
59%
Niger
59%
Nigeria
59%
Oman
59%
Oman
59%
Pakistan
59%
Pakistan
59%
Pakistan
59%
Pakistan
59%
Pakistan
59%
Pakistan
59%
Papouasie-Nouvelle-Guinée
59%
Pays-Bas
59%
Pérou
59%
Pérou
59%
Pérou
59%
Pérou
59%
République Démocratique du Congo
59%
République Tchèque
59%
République Tchèque
59%
République Tchèque
59%
Serbie
59%
Serbie
59%
Slovaquie
59%
Slovénie
59%
Taïwan
59%
Taïwan
59%
Taïwan
59%
Tchad
59%
Tchad
59%
Tunisie
59%
Tunisie
59%
Vatican
59%
Vatican
59%
Vatican
59%
Vatican
59%
Vatican
59%
Yémen
59%
Zambie
59%
Afghanistan
58%
Afghanistan
58%
Albanie
58%
Albanie
58%
Albanie
58%
Albanie
58%
Albanie
58%
Albanie
58%
Angola
58%
Angola
58%
Angola
58%
Angola
58%
Arabie Saoudite
58%
Argentine
58%
Bangladesh
58%
Belgique
58%
Bénin
58%
Bénin
58%
Bénin
58%
Birmanie
58%
Birmanie
58%
Birmanie
58%
Birmanie
58%
Bosnie-Herzégovine
58%
Côte d'Ivoire
58%
Danemark
58%
Érythrée
58%
Érythrée
58%
Éthiopie
58%
Éthiopie
58%
Éthiopie
58%
Finlande
58%
Finlande
58%
Gabon
58%
Gambie
58%
Gambie
58%
Géorgie
58%
Ghana
58%
Ghana
58%
Guinée Équatoriale
58%
Haïti
58%
Haïti
58%
Hongrie
58%
Hongrie
58%
Irak
58%
Irak
58%
Iran
58%
Iran
58%
Iran
58%
Irlande
58%
Israël
58%
Israël
58%
Jordanie
58%
Kazakhstan
58%
Kosovo
58%
Koweït
58%
Laos
58%
Libye
58%
Libye
58%
Lituanie
58%
Malte
58%
Mauritanie
58%
Moldavie
58%
Monaco
58%
Monaco
58%
Mozambique
58%
Mozambique
58%
Namibie
58%
Népal
58%
Népal
58%
Népal
58%
Ouzbékistan
58%
Ouzbékistan
58%
Pakistan
58%
Pakistan
58%
Pakistan
58%
Panama
58%
Pays-Bas
58%
Pays-Bas
58%
Pérou
58%
Pérou
58%
Pérou
58%
Pérou
58%
Philippines
58%
Philippines
58%
République Démocratique du Congo
58%
République Démocratique du Congo
58%
Roumanie
58%
Roumanie
58%
Sao Tomé-et-Principe
58%
Serbie
58%
Serbie
58%
Singapour
58%
Soudan
58%
Suisse
58%
Suisse
58%
Syrie
58%
Syrie
58%
Tadjikistan
58%
Taïwan
58%
Taïwan
58%
Tchad
58%
Thaïlande
58%
Tunisie
58%
Vatican
58%
Vatican
58%
Vatican
58%
Vatican
58%
Venezuela
58%
Yémen
58%
Yémen
58%
Zambie
58%
Zambie
58%
Albanie
57%
Albanie
57%
Angola
57%
Angola
57%
Bangladesh
57%
Belgique
57%
Belgique
57%
Belgique
57%
Bénin
57%
Biélorussie
57%
Birmanie
57%
Bosnie-Herzégovine
57%
Bosnie-Herzégovine
57%
Bulgarie
57%
Bulgarie
57%
Cameroun
57%
Corée du Nord
57%
Côte d'Ivoire
57%
Émirats Arabes Unis
57%
Érythrée
57%
Éthiopie
57%
Éthiopie
57%
Finlande
57%
Finlande
57%
Gambie
57%
Gambie
57%
Gambie
57%
Guinée Équatoriale
57%
Guinée Équatoriale
57%
Haïti
57%
Hongrie
57%
Hongrie
57%
Hongrie
57%
Irak
57%
Iran
57%
Iran
57%
Israël
57%
Kazakhstan
57%
Kazakhstan
57%
Kosovo
57%
Kosovo
57%
Kosovo
57%
Laos
57%
Laos
57%
Lettonie
57%
Lituanie
57%
Lituanie
57%
Malaisie
57%
Malawi
57%
Mauritanie
57%
Moldavie
57%
Moldavie
57%
Moldavie
57%
Monaco
57%
Mozambique
57%
Mozambique
57%
Népal
57%
Oman
57%
Papouasie-Nouvelle-Guinée
57%
Pays-Bas
57%
Pérou
57%
Pérou
57%
Pologne
57%
Pologne
57%
Portugal
57%
République Démocratique du Congo
57%
République Démocratique du Congo
57%
République Démocratique du Congo
57%
République du Congo
57%
République Tchèque
57%
République Tchèque
57%
République Tchèque
57%
Roumanie
57%
Roumanie
57%
Serbie
57%
Serbie
57%
Serbie
57%
Serbie
57%
Serbie
57%
Soudan
57%
Soudan
57%
Soudan
57%
Suisse
57%
Taïwan
57%
Taïwan
57%
Tchad
57%
Tchad
57%
Tunisie
57%
Tunisie
57%
Vatican
57%
Venezuela
57%
Yémen
57%
Yémen
57%
Yémen
57%
Albanie
56%
Albanie
56%
Bangladesh
56%
Belgique
56%
Belgique
56%
Belgique
56%
Belgique
56%
Belgique
56%
Biélorussie
56%
Biélorussie
56%
Biélorussie
56%
Bosnie-Herzégovine
56%
Colombie
56%
Côte d'Ivoire
56%
Cuba
56%
Cuba
56%
Émirats Arabes Unis
56%
Érythrée
56%
Érythrée
56%
Éthiopie
56%
Finlande
56%
Finlande
56%
Finlande
56%
Gambie
56%
Gambie
56%
Géorgie
56%
Géorgie
56%
Géorgie
56%
Ghana
56%
Ghana
56%
Haïti
56%
Haïti
56%
Hongrie
56%
Hongrie
56%
Hongrie
56%
Irak
56%
Iran
56%
Israël
56%
Israël
56%
Kosovo
56%
Kosovo
56%
Laos
56%
Macédoine du Nord
56%
Malaisie
56%
Malawi
56%
Mauritanie
56%
Mauritanie
56%
Moldavie
56%
Moldavie
56%
Monaco
56%
Monaco
56%
Mongolie
56%
Mozambique
56%
Mozambique
56%
Namibie
56%
Népal
56%
Nicaragua
56%
Oman
56%
Oman
56%
Ouzbékistan
56%
Pakistan
56%
Pakistan
56%
Panama
56%
Paraguay
56%
Pays-Bas
56%
Pays-Bas
56%
Pays-Bas
56%
Pérou
56%
Pologne
56%
République Centrafricaine
56%
République Tchèque
56%
République Tchèque
56%
République Tchèque
56%
République Tchèque
56%
République Tchèque
56%
Samoa
56%
Serbie
56%
Serbie
56%
Serbie
56%
Slovaquie
56%
Soudan
56%
Taïwan
56%
Tchad
56%
Togo
56%
Tunisie
56%
Ukraine
56%
Vanuatu
56%
Vatican
56%
Vatican
56%
Vatican
56%
Venezuela
56%
Venezuela
56%
Yémen
56%
Yémen
56%
Zambie
56%
Zambie
56%
Albanie
55%
Albanie
55%
Albanie
55%
Angola
55%
Angola
55%
Arabie Saoudite
55%
Bangladesh
55%
Bangladesh
55%
Belgique
55%
Belgique
55%
Bénin
55%
Biélorussie
55%
Biélorussie
55%
Birmanie
55%
Birmanie
55%
Bulgarie
55%
Bulgarie
55%
Bulgarie
55%
Bulgarie
55%
Bulgarie
55%
Bulgarie
55%
Cameroun
55%
Cameroun
55%
Corée du Nord
55%
Danemark
55%
Émirats Arabes Unis
55%
Émirats Arabes Unis
55%
Émirats Arabes Unis
55%
Érythrée
55%
Éthiopie
55%
Finlande
55%
Finlande
55%
Gambie
55%
Gambie
55%
Ghana
55%
Haïti
55%
Haïti
55%
Haïti
55%
Hongrie
55%
Hongrie
55%
Irak
55%
Irak
55%
Irak
55%
Iran
55%
Iran
55%
Iran
55%
Israël
55%
Israël
55%
Jordanie
55%
Kazakhstan
55%
Kosovo
55%
Laos
55%
Macédoine du Nord
55%
Macédoine du Nord
55%
Malaisie
55%
Mauritanie
55%
Mauritanie
55%
Moldavie
55%
Monaco
55%
Monaco
55%
Monaco
55%
Mongolie
55%
Mongolie
55%
Mozambique
55%
Mozambique
55%
Mozambique
55%
Mozambique
55%
Mozambique
55%
Népal
55%
Népal
55%
Niger
55%
Nigeria
55%
Oman
55%
Oman
55%
Ouzbékistan
55%
Ouzbékistan
55%
Pakistan
55%
Pakistan
55%
Pakistan
55%
Pakistan
55%
Panama
55%
Panama
55%
Panama
55%
Papouasie-Nouvelle-Guinée
55%
Pays-Bas
55%
Pologne
55%
République Démocratique du Congo
55%
République Démocratique du Congo
55%
République Tchèque
55%
Serbie
55%
Serbie
55%
Slovaquie
55%
Tchad
55%
Tchad
55%
Togo
55%
Togo
55%
Tunisie
55%
Turkménistan
55%
Vatican
55%
Vatican
55%
Vatican
55%
Vatican
55%
Venezuela
55%
Venezuela
55%
Yémen
55%
Yémen
55%
Yémen
55%
Yémen
55%
Yémen
55%
Zambie
55%
Azerbaïdjan
54%
Belgique
54%
Biélorussie
54%
Birmanie
54%
Botswana
54%
Burkina Faso
54%
Côte d'Ivoire
54%
Cuba
54%
Danemark
54%
Danemark
54%
Érythrée
54%
Estonie
54%
Éthiopie
54%
Gambie
54%
Haïti
54%
Irak
54%
Iran
54%
Iran
54%
Kazakhstan
54%
Kazakhstan
54%
Kazakhstan
54%
Kazakhstan
54%
Kosovo
54%
Kosovo
54%
Laos
54%
Laos
54%
Laos
54%
Libye
54%
Libye
54%
Macédoine du Nord
54%
Malaisie
54%
Mauritanie
54%
Mauritanie
54%
Monaco
54%
Monaco
54%
Monaco
54%
Mongolie
54%
Mozambique
54%
Namibie
54%
Namibie
54%
Nigeria
54%
Oman
54%
Oman
54%
Pakistan
54%
Pakistan
54%
Panama
54%
Panama
54%
Pays-Bas
54%
Pérou
54%
Pérou
54%
Pérou
54%
Philippines
54%
Pologne
54%
Pologne
54%
République Démocratique du Congo
54%
République Démocratique du Congo
54%
République Démocratique du Congo
54%
République Tchèque
54%
République Tchèque
54%
Roumanie
54%
Roumanie
54%
Roumanie
54%
Serbie
54%
Serbie
54%
Slovaquie
54%
Slovaquie
54%
Slovaquie
54%
Slovaquie
54%
Soudan
54%
Syrie
54%
Syrie
54%
Taïwan
54%
Taïwan
54%
Taïwan
54%
Taïwan
54%
Tchad
54%
Togo
54%
Tunisie
54%
Turkménistan
54%
Vatican
54%
Vatican
54%
Vatican
54%
Venezuela
54%
Venezuela
54%
Venezuela
54%
Yémen
54%
Zimbabwe
54%
Afghanistan
53%
Albanie
53%
Albanie
53%
Albanie
53%
Algérie
53%
Arabie Saoudite
53%
Arabie Saoudite
53%
Bahamas
53%
Bangladesh
53%
Bénin
53%
Bénin
53%
Bénin
53%
Biélorussie
53%
Biélorussie
53%
Biélorussie
53%
Birmanie
53%
Bosnie-Herzégovine
53%
Bosnie-Herzégovine
53%
Bosnie-Herzégovine
53%
Bosnie-Herzégovine
53%
Bulgarie
53%
Corée du Nord
53%
Corée du Sud
53%
Côte d'Ivoire
53%
Émirats Arabes Unis
53%
Émirats Arabes Unis
53%
Émirats Arabes Unis
53%
Érythrée
53%
Érythrée
53%
Érythrée
53%
Érythrée
53%
Finlande
53%
Géorgie
53%
Ghana
53%
Guinée Équatoriale
53%
Guinée Équatoriale
53%
Haïti
53%
Hongrie
53%
Irak
53%
Iran
53%
Iran
53%
Jordanie
53%
Kazakhstan
53%
Kenya
53%
Kirghizistan
53%
Kosovo
53%
Malaisie
53%
Mauritanie
53%
Moldavie
53%
Monaco
53%
Mongolie
53%
Mozambique
53%
Mozambique
53%
Niger
53%
Niger
53%
Oman
53%
Oman
53%
Ouzbékistan
53%
Ouzbékistan
53%
Pakistan
53%
Pérou
53%
Pérou
53%
Pérou
53%
Pologne
53%
Pologne
53%
République Démocratique du Congo
53%
République Démocratique du Congo
53%
République Démocratique du Congo
53%
République du Congo
53%
République Tchèque
53%
République Tchèque
53%
République Tchèque
53%
Roumanie
53%
Serbie
53%
Serbie
53%
Slovénie
53%
Soudan
53%
Suisse
53%
Taïwan
53%
Tchad
53%
Tchad
53%
Togo
53%
Togo
53%
Tunisie
53%
Turkménistan
53%
Vatican
53%
Vatican
53%
Vatican
53%
Vatican
53%
Venezuela
53%
Venezuela
53%
Yémen
53%
Yémen
53%
Yémen
53%
Zambie
53%
Zambie
53%
Zimbabwe
53%
Albanie
52%
Albanie
52%
Albanie
52%
Albanie
52%
Angola
52%
Angola
52%
Angola
52%
Arabie Saoudite
52%
Arabie Saoudite
52%
Bangladesh
52%
Bangladesh
52%
Belgique
52%
Belgique
52%
Bénin
52%
Bénin
52%
Biélorussie
52%
Bolivie
52%
Bosnie-Herzégovine
52%
Bosnie-Herzégovine
52%
Bosnie-Herzégovine
52%
Bulgarie
52%
Bulgarie
52%
Cameroun
52%
Cameroun
52%
Cameroun
52%
Cameroun
52%
Cameroun
52%
Cameroun
52%
Colombie
52%
Colombie
52%
Colombie
52%
Corée du Nord
52%
Côte d'Ivoire
52%
Émirats Arabes Unis
52%
Émirats Arabes Unis
52%
Émirats Arabes Unis
52%
Érythrée
52%
Érythrée
52%
Érythrée
52%
Érythrée
52%
Érythrée
52%
Estonie
52%
Éthiopie
52%
Éthiopie
52%
Finlande
52%
Finlande
52%
Finlande
52%
Gabon
52%
Gambie
52%
Gambie
52%
Géorgie
52%
Ghana
52%
Guinée Équatoriale
52%
Guinée Équatoriale
52%
Guinée Équatoriale
52%
Haïti
52%
Haïti
52%
Haïti
52%
Hongrie
52%
Irak
52%
Irak
52%
Irak
52%
Iran
52%
Iran
52%
Iran
52%
Jordanie
52%
Jordanie
52%
Jordanie
52%
Kazakhstan
52%
Kazakhstan
52%
Kazakhstan
52%
Kazakhstan
52%
Kirghizistan
52%
Kosovo
52%
Kosovo
52%
Lettonie
52%
Macédoine du Nord
52%
Macédoine du Nord
52%
Malaisie
52%
Malaisie
52%
Malaisie
52%
Malaisie
52%
Malawi
52%
Malawi
52%
Malawi
52%
Mauritanie
52%
Mauritanie
52%
Moldavie
52%
Moldavie
52%
Monaco
52%
Monaco
52%
Mongolie
52%
Mongolie
52%
Mongolie
52%
Mozambique
52%
Népal
52%
Niger
52%
Niger
52%
Niger
52%
Niger
52%
Ouzbékistan
52%
Ouzbékistan
52%
Ouzbékistan
52%
Panama
52%
Panama
52%
Pays-Bas
52%
Pays-Bas
52%
Pérou
52%
Pérou
52%
Pérou
52%
Pologne
52%
Pologne
52%
Pologne
52%
République Démocratique du Congo
52%
République du Congo
52%
République Tchèque
52%
République Tchèque
52%
République Tchèque
52%
Roumanie
52%
Serbie
52%
Serbie
52%
Serbie
52%
Serbie
52%
Slovaquie
52%
Slovaquie
52%
Slovaquie
52%
Slovénie
52%
Soudan
52%
Soudan
52%
Soudan
52%
Tadjikistan
52%
Tadjikistan
52%
Taïwan
52%
Taïwan
52%
Tchad
52%
Tchad
52%
Togo
52%
Tunisie
52%
Tunisie
52%
Turkménistan
52%
Vatican
52%
Vatican
52%
Venezuela
52%
Yémen
52%
Yémen
52%
Yémen
52%
Yémen
52%
Yémen
52%
Zambie
52%
Zambie
52%
Zambie
52%
Zambie
52%
Zimbabwe
52%
Bangladesh
51%
Belgique
51%
Soudan
51%
Afghanistan
50%
Afghanistan
50%
Albanie
50%
Albanie
50%
Albanie
50%
Angola
50%
Angola
50%
Antigua-et-Barbuda
50%
Arabie Saoudite
50%
Arabie Saoudite
50%
Arabie Saoudite
50%
Arabie Saoudite
50%
Arabie Saoudite
50%
Arabie Saoudite
50%
Arabie Saoudite
50%
Bangladesh
50%
Bangladesh
50%
Bangladesh
50%
Bangladesh
50%
Bangladesh
50%
Bangladesh
50%
Belgique
50%
Belgique
50%
Belgique
50%
Belgique
50%
Belgique
50%
Belgique
50%
Belgique
50%
Bénin
50%
Biélorussie
50%
Biélorussie
50%
Biélorussie
50%
Biélorussie
50%
Biélorussie
50%
Biélorussie
50%
Bolivie
50%
Bosnie-Herzégovine
50%
Bosnie-Herzégovine
50%
Bosnie-Herzégovine
50%
Bosnie-Herzégovine
50%
Bosnie-Herzégovine
50%
Botswana
50%
Bulgarie
50%
Bulgarie
50%
Bulgarie
50%
Bulgarie
50%
Bulgarie
50%
Bulgarie
50%
Burkina Faso
50%
Burkina Faso
50%
Burkina Faso
50%
Burkina Faso
50%
Cameroun
50%
Cameroun
50%
Cameroun
50%
Cameroun
50%
Cameroun
50%
Cameroun
50%
Colombie
50%
Colombie
50%
Corée du Nord
50%
Corée du Nord
50%
Corée du Nord
50%
Corée du Sud
50%
Côte d'Ivoire
50%
Côte d'Ivoire
50%
Danemark
50%
Danemark
50%
Danemark
50%
Émirats Arabes Unis
50%
Érythrée
50%
Érythrée
50%
Érythrée
50%
Érythrée
50%
Érythrée
50%
Érythrée
50%
Érythrée
50%
Érythrée
50%
Estonie
50%
Estonie
50%
Éthiopie
50%
Finlande
50%
Finlande
50%
Gabon
50%
Gabon
50%
Gabon
50%
Géorgie
50%
Géorgie
50%
Ghana
50%
Ghana
50%
Ghana
50%
Ghana
50%
Guinée
50%
Guinée Équatoriale
50%
Guinée Équatoriale
50%
Guyana
50%
Haïti
50%
Haïti
50%
Haïti
50%
Haïti
50%
Haïti
50%
Haïti
50%
Hongrie
50%
Hongrie
50%
Hongrie
50%
Hongrie
50%
Hongrie
50%
Hongrie
50%
Îles Salomon
50%
Irak
50%
Irak
50%
Irak
50%
Irak
50%
Iran
50%
Iran
50%
Iran
50%
Iran
50%
Iran
50%
Iran
50%
Iran
50%
Iran
50%
Jordanie
50%
Jordanie
50%
Jordanie
50%
Jordanie
50%
Jordanie
50%
Kazakhstan
50%
Kazakhstan
50%
Kenya
50%
Kirghizistan
50%
Kirghizistan
50%
Kirghizistan
50%
Laos
50%
Laos
50%
Laos
50%
Laos
50%
Lettonie
50%
Lettonie
50%
Libye
50%
Libye
50%
Lituanie
50%
Lituanie
50%
Lituanie
50%
Luxembourg
50%
Macédoine du Nord
50%
Macédoine du Nord
50%
Macédoine du Nord
50%
Macédoine du Nord
50%
Malaisie
50%
Malaisie
50%
Malaisie
50%
Malaisie
50%
Malaisie
50%
Malawi
50%
Malawi
50%
Malawi
50%
Malte
50%
Malte
50%
Mauritanie
50%
Mauritanie
50%
Mauritanie
50%
Mauritanie
50%
Moldavie
50%
Moldavie
50%
Moldavie
50%
Moldavie
50%
Moldavie
50%
Moldavie
50%
Monaco
50%
Monaco
50%
Monaco
50%
Monaco
50%
Monaco
50%
Mongolie
50%
Mozambique
50%
Mozambique
50%
Mozambique
50%
Népal
50%
Nicaragua
50%
Niger
50%
Niger
50%
Niger
50%
Niger
50%
Nigeria
50%
Nigeria
50%
Oman
50%
Oman
50%
Oman
50%
Oman
50%
Ouzbékistan
50%
Pakistan
50%
Pakistan
50%
Pakistan
50%
Panama
50%
Panama
50%
Panama
50%
Panama
50%
Panama
50%
Pays-Bas
50%
Pérou
50%
Pérou
50%
Pérou
50%
Pérou
50%
Pologne
50%
République Centrafricaine
50%
République Démocratique du Congo
50%
République Démocratique du Congo
50%
République du Congo
50%
République du Congo
50%
République du Congo
50%
République du Congo
50%
République du Congo
50%
République Tchèque
50%
République Tchèque
50%
République Tchèque
50%
République Tchèque
50%
République Tchèque
50%
République Tchèque
50%
République Tchèque
50%
République Tchèque
50%
République Tchèque
50%
Roumanie
50%
Roumanie
50%
Samoa
50%
Samoa
50%
Serbie
50%
Serbie
50%
Serbie
50%
Serbie
50%
Seychelles
50%
Singapour
50%
Slovaquie
50%
Slovaquie
50%
Slovaquie
50%
Slovaquie
50%
Slovaquie
50%
Slovénie
50%
Slovénie
50%
Slovénie
50%
Slovénie
50%
Soudan
50%
Syrie
50%
Syrie
50%
Syrie
50%
Syrie
50%
Syrie
50%
Taïwan
50%
Taïwan
50%
Taïwan
50%
Tchad
50%
Togo
50%
Togo
50%
Togo
50%
Togo
50%
Togo
50%
Tunisie
50%
Tunisie
50%
Turkménistan
50%
Turkménistan
50%
Turkménistan
50%
Ukraine
50%
Vatican
50%
Vatican
50%
Vatican
50%
Vatican
50%
Venezuela
50%
Venezuela
50%
Venezuela
50%
Venezuela
50%
Yémen
50%
Yémen
50%
Yémen
50%
Yémen
50%
Zambie
50%
Zambie
50%
Zambie
50%
Zambie
50%
Zambie
50%
Zambie
50%
Kazakhstan
49%
Mongolie
49%
Oman
49%
Serbie
49%
Afghanistan
48%
Afghanistan
48%
Afghanistan
48%
Afghanistan
48%
Albanie
48%
Albanie
48%
Albanie
48%
Albanie
48%
Angola
48%
Arabie Saoudite
48%
Arabie Saoudite
48%
Arabie Saoudite
48%
Arabie Saoudite
48%
Arabie Saoudite
48%
Arabie Saoudite
48%
Bangladesh
48%
Bangladesh
48%
Bangladesh
48%
Belgique
48%
Belgique
48%
Belgique
48%
Biélorussie
48%
Biélorussie
48%
Biélorussie
48%
Birmanie
48%
Birmanie
48%
Birmanie
48%
Birmanie
48%
Bulgarie
48%
Bulgarie
48%
Bulgarie
48%
Bulgarie
48%
Bulgarie
48%
Bulgarie
48%
Burkina Faso
48%
Cameroun
48%
Cameroun
48%
Colombie
48%
Corée du Nord
48%
Corée du Nord
48%
Corée du Nord
48%
Corée du Nord
48%
Corée du Sud
48%
Corée du Sud
48%
Côte d'Ivoire
48%
Côte d'Ivoire
48%
Cuba
48%
Émirats Arabes Unis
48%
Émirats Arabes Unis
48%
Émirats Arabes Unis
48%
Émirats Arabes Unis
48%
Émirats Arabes Unis
48%
Érythrée
48%
Érythrée
48%
Estonie
48%
Éthiopie
48%
Éthiopie
48%
Éthiopie
48%
Gabon
48%
Gabon
48%
Géorgie
48%
Guinée Équatoriale
48%
Guinée Équatoriale
48%
Guinée Équatoriale
48%
Guyana
48%
Guyana
48%
Guyana
48%
Haïti
48%
Haïti
48%
Haïti
48%
Hongrie
48%
Hongrie
48%
Hongrie
48%
Irak
48%
Irak
48%
Irak
48%
Iran
48%
Iran
48%
Iran
48%
Jamaïque
48%
Jordanie
48%
Jordanie
48%
Jordanie
48%
Jordanie
48%
Jordanie
48%
Kazakhstan
48%
Kazakhstan
48%
Kenya
48%
Kenya
48%
Kosovo
48%
Laos
48%
Lettonie
48%
Lettonie
48%
Liberia
48%
Lituanie
48%
Macédoine du Nord
48%
Macédoine du Nord
48%
Malaisie
48%
Malawi
48%
Malawi
48%
Malte
48%
Malte
48%
Mauritanie
48%
Moldavie
48%
Moldavie
48%
Moldavie
48%
Monaco
48%
Monaco
48%
Monaco
48%
Monténégro
48%
Népal
48%
Nicaragua
48%
Niger
48%
Niger
48%
Oman
48%
Oman
48%
Ouzbékistan
48%
Ouzbékistan
48%
Ouzbékistan
48%
Ouzbékistan
48%
Ouzbékistan
48%
Panama
48%
Paraguay
48%
Pays-Bas
48%
Pays-Bas
48%
Pérou
48%
Pérou
48%
Pologne
48%
Pologne
48%
République Démocratique du Congo
48%
République du Congo
48%
République Tchèque
48%
République Tchèque
48%
République Tchèque
48%
République Tchèque
48%
République Tchèque
48%
Roumanie
48%
Singapour
48%
Singapour
48%
Slovaquie
48%
Slovaquie
48%
Slovaquie
48%
Slovénie
48%
Soudan
48%
Soudan
48%
Soudan
48%
Syrie
48%
Syrie
48%
Tadjikistan
48%
Taïwan
48%
Togo
48%
Togo
48%
Trinité-et-Tobago
48%
Trinité-et-Tobago
48%
Trinité-et-Tobago
48%
Trinité-et-Tobago
48%
Tunisie
48%
Tunisie
48%
Tunisie
48%
Tunisie
48%
Tunisie
48%
Tunisie
48%
Turkménistan
48%
Turkménistan
48%
Vatican
48%
Vatican
48%
Vatican
48%
Vatican
48%
Vatican
48%
Venezuela
48%
Yémen
48%
Yémen
48%
Yémen
48%
Zambie
48%
Zambie
48%
Zambie
48%
Albanie
47%
Albanie
47%
Albanie
47%
Angola
47%
Bahamas
47%
Bangladesh
47%
Belgique
47%
Belgique
47%
Bénin
47%
Bolivie
47%
Burkina Faso
47%
Corée du Nord
47%
Corée du Sud
47%
Côte d'Ivoire
47%
Estonie
47%
Estonie
47%
Estonie
47%
Finlande
47%
Gabon
47%
Gabon
47%
Gabon
47%
Gabon
47%
Gabon
47%
Géorgie
47%
Guinée Équatoriale
47%
Hongrie
47%
Hongrie
47%
Îles Salomon
47%
Irak
47%
Iran
47%
Iran
47%
Jordanie
47%
Kazakhstan
47%
Kenya
47%
Lettonie
47%
Lettonie
47%
Lettonie
47%
Lituanie
47%
Macédoine du Nord
47%
Macédoine du Nord
47%
Macédoine du Nord
47%
Macédoine du Nord
47%
Malawi
47%
Malawi
47%
Malte
47%
Malte
47%
Malte
47%
Moldavie
47%
Moldavie
47%
Moldavie
47%
Nicaragua
47%
Nicaragua
47%
Niger
47%
Ouzbékistan
47%
Panama
47%
Panama
47%
Paraguay
47%
Pays-Bas
47%
Pays-Bas
47%
Pérou
47%
Pérou
47%
Pologne
47%
Pologne
47%
République Démocratique du Congo
47%
République du Congo
47%
République Tchèque
47%
Serbie
47%
Serbie
47%
Serbie
47%
Slovaquie
47%
Slovénie
47%
Soudan du Sud
47%
Soudan du Sud
47%
Syrie
47%
Togo
47%
Trinité-et-Tobago
47%
Trinité-et-Tobago
47%
Tunisie
47%
Vatican
47%
Venezuela
47%
Yémen
47%
Yémen
47%
Yémen
47%
Yémen
47%
Yémen
47%
Zambie
47%
Zambie
47%
Albanie
46%
Albanie
46%
Angola
46%
Angola
46%
Antigua-et-Barbuda
46%
Arabie Saoudite
46%
Bangladesh
46%
Bangladesh
46%
Belgique
46%
Belgique
46%
Bénin
46%
Biélorussie
46%
Birmanie
46%
Botswana
46%
Burkina Faso
46%
Burkina Faso
46%
Cameroun
46%
Colombie
46%
Corée du Sud
46%
Corée du Sud
46%
Côte d'Ivoire
46%
Côte d'Ivoire
46%
Danemark
46%
Émirats Arabes Unis
46%
Émirats Arabes Unis
46%
Émirats Arabes Unis
46%
Émirats Arabes Unis
46%
Érythrée
46%
Érythrée
46%
Érythrée
46%
Érythrée
46%
Éthiopie
46%
Éthiopie
46%
Finlande
46%
Finlande
46%
Gabon
46%
Gambie
46%
Géorgie
46%
Géorgie
46%
Guinée
46%
Haïti
46%
Haïti
46%
Haïti
46%
Haïti
46%
Haïti
46%
Haïti
46%
Hongrie
46%
Irak
46%
Irak
46%
Irak
46%
Irak
46%
Iran
46%
Jordanie
46%
Kazakhstan
46%
Kirghizistan
46%
Lettonie
46%
Lettonie
46%
Liberia
46%
Macédoine du Nord
46%
Malaisie
46%
Malawi
46%
Malawi
46%
Malte
46%
Mauritanie
46%
Mauritanie
46%
Moldavie
46%
Moldavie
46%
Mongolie
46%
Mozambique
46%
Nicaragua
46%
Niger
46%
Oman
46%
Oman
46%
Oman
46%
Oman
46%
Oman
46%
Oman
46%
Ouzbékistan
46%
Pakistan
46%
Panama
46%
Panama
46%
Paraguay
46%
Pérou
46%
Pérou
46%
Pologne
46%
Serbie
46%
Slovaquie
46%
Slovaquie
46%
Slovaquie
46%
Slovaquie
46%
Slovénie
46%
Syrie
46%
Syrie
46%
Syrie
46%
Syrie
46%
Taïwan
46%
Taïwan
46%
Tunisie
46%
Turkménistan
46%
Venezuela
46%
Yémen
46%
Afghanistan
45%
Afghanistan
45%
Albanie
45%
Angola
45%
Angola
45%
Antigua-et-Barbuda
45%
Arabie Saoudite
45%
Bahamas
45%
Bahamas
45%
Belgique
45%
Biélorussie
45%
Biélorussie
45%
Biélorussie
45%
Biélorussie
45%
Bolivie
45%
Bosnie-Herzégovine
45%
Botswana
45%
Bulgarie
45%
Bulgarie
45%
Burkina Faso
45%
Burkina Faso
45%
Colombie
45%
Colombie
45%
Colombie
45%
Colombie
45%
Corée du Nord
45%
Corée du Nord
45%
Corée du Nord
45%
Costa Rica
45%
Émirats Arabes Unis
45%
Équateur
45%
Érythrée
45%
Érythrée
45%
Estonie
45%
Éthiopie
45%
Géorgie
45%
Guinée
45%
Guyana
45%
Îles Salomon
45%
Irak
45%
Irak
45%
Irak
45%
Irak
45%
Irak
45%
Iran
45%
Israël
45%
Jordanie
45%
Jordanie
45%
Jordanie
45%
Kazakhstan
45%
Kazakhstan
45%
Kirghizistan
45%
Macédoine du Nord
45%
Macédoine du Nord
45%
Macédoine du Nord
45%
Macédoine du Nord
45%
Malawi
45%
Malawi
45%
Malawi
45%
Moldavie
45%
Moldavie
45%
Monaco
45%
Népal
45%
Niger
45%
Oman
45%
Ouzbékistan
45%
Ouzbékistan
45%
Pakistan
45%
Pakistan
45%
Panama
45%
Paraguay
45%
Pérou
45%
Pérou
45%
Pérou
45%
Pologne
45%
Pologne
45%
République Centrafricaine
45%
République du Congo
45%
République Tchèque
45%
République Tchèque
45%
Roumanie
45%
Sao Tomé-et-Principe
45%
Slovaquie
45%
Slovaquie
45%
Slovaquie
45%
Slovaquie
45%
Slovaquie
45%
Syrie
45%
Syrie
45%
Tadjikistan
45%
Tadjikistan
45%
Taïwan
45%
Taïwan
45%
Tchad
45%
Tchad
45%
Togo
45%
Togo
45%
Togo
45%
Trinité-et-Tobago
45%
Tunisie
45%
Turkménistan
45%
Turkménistan
45%
Turkménistan
45%
Turkménistan
45%
Turkménistan
45%
Vatican
45%
Yémen
45%
Zambie
45%
Zambie
45%
Zambie
45%
Zambie
45%
Zambie
45%
Zambie
45%
Afghanistan
44%
Afghanistan
44%
Albanie
44%
Albanie
44%
Antigua-et-Barbuda
44%
Arabie Saoudite
44%
Arabie Saoudite
44%
Arabie Saoudite
44%
Arabie Saoudite
44%
Arabie Saoudite
44%
Azerbaïdjan
44%
Bahamas
44%
Bahamas
44%
Bangladesh
44%
Belgique
44%
Biélorussie
44%
Biélorussie
44%
Bosnie-Herzégovine
44%
Botswana
44%
Bulgarie
44%
Bulgarie
44%
Bulgarie
44%
Bulgarie
44%
Cameroun
44%
Cameroun
44%
Colombie
44%
Corée du Sud
44%
Cuba
44%
Émirats Arabes Unis
44%
Émirats Arabes Unis
44%
Émirats Arabes Unis
44%
Érythrée
44%
Érythrée
44%
Estonie
44%
Éthiopie
44%
Éthiopie
44%
Géorgie
44%
Géorgie
44%
Ghana
44%
Guinée
44%
Guinée Équatoriale
44%
Haïti
44%
Hongrie
44%
Hongrie
44%
Irak
44%
Irak
44%
Irak
44%
Irak
44%
Irak
44%
Iran
44%
Jordanie
44%
Kenya
44%
Lettonie
44%
Lituanie
44%
Lituanie
44%
Luxembourg
44%
Macédoine du Nord
44%
Macédoine du Nord
44%
Macédoine du Nord
44%
Macédoine du Nord
44%
Malaisie
44%
Malawi
44%
Malte
44%
Mauritanie
44%
Mauritanie
44%
Moldavie
44%
Mozambique
44%
Mozambique
44%
Nicaragua
44%
Niger
44%
Niger
44%
Niger
44%
Nigeria
44%
Oman
44%
Ouganda
44%
Ouzbékistan
44%
Ouzbékistan
44%
Ouzbékistan
44%
Palaos
44%
Panama
44%
Paraguay
44%
Pays-Bas
44%
Pologne
44%
Pologne
44%
République Centrafricaine
44%
République du Congo
44%
République Tchèque
44%
République Tchèque
44%
Serbie
44%
Serbie
44%
Serbie
44%
Serbie
44%
Singapour
44%
Slovaquie
44%
Slovaquie
44%
Slovaquie
44%
Slovaquie
44%
Slovénie
44%
Slovénie
44%
Syrie
44%
Syrie
44%
Syrie
44%
Syrie
44%
Tadjikistan
44%
Tadjikistan
44%
Tadjikistan
44%
Taïwan
44%
Taïwan
44%
Togo
44%
Togo
44%
Trinité-et-Tobago
44%
Turkménistan
44%
Turkménistan
44%
Vatican
44%
Vatican
44%
Venezuela
44%
Yémen
44%
Yémen
44%
Zambie
44%
Zambie
44%
Albanie
43%
Albanie
43%
Angola
43%
Angola
43%
Arabie Saoudite
43%
Arabie Saoudite
43%
Arabie Saoudite
43%
Arabie Saoudite
43%
Arabie Saoudite
43%
Azerbaïdjan
43%
Bangladesh
43%
Bangladesh
43%
Biélorussie
43%
Biélorussie
43%
Biélorussie
43%
Birmanie
43%
Bulgarie
43%
Bulgarie
43%
Bulgarie
43%
Bulgarie
43%
Cameroun
43%
Colombie
43%
Colombie
43%
Comores
43%
Corée du Nord
43%
Corée du Nord
43%
Corée du Sud
43%
Costa Rica
43%
Costa Rica
43%
Érythrée
43%
Érythrée
43%
Estonie
43%
Éthiopie
43%
Gabon
43%
Gabon
43%
Géorgie
43%
Géorgie
43%
Ghana
43%
Guinée
43%
Guinée
43%
Guinée Équatoriale
43%
Guinée Équatoriale
43%
Guinée Équatoriale
43%
Guinée Équatoriale
43%
Haïti
43%
Haïti
43%
Haïti
43%
Haïti
43%
Hongrie
43%
Irak
43%
Jordanie
43%
Jordanie
43%
Jordanie
43%
Jordanie
43%
Jordanie
43%
Kenya
43%
Kirghizistan
43%
Lettonie
43%
Lettonie
43%
Lettonie
43%
Lituanie
43%
Lituanie
43%
Lituanie
43%
Macédoine du Nord
43%
Macédoine du Nord
43%
Malaisie
43%
Malawi
43%
Malte
43%
Mauritanie
43%
Mauritanie
43%
Moldavie
43%
Monaco
43%
Népal
43%
Niger
43%
Nigeria
43%
Ouzbékistan
43%
Ouzbékistan
43%
Ouzbékistan
43%
Palaos
43%
Panama
43%
Panama
43%
Paraguay
43%
Paraguay
43%
Paraguay
43%
Paraguay
43%
Pologne
43%
Pologne
43%
République Centrafricaine
43%
République Centrafricaine
43%
République du Congo
43%
République du Congo
43%
République Tchèque
43%
Saint-Christophe- et-Niévès
43%
Saint-Vincent-et-les-Grenadines
43%
Saint-Vincent-et-les-Grenadines
43%
Samoa
43%
Serbie
43%
Serbie
43%
Serbie
43%
Singapour
43%
Singapour
43%
Slovénie
43%
Slovénie
43%
Soudan
43%
Soudan
43%
Soudan du Sud
43%
Syrie
43%
Tadjikistan
43%
Tadjikistan
43%
Tadjikistan
43%
Taïwan
43%
Timor Oriental
43%
Togo
43%
Togo
43%
Togo
43%
Togo
43%
Togo
43%
Tunisie
43%
Tunisie
43%
Tunisie
43%
Turkménistan
43%
Vatican
43%
Vatican
43%
Vatican
43%
Venezuela
43%
Venezuela
43%
Yémen
43%
Yémen
43%
Yémen
43%
Zambie
43%
Afghanistan
42%
Afghanistan
42%
Afghanistan
42%
Afghanistan
42%
Albanie
42%
Albanie
42%
Albanie
42%
Angola
42%
Angola
42%
Antigua-et-Barbuda
42%
Azerbaïdjan
42%
Azerbaïdjan
42%
Bahamas
42%
Bahamas
42%
Belgique
42%
Biélorussie
42%
Biélorussie
42%
Biélorussie
42%
Biélorussie
42%
Biélorussie
42%
Bosnie-Herzégovine
42%
Bosnie-Herzégovine
42%
Bosnie-Herzégovine
42%
Botswana
42%
Botswana
42%
Brunei
42%
Bulgarie
42%
Bulgarie
42%
Bulgarie
42%
Cameroun
42%
Cameroun
42%
Cameroun
42%
Cap-Vert
42%
Colombie
42%
Corée du Nord
42%
Costa Rica
42%
Érythrée
42%
Érythrée
42%
Estonie
42%
Estonie
42%
Fidji
42%
Fidji
42%
Gabon
42%
Gabon
42%
Géorgie
42%
Ghana
42%
Ghana
42%
Ghana
42%
Ghana
42%
Guinée
42%
Guyana
42%
Haïti
42%
Haïti
42%
Hongrie
42%
Îles Salomon
42%
Îles Salomon
42%
Irak
42%
Irak
42%
Jamaïque
42%
Jordanie
42%
Jordanie
42%
Jordanie
42%
Jordanie
42%
Kazakhstan
42%
Kenya
42%
Kenya
42%
Kirghizistan
42%
Koweït
42%
Laos
42%
Lettonie
42%
Lettonie
42%
Lettonie
42%
Lettonie
42%
Liechtenstein
42%
Lituanie
42%
Lituanie
42%
Lituanie
42%
Lituanie
42%
Macédoine du Nord
42%
Macédoine du Nord
42%
Macédoine du Nord
42%
Macédoine du Nord
42%
Macédoine du Nord
42%
Malte
42%
Mauritanie
42%
Moldavie
42%
Mozambique
42%
Mozambique
42%
Mozambique
42%
Nicaragua
42%
Nicaragua
42%
Nicaragua
42%
Niger
42%
Niger
42%
Nigeria
42%
Oman
42%
Oman
42%
Oman
42%
Ouzbékistan
42%
Ouzbékistan
42%
Panama
42%
Panama
42%
Paraguay
42%
Paraguay
42%
Pérou
42%
Pérou
42%
République du Congo
42%
République du Congo
42%
République Tchèque
42%
Saint-Vincent-et-les-Grenadines
42%
Serbie
42%
Singapour
42%
Singapour
42%
Slovénie
42%
Slovénie
42%
Slovénie
42%
Slovénie
42%
Soudan
42%
Soudan du Sud
42%
Syrie
42%
Taïwan
42%
Tanzanie
42%
Tanzanie
42%
Tanzanie
42%
Tanzanie
42%
Tchad
42%
Timor Oriental
42%
Togo
42%
Togo
42%
Trinité-et-Tobago
42%
Trinité-et-Tobago
42%
Tunisie
42%
Tunisie
42%
Turkménistan
42%
Turkménistan
42%
Turkménistan
42%
Vanuatu
42%
Vanuatu
42%
Vanuatu
42%
Venezuela
42%
Venezuela
42%
Yémen
42%
Yémen
42%
Yémen
42%
Zambie
42%
Afghanistan
41%
Afghanistan
41%
Afghanistan
41%
Antigua-et-Barbuda
41%
Arabie Saoudite
41%
Arabie Saoudite
41%
Arabie Saoudite
41%
Arabie Saoudite
41%
Arabie Saoudite
41%
Arménie
41%
Bahamas
41%
Bangladesh
41%
Belize
41%
Belize
41%
Bénin
41%
Bhoutan
41%
Biélorussie
41%
Bolivie
41%
Bolivie
41%
Bulgarie
41%
Bulgarie
41%
Bulgarie
41%
Bulgarie
41%
Bulgarie
41%
Bulgarie
41%
Burkina Faso
41%
Burkina Faso
41%
Burkina Faso
41%
Cameroun
41%
Cameroun
41%
Cameroun
41%
Colombie
41%
Corée du Nord
41%
Corée du Nord
41%
Corée du Sud
41%
Corée du Sud
41%
Côte d'Ivoire
41%
Côte d'Ivoire
41%
Côte d'Ivoire
41%
Émirats Arabes Unis
41%
Émirats Arabes Unis
41%
Émirats Arabes Unis
41%
Émirats Arabes Unis
41%
Équateur
41%
Érythrée
41%
Estonie
41%
Estonie
41%
Éthiopie
41%
Fidji
41%
Gabon
41%
Gabon
41%
Gabon
41%
Gambie
41%
Géorgie
41%
Géorgie
41%
Géorgie
41%
Géorgie
41%
Ghana
41%
Ghana
41%
Ghana
41%
Grenade
41%
Guatemala
41%
Guinée
41%
Guinée
41%
Guinée Équatoriale
41%
Guinée Équatoriale
41%
Guinée Équatoriale
41%
Guyana
41%
Guyana
41%
Guyana
41%
Haïti
41%
Hongrie
41%
Hongrie
41%
Hongrie
41%
Îles Salomon
41%
Irak
41%
Irak
41%
Iran
41%
Iran
41%
Jamaïque
41%
Kazakhstan
41%
Kirghizistan
41%
Koweït
41%
Lettonie
41%
Lettonie
41%
Lettonie
41%
Lituanie
41%
Luxembourg
41%
Macédoine du Nord
41%
Macédoine du Nord
41%
Macédoine du Nord
41%
Malaisie
41%
Malaisie
41%
Malawi
41%
Malawi
41%
Malawi
41%
Malawi
41%
Malawi
41%
Malte
41%
Malte
41%
Moldavie
41%
Moldavie
41%
Mongolie
41%
Monténégro
41%
Monténégro
41%
Mozambique
41%
Mozambique
41%
Nicaragua
41%
Nicaragua
41%
Niger
41%
Niger
41%
Niger
41%
Niger
41%
Oman
41%
Paraguay
41%
République Démocratique du Congo
41%
République Démocratique du Congo
41%
République du Congo
41%
République Tchèque
41%
République Tchèque
41%
Samoa
41%
Serbie
41%
Singapour
41%
Slovénie
41%
Slovénie
41%
Tadjikistan
41%
Tadjikistan
41%
Tanzanie
41%
Timor Oriental
41%
Timor Oriental
41%
Togo
41%
Togo
41%
Turkménistan
41%
Turkménistan
41%
Turkménistan
41%
Vatican
41%
Vatican
41%
Venezuela
41%
Yémen
41%
Yémen
41%
Yémen
41%
Zimbabwe
41%
Zimbabwe
41%
Afghanistan
40%
Angola
40%
Arabie Saoudite
40%
Azerbaïdjan
40%
Bahamas
40%
Barbade
40%
Biélorussie
40%
Biélorussie
40%
Bolivie
40%
Bosnie-Herzégovine
40%
Bosnie-Herzégovine
40%
Cameroun
40%
Colombie
40%
Corée du Nord
40%
Corée du Sud
40%
Corée du Sud
40%
Costa Rica
40%
Costa Rica
40%
Côte d'Ivoire
40%
Côte d'Ivoire
40%
Émirats Arabes Unis
40%
Équateur
40%
Équateur
40%
Érythrée
40%
Estonie
40%
Gabon
40%
Gabon
40%
Géorgie
40%
Ghana
40%
Ghana
40%
Guinée
40%
Guinée
40%
Guinée Équatoriale
40%
Guyana
40%
Haïti
40%
Haïti
40%
Irak
40%
Israël
40%
Kirghizistan
40%
Kirghizistan
40%
Koweït
40%
Liechtenstein
40%
Lituanie
40%
Lituanie
40%
Malte
40%
Malte
40%
Malte
40%
Malte
40%
Malte
40%
Moldavie
40%
Mozambique
40%
Mozambique
40%
Nicaragua
40%
Nicaragua
40%
Nigeria
40%
Oman
40%
Panama
40%
Panama
40%
Paraguay
40%
Paraguay
40%
Paraguay
40%
Paraguay
40%
Pérou
40%
République du Congo
40%
République du Congo
40%
Saint-Christophe- et-Niévès
40%
Serbie
40%
Serbie
40%
Slovaquie
40%
Slovaquie
40%
Slovénie
40%
Syrie
40%
Tadjikistan
40%
Tadjikistan
40%
Taïwan
40%
Tanzanie
40%
Timor Oriental
40%
Turkménistan
40%
Turkménistan
40%
Yémen
40%
Yémen
40%
Afghanistan
39%
Afghanistan
39%
Antigua-et-Barbuda
39%
Azerbaïdjan
39%
Bahamas
39%
Bangladesh
39%
Belgique
39%
Biélorussie
39%
Bulgarie
39%
Bulgarie
39%
Bulgarie
39%
Burkina Faso
39%
Burkina Faso
39%
Burkina Faso
39%
Burkina Faso
39%
Cameroun
39%
Cameroun
39%
Colombie
39%
Colombie
39%
Corée du Nord
39%
Corée du Sud
39%
Corée du Sud
39%
Costa Rica
39%
Costa Rica
39%
Côte d'Ivoire
39%
Émirats Arabes Unis
39%
Émirats Arabes Unis
39%
Émirats Arabes Unis
39%
Émirats Arabes Unis
39%
Émirats Arabes Unis
39%
Équateur
39%
Érythrée
39%
Estonie
39%
Éthiopie
39%
Gabon
39%
Gabon
39%
Ghana
39%
Ghana
39%
Guinée
39%
Guinée
39%
Guinée
39%
Guinée
39%
Guinée-Bissau
39%
Guinée Équatoriale
39%
Guinée Équatoriale
39%
Haïti
39%
Haïti
39%
Hongrie
39%
Hongrie
39%
Hongrie
39%
Îles Salomon
39%
Îles Salomon
39%
Irak
39%
Irak
39%
Iran
39%
Jordanie
39%
Jordanie
39%
Jordanie
39%
Jordanie
39%
Kenya
39%
Kirghizistan
39%
Kirghizistan
39%
Lettonie
39%
Lituanie
39%
Macédoine du Nord
39%
Macédoine du Nord
39%
Macédoine du Nord
39%
Macédoine du Nord
39%
Malaisie
39%
Malaisie
39%
Malaisie
39%
Malaisie
39%
Malaisie
39%
Malte
39%
Malte
39%
Monaco
39%
Niger
39%
Nigeria
39%
Oman
39%
Oman
39%
Pakistan
39%
Panama
39%
Paraguay
39%
République du Congo
39%
République Tchèque
39%
Samoa
39%
Sao Tomé-et-Principe
39%
Sao Tomé-et-Principe
39%
Serbie
39%
Serbie
39%
Serbie
39%
Seychelles
39%
Seychelles
39%
Singapour
39%
Slovaquie
39%
Slovénie
39%
Slovénie
39%
Slovénie
39%
Slovénie
39%
Slovénie
39%
Soudan du Sud
39%
Soudan du Sud
39%
Soudan du Sud
39%
Tadjikistan
39%
Tadjikistan
39%
Tanzanie
39%
Togo
39%
Tunisie
39%
Turkménistan
39%
Vanuatu
39%
Venezuela
39%
Venezuela
39%
Yémen
39%
Yémen
39%
Zambie
39%
Zambie
39%
Afghanistan
38%
Afghanistan
38%
Afghanistan
38%
Afghanistan
38%
Albanie
38%
Andorre
38%
Antigua-et-Barbuda
38%
Antigua-et-Barbuda
38%
Antigua-et-Barbuda
38%
Arabie Saoudite
38%
Bahamas
38%
Bahamas
38%
Bahamas
38%
Bahamas
38%
Bangladesh
38%
Belgique
38%
Biélorussie
38%
Bolivie
38%
Bolivie
38%
Bolivie
38%
Bolivie
38%
Bosnie-Herzégovine
38%
Botswana
38%
Botswana
38%
Botswana
38%
Bulgarie
38%
Bulgarie
38%
Bulgarie
38%
Bulgarie
38%
Cameroun
38%
Cameroun
38%
Colombie
38%
Colombie
38%
Colombie
38%
Colombie
38%
Corée du Nord
38%
Corée du Nord
38%
Corée du Nord
38%
Corée du Nord
38%
Corée du Sud
38%
Corée du Sud
38%
Corée du Sud
38%
Corée du Sud
38%
Corée du Sud
38%
Costa Rica
38%
Costa Rica
38%
Costa Rica
38%
Costa Rica
38%
Costa Rica
38%
Côte d'Ivoire
38%
Côte d'Ivoire
38%
Émirats Arabes Unis
38%
Équateur
38%
Équateur
38%
Estonie
38%
Estonie
38%
Fidji
38%
Fidji
38%
Fidji
38%
Gabon
38%
Gabon
38%
Gabon
38%
Gabon
38%
Gabon
38%
Géorgie
38%
Géorgie
38%
Géorgie
38%
Géorgie
38%
Ghana
38%
Ghana
38%
Ghana
38%
Guatemala
38%
Guatemala
38%
Guatemala
38%
Guatemala
38%
Guinée
38%
Guinée-Bissau
38%
Guinée Équatoriale
38%
Guinée Équatoriale
38%
Guinée Équatoriale
38%
Guyana
38%
Haïti
38%
Haïti
38%
Haïti
38%
Haïti
38%
Haïti
38%
Hongrie
38%
Îles Salomon
38%
Irak
38%
Irak
38%
Irak
38%
Jamaïque
38%
Jamaïque
38%
Jamaïque
38%
Jordanie
38%
Kirghizistan
38%
Koweït
38%
Koweït
38%
Koweït
38%
Lettonie
38%
Lettonie
38%
Liechtenstein
38%
Luxembourg
38%
Luxembourg
38%
Macédoine du Nord
38%
Macédoine du Nord
38%
Macédoine du Nord
38%
Malaisie
38%
Malawi
38%
Malawi
38%
Malawi
38%
Malawi
38%
Malawi
38%
Malte
38%
Malte
38%
Moldavie
38%
Moldavie
38%
Monténégro
38%
Mozambique
38%
Nicaragua
38%
Nicaragua
38%
Niger
38%
Niger
38%
Nigeria
38%
Oman
38%
Ouganda
38%
Ouzbékistan
38%
Palaos
38%
Paraguay
38%
Paraguay
38%
République du Congo
38%
République Tchèque
38%
Roumanie
38%
Saint-Christophe- et-Niévès
38%
Saint-Christophe- et-Niévès
38%
Samoa
38%
Samoa
38%
Serbie
38%
Singapour
38%
Singapour
38%
Singapour
38%
Slovaquie
38%
Slovaquie
38%
Slovénie
38%
Slovénie
38%
Slovénie
38%
Slovénie
38%
Soudan
38%
Soudan du Sud
38%
Soudan du Sud
38%
Syrie
38%
Tadjikistan
38%
Tadjikistan
38%
Tadjikistan
38%
Tadjikistan
38%
Taïwan
38%
Tanzanie
38%
Timor Oriental
38%
Timor Oriental
38%
Timor Oriental
38%
Timor Oriental
38%
Togo
38%
Togo
38%
Togo
38%
Trinité-et-Tobago
38%
Trinité-et-Tobago
38%
Trinité-et-Tobago
38%
Tunisie
38%
Tunisie
38%
Tunisie
38%
Tunisie
38%
Turkménistan
38%
Vanuatu
38%
Venezuela
38%
Yémen
38%
Yémen
38%
Yémen
38%
Zambie
38%
Zambie
38%
Zimbabwe
38%
Zimbabwe
38%
Zimbabwe
38%
Zimbabwe
38%
Afghanistan
37%
Afghanistan
37%
Afghanistan
37%
Albanie
37%
Angola
37%
Antigua-et-Barbuda
37%
Arménie
37%
Bahamas
37%
Biélorussie
37%
Bolivie
37%
Bolivie
37%
Bolivie
37%
Bolivie
37%
Burkina Faso
37%
Cameroun
37%
Cap-Vert
37%
Colombie
37%
Corée du Sud
37%
Corée du Sud
37%
Corée du Sud
37%
Émirats Arabes Unis
37%
Équateur
37%
Érythrée
37%
Estonie
37%
Gabon
37%
Géorgie
37%
Géorgie
37%
Géorgie
37%
Ghana
37%
Guinée
37%
Guinée Équatoriale
37%
Haïti
37%
Hongrie
37%
Hongrie
37%
Irak
37%
Irak
37%
Jordanie
37%
Kenya
37%
Kirghizistan
37%
Koweït
37%
Koweït
37%
Lettonie
37%
Lettonie
37%
Lettonie
37%
Liban
37%
Lituanie
37%
Lituanie
37%
Lituanie
37%
Lituanie
37%
Macédoine du Nord
37%
Malaisie
37%
Malaisie
37%
Malaisie
37%
Malawi
37%
Malawi
37%
Malawi
37%
Moldavie
37%
Monténégro
37%
Monténégro
37%
Mozambique
37%
Nicaragua
37%
Nicaragua
37%
Niger
37%
Nigeria
37%
Ouzbékistan
37%
Paraguay
37%
République Centrafricaine
37%
République Centrafricaine
37%
République Centrafricaine
37%
République du Congo
37%
République du Congo
37%
République du Congo
37%
Saint-Christophe- et-Niévès
37%
Saint-Vincent-et-les-Grenadines
37%
Samoa
37%
Samoa
37%
Seychelles
37%
Singapour
37%
Singapour
37%
Slovénie
37%
Slovénie
37%
Soudan du Sud
37%
Tadjikistan
37%
Tadjikistan
37%
Taïwan
37%
Timor Oriental
37%
Timor Oriental
37%
Togo
37%
Togo
37%
Togo
37%
Trinité-et-Tobago
37%
Trinité-et-Tobago
37%
Turkménistan
37%
Turkménistan
37%
Vanuatu
37%
Venezuela
37%
Yémen
37%
Zambie
37%
Zimbabwe
37%
Albanie
36%
Albanie
36%
Antigua-et-Barbuda
36%
Arabie Saoudite
36%
Azerbaïdjan
36%
Azerbaïdjan
36%
Bahamas
36%
Belgique
36%
Belize
36%
Biélorussie
36%
Biélorussie
36%
Biélorussie
36%
Bolivie
36%
Bolivie
36%
Botswana
36%
Bulgarie
36%
Burkina Faso
36%
Burkina Faso
36%
Burkina Faso
36%
Burkina Faso
36%
Cap-Vert
36%
Colombie
36%
Corée du Nord
36%
Corée du Sud
36%
Corée du Sud
36%
Costa Rica
36%
Costa Rica
36%
Côte d'Ivoire
36%
Côte d'Ivoire
36%
Côte d'Ivoire
36%
Côte d'Ivoire
36%
Émirats Arabes Unis
36%
Émirats Arabes Unis
36%
Émirats Arabes Unis
36%
Équateur
36%
Érythrée
36%
Érythrée
36%
Érythrée
36%
Estonie
36%
Estonie
36%
Estonie
36%
Estonie
36%
Fidji
36%
Fidji
36%
Fidji
36%
Gabon
36%
Gabon
36%
Géorgie
36%
Ghana
36%
Ghana
36%
Ghana
36%
Ghana
36%
Grenade
36%
Guatemala
36%
Guinée Équatoriale
36%
Guinée Équatoriale
36%
Guinée Équatoriale
36%
Guyana
36%
Guyana
36%
Guyana
36%
Hongrie
36%
Hongrie
36%
Irak
36%
Irak
36%
Jordanie
36%
Jordanie
36%
Jordanie
36%
Jordanie
36%
Kirghizistan
36%
Koweït
36%
Lettonie
36%
Liberia
36%
Liberia
36%
Liberia
36%
Liberia
36%
Liberia
36%
Lituanie
36%
Lituanie
36%
Lituanie
36%
Lituanie
36%
Lituanie
36%
Macédoine du Nord
36%
Malaisie
36%
Malawi
36%
Malte
36%
Malte
36%
Monaco
36%
Mongolie
36%
Monténégro
36%
Monténégro
36%
Monténégro
36%
Monténégro
36%
Niger
36%
Oman
36%
Pakistan
36%
Panama
36%
Paraguay
36%
Pérou
36%
Pologne
36%
Qatar
36%
République Centrafricaine
36%
République Centrafricaine
36%
République Centrafricaine
36%
République Centrafricaine
36%
République du Congo
36%
République du Congo
36%
République du Congo
36%
Sainte-Lucie
36%
Samoa
36%
Singapour
36%
Slovaquie
36%
Slovaquie
36%
Slovaquie
36%
Slovénie
36%
Soudan
36%
Soudan du Sud
36%
Tanzanie
36%
Tanzanie
36%
Tanzanie
36%
Tanzanie
36%
Timor Oriental
36%
Togo
36%
Togo
36%
Togo
36%
Trinité-et-Tobago
36%
Tunisie
36%
Turkménistan
36%
Vatican
36%
Venezuela
36%
Venezuela
36%
Yémen
36%
Zambie
36%
Zambie
36%
Zimbabwe
36%
Afghanistan
35%
Afghanistan
35%
Afghanistan
35%
Afghanistan
35%
Antigua-et-Barbuda
35%
Arabie Saoudite
35%
Azerbaïdjan
35%
Azerbaïdjan
35%
Azerbaïdjan
35%
Bahamas
35%
Bahamas
35%
Bahamas
35%
Biélorussie
35%
Bolivie
35%
Bolivie
35%
Bosnie-Herzégovine
35%
Burkina Faso
35%
Burkina Faso
35%
Burkina Faso
35%
Cameroun
35%
Cameroun
35%
Cap-Vert
35%
Colombie
35%
Colombie
35%
Corée du Nord
35%
Corée du Nord
35%
Corée du Sud
35%
Corée du Sud
35%
Corée du Sud
35%
Côte d'Ivoire
35%
Côte d'Ivoire
35%
Côte d'Ivoire
35%
Côte d'Ivoire
35%
Côte d'Ivoire
35%
Équateur
35%
Érythrée
35%
Érythrée
35%
Estonie
35%
Estonie
35%
Éthiopie
35%
Fidji
35%
Géorgie
35%
Géorgie
35%
Géorgie
35%
Ghana
35%
Guinée
35%
Guinée
35%
Guinée
35%
Guinée-Bissau
35%
Guinée Équatoriale
35%
Guyana
35%
Guyana
35%
Honduras
35%
Îles Salomon
35%
Irak
35%
Irak
35%
Irak
35%
Jamaïque
35%
Jordanie
35%
Kazakhstan
35%
Kenya
35%
Kenya
35%
Kenya
35%
Kirghizistan
35%
Kirghizistan
35%
Koweït
35%
Koweït
35%
Lettonie
35%
Lettonie
35%
Lettonie
35%
Lettonie
35%
Liechtenstein
35%
Lituanie
35%
Lituanie
35%
Lituanie
35%
Luxembourg
35%
Macédoine du Nord
35%
Malaisie
35%
Malaisie
35%
Malawi
35%
Malawi
35%
Malawi
35%
Malawi
35%
Malte
35%
Malte
35%
Malte
35%
Mauritanie
35%
Moldavie
35%
Monténégro
35%
Monténégro
35%
Monténégro
35%
Nicaragua
35%
Nicaragua
35%
Nicaragua
35%
Nigeria
35%
Nigeria
35%
Nigeria
35%
Nigeria
35%
Panama
35%
Paraguay
35%
Paraguay
35%
Paraguay
35%
Paraguay
35%
République Centrafricaine
35%
République Centrafricaine
35%
République Centrafricaine
35%
République Centrafricaine
35%
République Centrafricaine
35%
République Dominicaine
35%
République du Congo
35%
République du Congo
35%
République du Congo
35%
République Tchèque
35%
Samoa
35%
Seychelles
35%
Singapour
35%
Singapour
35%
Slovaquie
35%
Slovaquie
35%
Slovénie
35%
Soudan du Sud
35%
Soudan du Sud
35%
Soudan du Sud
35%
Tadjikistan
35%
Tadjikistan
35%
Tadjikistan
35%
Tanzanie
35%
Tanzanie
35%
Tchad
35%
Timor Oriental
35%
Timor Oriental
35%
Timor Oriental
35%
Togo
35%
Togo
35%
Trinité-et-Tobago
35%
Trinité-et-Tobago
35%
Tunisie
35%
Tunisie
35%
Venezuela
35%
Venezuela
35%
Zambie
35%
Zimbabwe
35%
Zimbabwe
35%
Zimbabwe
35%
Afghanistan
34%
Arabie Saoudite
34%
Bahamas
34%
Bolivie
34%
Bolivie
34%
Colombie
34%
Corée du Sud
34%
Costa Rica
34%
Côte d'Ivoire
34%
Fidji
34%
Guinée
34%
Guinée
34%
Guinée Équatoriale
34%
Îles Salomon
34%
Kenya
34%
Macédoine du Nord
34%
Macédoine du Nord
34%
Malawi
34%
Malawi
34%
Malte
34%
Monténégro
34%
Nicaragua
34%
Niger
34%
Paraguay
34%
Paraguay
34%
Saint-Vincent-et-les-Grenadines
34%
Samoa
34%
Timor Oriental
34%
Timor Oriental
34%
Vanuatu
34%
Zambie
34%
Afghanistan
33%
Afghanistan
33%
Afghanistan
33%
Afghanistan
33%
Afghanistan
33%
Afghanistan
33%
Antigua-et-Barbuda
33%
Antigua-et-Barbuda
33%
Arabie Saoudite
33%
Arabie Saoudite
33%
Arménie
33%
Arménie
33%
Azerbaïdjan
33%
Bahamas
33%
Bahamas
33%
Bahamas
33%
Bahamas
33%
Bahamas
33%
Bahamas
33%
Belize
33%
Bhoutan
33%
Biélorussie
33%
Bolivie
33%
Bolivie
33%
Botswana
33%
Botswana
33%
Botswana
33%
Botswana
33%
Burkina Faso
33%
Burkina Faso
33%
Burkina Faso
33%
Cambodge
33%
Cambodge
33%
Cambodge
33%
Colombie
33%
Colombie
33%
Colombie
33%
Colombie
33%
Colombie
33%
Colombie
33%
Colombie
33%
Corée du Nord
33%
Corée du Nord
33%
Corée du Nord
33%
Corée du Nord
33%
Corée du Sud
33%
Corée du Sud
33%
Corée du Sud
33%
Corée du Sud
33%
Corée du Sud
33%
Corée du Sud
33%
Costa Rica
33%
Costa Rica
33%
Costa Rica
33%
Côte d'Ivoire
33%
Côte d'Ivoire
33%
Côte d'Ivoire
33%
Djibouti
33%
Émirats Arabes Unis
33%
Émirats Arabes Unis
33%
Émirats Arabes Unis
33%
Émirats Arabes Unis
33%
Émirats Arabes Unis
33%
Émirats Arabes Unis
33%
Équateur
33%
Équateur
33%
Équateur
33%
Équateur
33%
Équateur
33%
Estonie
33%
Estonie
33%
Estonie
33%
Estonie
33%
Estonie
33%
Estonie
33%
Éthiopie
33%
Fidji
33%
Fidji
33%
Fidji
33%
Fidji
33%
Gabon
33%
Gabon
33%
Gabon
33%
Ghana
33%
Ghana
33%
Ghana
33%
Guatemala
33%
Guatemala
33%
Guatemala
33%
Guatemala
33%
Guinée
33%
Guinée
33%
Guinée
33%
Guinée
33%
Guinée-Bissau
33%
Guinée Équatoriale
33%
Guinée Équatoriale
33%
Guinée Équatoriale
33%
Guinée Équatoriale
33%
Guinée Équatoriale
33%
Guinée Équatoriale
33%
Guinée Équatoriale
33%
Guyana
33%
Guyana
33%
Guyana
33%
Guyana
33%
Guyana
33%
Haïti
33%
Honduras
33%
Hongrie
33%
Îles Salomon
33%
Îles Salomon
33%
Îles Salomon
33%
Îles Salomon
33%
Irak
33%
Jamaïque
33%
Jamaïque
33%
Jamaïque
33%
Jordanie
33%
Jordanie
33%
Jordanie
33%
Jordanie
33%
Kazakhstan
33%
Kenya
33%
Kenya
33%
Kenya
33%
Kenya
33%
Kirghizistan
33%
Koweït
33%
Koweït
33%
Koweït
33%
Lettonie
33%
Lettonie
33%
Lettonie
33%
Lettonie
33%
Liban
33%
Liban
33%
Liban
33%
Liban
33%
Liban
33%
Liechtenstein
33%
Liechtenstein
33%
Liechtenstein
33%
Lituanie
33%
Lituanie
33%
Lituanie
33%
Lituanie
33%
Lituanie
33%
Luxembourg
33%
Luxembourg
33%
Luxembourg
33%
Luxembourg
33%
Luxembourg
33%
Macédoine du Nord
33%
Macédoine du Nord
33%
Macédoine du Nord
33%
Malaisie
33%
Malawi
33%
Malawi
33%
Malawi
33%
Malte
33%
Malte
33%
Malte
33%
Maurice
33%
Maurice
33%
Maurice
33%
Moldavie
33%
Monténégro
33%
Mozambique
33%
Nicaragua
33%
Niger
33%
Nigeria
33%
Nigeria
33%
Oman
33%
Ouganda
33%
Ouzbékistan
33%
Ouzbékistan
33%
Pakistan
33%
Pakistan
33%
Panama
33%
Panama
33%
Paraguay
33%
Paraguay
33%
Qatar
33%
République Centrafricaine
33%
République Centrafricaine
33%
République Centrafricaine
33%
République Centrafricaine
33%
République Démocratique du Congo
33%
République du Congo
33%
République du Congo
33%
République Tchèque
33%
Saint-Christophe- et-Niévès
33%
Saint-Christophe- et-Niévès
33%
Saint-Vincent-et-les-Grenadines
33%
Salvador
33%
Samoa
33%
Samoa
33%
Sao Tomé-et-Principe
33%
Serbie
33%
Serbie
33%
Serbie
33%
Seychelles
33%
Singapour
33%
Singapour
33%
Singapour
33%
Singapour
33%
Slovénie
33%
Slovénie
33%
Slovénie
33%
Slovénie
33%
Soudan du Sud
33%
Syrie
33%
Syrie
33%
Tadjikistan
33%
Tanzanie
33%
Tanzanie
33%
Tanzanie
33%
Tanzanie
33%
Timor Oriental
33%
Timor Oriental
33%
Timor Oriental
33%
Timor Oriental
33%
Togo
33%
Togo
33%
Togo
33%
Trinité-et-Tobago
33%
Trinité-et-Tobago
33%
Trinité-et-Tobago
33%
Trinité-et-Tobago
33%
Trinité-et-Tobago
33%
Tunisie
33%
Turkménistan
33%
Turkménistan
33%
Turkménistan
33%
Turkménistan
33%
Uruguay
33%
Vatican
33%
Venezuela
33%
Venezuela
33%
Yémen
33%
Zimbabwe
33%
Zimbabwe
33%
Zimbabwe
33%
Afghanistan
32%
Afghanistan
32%
Afghanistan
32%
Afghanistan
32%
Antigua-et-Barbuda
32%
Antigua-et-Barbuda
32%
Antigua-et-Barbuda
32%
Arménie
32%
Azerbaïdjan
32%
Azerbaïdjan
32%
Azerbaïdjan
32%
Azerbaïdjan
32%
Bahamas
32%
Bahamas
32%
Bahamas
32%
Bahamas
32%
Bahamas
32%
Belize
32%
Biélorussie
32%
Biélorussie
32%
Bosnie-Herzégovine
32%
Bosnie-Herzégovine
32%
Botswana
32%
Botswana
32%
Brunei
32%
Bulgarie
32%
Cameroun
32%
Colombie
32%
Colombie
32%
Corée du Nord
32%
Corée du Sud
32%
Costa Rica
32%
Côte d'Ivoire
32%
Djibouti
32%
Émirats Arabes Unis
32%
Émirats Arabes Unis
32%
Équateur
32%
Équateur
32%
Érythrée
32%
Estonie
32%
Estonie
32%
Estonie
32%
Estonie
32%
Gabon
32%
Gabon
32%
Gabon
32%
Géorgie
32%
Géorgie
32%
Géorgie
32%
Géorgie
32%
Ghana
32%
Ghana
32%
Ghana
32%
Guinée
32%
Guinée-Bissau
32%
Guyana
32%
Guyana
32%
Guyana
32%
Guyana
32%
Guyana
32%
Haïti
32%
Honduras
32%
Îles Salomon
32%
Îles Salomon
32%
Îles Salomon
32%
Îles Salomon
32%
Irak
32%
Irak
32%
Jordanie
32%
Jordanie
32%
Kenya
32%
Kenya
32%
Kenya
32%
Kenya
32%
Kenya
32%
Kenya
32%
Kirghizistan
32%
Koweït
32%
Lettonie
32%
Liban
32%
Liberia
32%
Liberia
32%
Liberia
32%
Liechtenstein
32%
Lituanie
32%
Lituanie
32%
Lituanie
32%
Luxembourg
32%
Luxembourg
32%
Luxembourg
32%
Luxembourg
32%
Macédoine du Nord
32%
Malawi
32%
Malte
32%
Moldavie
32%
Monténégro
32%
Monténégro
32%
Monténégro
32%
Nicaragua
32%
Nicaragua
32%
Nicaragua
32%
Nicaragua
32%
Oman
32%
Palaos
32%
Paraguay
32%
Paraguay
32%
Paraguay
32%
Pérou
32%
Qatar
32%
République Centrafricaine
32%
République Centrafricaine
32%
République Centrafricaine
32%
République du Congo
32%
Sainte-Lucie
32%
Saint-Vincent-et-les-Grenadines
32%
Saint-Vincent-et-les-Grenadines
32%
Samoa
32%
Samoa
32%
Samoa
32%
Samoa
32%
Samoa
32%
Sao Tomé-et-Principe
32%
Serbie
32%
Seychelles
32%
Seychelles
32%
Sierra Leone
32%
Singapour
32%
Singapour
32%
Singapour
32%
Slovénie
32%
Slovénie
32%
Slovénie
32%
Soudan du Sud
32%
Soudan du Sud
32%
Syrie
32%
Tadjikistan
32%
Tadjikistan
32%
Timor Oriental
32%
Togo
32%
Togo
32%
Trinité-et-Tobago
32%
Tunisie
32%
Tunisie
32%
Uruguay
32%
Uruguay
32%
Vanuatu
32%
Vanuatu
32%
Vanuatu
32%
Vanuatu
32%
Vatican
32%
Yémen
32%
Yémen
32%
Zimbabwe
32%
Zimbabwe
32%
Afghanistan
31%
Afghanistan
31%
Afghanistan
31%
Antigua-et-Barbuda
31%
Antigua-et-Barbuda
31%
Antigua-et-Barbuda
31%
Antigua-et-Barbuda
31%
Arménie
31%
Arménie
31%
Azerbaïdjan
31%
Bahamas
31%
Bahamas
31%
Bahamas
31%
Barbade
31%
Bhoutan
31%
Biélorussie
31%
Biélorussie
31%
Bolivie
31%
Bosnie-Herzégovine
31%
Botswana
31%
Brunei
31%
Bulgarie
31%
Burkina Faso
31%
Burundi
31%
Cameroun
31%
Cameroun
31%
Cameroun
31%
Cameroun
31%
Cap-Vert
31%
Colombie
31%
Comores
31%
Costa Rica
31%
Côte d'Ivoire
31%
Émirats Arabes Unis
31%
Émirats Arabes Unis
31%
Émirats Arabes Unis
31%
Équateur
31%
Estonie
31%
Gabon
31%
Gabon
31%
Géorgie
31%
Géorgie
31%
Ghana
31%
Ghana
31%
Guatemala
31%
Guinée-Bissau
31%
Guinée Équatoriale
31%
Guyana
31%
Guyana
31%
Guyana
31%
Haïti
31%
Haïti
31%
Îles Salomon
31%
Irak
31%
Jamaïque
31%
Jamaïque
31%
Kenya
31%
Kenya
31%
Kenya
31%
Kenya
31%
Liberia
31%
Luxembourg
31%
Luxembourg
31%
Luxembourg
31%
Malaisie
31%
Malaisie
31%
Moldavie
31%
Monténégro
31%
Nicaragua
31%
Nigeria
31%
Oman
31%
Ouganda
31%
Ouzbékistan
31%
Ouzbékistan
31%
Ouzbékistan
31%
Ouzbékistan
31%
Paraguay
31%
Paraguay
31%
Qatar
31%
République Centrafricaine
31%
République du Congo
31%
République du Congo
31%
République du Congo
31%
République du Congo
31%
République du Congo
31%
Saint-Vincent-et-les-Grenadines
31%
Saint-Vincent-et-les-Grenadines
31%
Saint-Vincent-et-les-Grenadines
31%
Saint-Vincent-et-les-Grenadines
31%
Salvador
31%
Samoa
31%
Seychelles
31%
Sierra Leone
31%
Sierra Leone
31%
Soudan du Sud
31%
Tadjikistan
31%
Tanzanie
31%
Timor Oriental
31%
Timor Oriental
31%
Togo
31%
Togo
31%
Togo
31%
Trinité-et-Tobago
31%
Trinité-et-Tobago
31%
Trinité-et-Tobago
31%
Trinité-et-Tobago
31%
Trinité-et-Tobago
31%
Trinité-et-Tobago
31%
Turkménistan
31%
Turkménistan
31%
Yémen
31%
Zimbabwe
31%
Zimbabwe
31%
Afghanistan
30%
Afghanistan
30%
Afghanistan
30%
Antigua-et-Barbuda
30%
Antigua-et-Barbuda
30%
Arabie Saoudite
30%
Arménie
30%
Arménie
30%
Azerbaïdjan
30%
Azerbaïdjan
30%
Azerbaïdjan
30%
Azerbaïdjan
30%
Bahamas
30%
Bahamas
30%
Barbade
30%
Belize
30%
Belize
30%
Belize
30%
Biélorussie
30%
Biélorussie
30%
Bolivie
30%
Bolivie
30%
Bolivie
30%
Bolivie
30%
Botswana
30%
Botswana
30%
Botswana
30%
Botswana
30%
Botswana
30%
Brunei
30%
Brunei
30%
Bulgarie
30%
Burkina Faso
30%
Burkina Faso
30%
Burundi
30%
Cambodge
30%
Cambodge
30%
Cambodge
30%
Cambodge
30%
Cameroun
30%
Cap-Vert
30%
Cap-Vert
30%
Corée du Nord
30%
Corée du Nord
30%
Costa Rica
30%
Costa Rica
30%
Costa Rica
30%
Costa Rica
30%
Dominique
30%
Émirats Arabes Unis
30%
Émirats Arabes Unis
30%
Équateur
30%
Équateur
30%
Estonie
30%
Estonie
30%
Fidji
30%
Gabon
30%
Gabon
30%
Géorgie
30%
Géorgie
30%
Géorgie
30%
Ghana
30%
Ghana
30%
Ghana
30%
Ghana
30%
Ghana
30%
Guatemala
30%
Guinée
30%
Guinée
30%
Guinée Équatoriale
30%
Guyana
30%
Guyana
30%
Haïti
30%
Haïti
30%
Îles Salomon
30%
Îles Salomon
30%
Jamaïque
30%
Kirghizistan
30%
Koweït
30%
Koweït
30%
Koweït
30%
Koweït
30%
Lettonie
30%
Liban
30%
Liban
30%
Liberia
30%
Liberia
30%
Liberia
30%
Liberia
30%
Liechtenstein
30%
Liechtenstein
30%
Lituanie
30%
Macédoine du Nord
30%
Malaisie
30%
Malte
30%
Malte
30%
Malte
30%
Monténégro
30%
Monténégro
30%
Monténégro
30%
Nicaragua
30%
Nicaragua
30%
Nicaragua
30%
Nicaragua
30%
Nicaragua
30%
Niger
30%
Nigeria
30%
Nigeria
30%
Ouganda
30%
Paraguay
30%
Qatar
30%
République Centrafricaine
30%
République Centrafricaine
30%
Saint-Christophe- et-Niévès
30%
Saint-Vincent-et-les-Grenadines
30%
Saint-Vincent-et-les-Grenadines
30%
Saint-Vincent-et-les-Grenadines
30%
Saint-Vincent-et-les-Grenadines
30%
Samoa
30%
Sao Tomé-et-Principe
30%
Sao Tomé-et-Principe
30%
Sao Tomé-et-Principe
30%
Serbie
30%
Seychelles
30%
Seychelles
30%
Sierra Leone
30%
Singapour
30%
Singapour
30%
Singapour
30%
Slovénie
30%
Soudan du Sud
30%
Soudan du Sud
30%
Syrie
30%
Tadjikistan
30%
Tadjikistan
30%
Tadjikistan
30%
Tanzanie
30%
Tanzanie
30%
Tanzanie
30%
Timor Oriental
30%
Timor Oriental
30%
Togo
30%
Togo
30%
Togo
30%
Togo
30%
Tunisie
30%
Turkménistan
30%
Turkménistan
30%
Uruguay
30%
Uruguay
30%
Uruguay
30%
Vanuatu
30%
Zambie
30%
Zimbabwe
30%
Andorre
29%
Antigua-et-Barbuda
29%
Antigua-et-Barbuda
29%
Arménie
29%
Arménie
29%
Arménie
29%
Azerbaïdjan
29%
Azerbaïdjan
29%
Bahamas
29%
Bahamas
29%
Belize
29%
Belize
29%
Belize
29%
Biélorussie
29%
Biélorussie
29%
Bolivie
29%
Bolivie
29%
Bolivie
29%
Bolivie
29%
Botswana
29%
Botswana
29%
Botswana
29%
Botswana
29%
Botswana
29%
Botswana
29%
Brunei
29%
Brunei
29%
Bulgarie
29%
Bulgarie
29%
Burkina Faso
29%
Burundi
29%
Burundi
29%
Cambodge
29%
Cap-Vert
29%
Colombie
29%
Colombie
29%
Corée du Nord
29%
Corée du Nord
29%
Corée du Sud
29%
Corée du Sud
29%
Corée du Sud
29%
Corée du Sud
29%
Costa Rica
29%
Costa Rica
29%
Costa Rica
29%
Costa Rica
29%
Costa Rica
29%
Côte d'Ivoire
29%
Côte d'Ivoire
29%
Côte d'Ivoire
29%
Dominique
29%
Émirats Arabes Unis
29%
Émirats Arabes Unis
29%
Équateur
29%
Équateur
29%
Équateur
29%
Équateur
29%
Équateur
29%
Équateur
29%
Estonie
29%
Estonie
29%
Estonie
29%
Estonie
29%
Estonie
29%
Fidji
29%
Fidji
29%
Gabon
29%
Gabon
29%
Gabon
29%
Gabon
29%
Gabon
29%
Géorgie
29%
Ghana
29%
Guatemala
29%
Guatemala
29%
Guatemala
29%
Guatemala
29%
Guinée
29%
Guinée
29%
Guinée
29%
Guinée
29%
Guinée-Bissau
29%
Guinée-Bissau
29%
Guinée-Bissau
29%
Guinée-Bissau
29%
Guinée Équatoriale
29%
Guinée Équatoriale
29%
Guinée Équatoriale
29%
Guinée Équatoriale
29%
Guinée Équatoriale
29%
Guinée Équatoriale
29%
Guinée Équatoriale
29%
Guyana
29%
Guyana
29%
Guyana
29%
Guyana
29%
Honduras
29%
Îles Salomon
29%
Îles Salomon
29%
Îles Salomon
29%
Irak
29%
Jamaïque
29%
Jamaïque
29%
Jordanie
29%
Kenya
29%
Kenya
29%
Kenya
29%
Kenya
29%
Kirghizistan
29%
Kirghizistan
29%
Koweït
29%
Koweït
29%
Koweït
29%
Koweït
29%
Koweït
29%
Koweït
29%
Koweït
29%
Koweït
29%
Lettonie
29%
Lettonie
29%
Lettonie
29%
Liban
29%
Liban
29%
Liberia
29%
Liechtenstein
29%
Liechtenstein
29%
Lituanie
29%
Luxembourg
29%
Macédoine du Nord
29%
Malaisie
29%
Malaisie
29%
Malaisie
29%
Malawi
29%
Malawi
29%
Malawi
29%
Malte
29%
Malte
29%
Malte
29%
Malte
29%
Monténégro
29%
Monténégro
29%
Monténégro
29%
Monténégro
29%
Monténégro
29%
Monténégro
29%
Mozambique
29%
Nicaragua
29%
Nicaragua
29%
Nicaragua
29%
Nicaragua
29%
Nicaragua
29%
Nicaragua
29%
Niger
29%
Nigeria
29%
Nigeria
29%
Nigeria
29%
Oman
29%
Ouganda
29%
Palaos
29%
Palaos
29%
Palaos
29%
Panama
29%
Panama
29%
Paraguay
29%
Paraguay
29%
Paraguay
29%
Qatar
29%
Qatar
29%
Qatar
29%
Qatar
29%
République Centrafricaine
29%
République Centrafricaine
29%
République Centrafricaine
29%
République du Congo
29%
République du Congo
29%
Rwanda
29%
Saint-Christophe- et-Niévès
29%
Sainte-Lucie
29%
Saint-Vincent-et-les-Grenadines
29%
Salvador
29%
Samoa
29%
Samoa
29%
Samoa
29%
Sao Tomé-et-Principe
29%
Sao Tomé-et-Principe
29%
Serbie
29%
Seychelles
29%
Singapour
29%
Singapour
29%
Singapour
29%
Tadjikistan
29%
Tadjikistan
29%
Tanzanie
29%
Timor Oriental
29%
Timor Oriental
29%
Togo
29%
Togo
29%
Togo
29%
Trinité-et-Tobago
29%
Trinité-et-Tobago
29%
Trinité-et-Tobago
29%
Trinité-et-Tobago
29%
Trinité-et-Tobago
29%
Trinité-et-Tobago
29%
Trinité-et-Tobago
29%
Turkménistan
29%
Turkménistan
29%
Turkménistan
29%
Turkménistan
29%
Uruguay
29%
Uruguay
29%
Vanuatu
29%
Vanuatu
29%
Vatican
29%
Yémen
29%
Zimbabwe
29%
Antigua-et-Barbuda
28%
Bahamas
28%
Bahamas
28%
Bangladesh
28%
Biélorussie
28%
Botswana
28%
Brunei
28%
Burkina Faso
28%
Burkina Faso
28%
Cambodge
28%
Cambodge
28%
Cambodge
28%
Cambodge
28%
Cameroun
28%
Cap-Vert
28%
Cap-Vert
28%
Corée du Nord
28%
Costa Rica
28%
Costa Rica
28%
Émirats Arabes Unis
28%
Estonie
28%
Eswatini
28%
Eswatini
28%
Fidji
28%
Fidji
28%
Fidji
28%
Gabon
28%
Gabon
28%
Gabon
28%
Guinée
28%
Guyana
28%
Honduras
28%
Hongrie
28%
Iran
28%
Jamaïque
28%
Jamaïque
28%
Jamaïque
28%
Kenya
28%
Kenya
28%
Kirghizistan
28%
Koweït
28%
Koweït
28%
Koweït
28%
Koweït
28%
Lettonie
28%
Liban
28%
Liberia
28%
Liberia
28%
Liechtenstein
28%
Liechtenstein
28%
Liechtenstein
28%
Lituanie
28%
Luxembourg
28%
Luxembourg
28%
Luxembourg
28%
Malte
28%
Malte
28%
Maurice
28%
Monténégro
28%
Nigeria
28%
Palaos
28%
Paraguay
28%
République Centrafricaine
28%
Saint-Christophe- et-Niévès
28%
Saint-Christophe- et-Niévès
28%
Salvador
28%
Samoa
28%
Seychelles
28%
Seychelles
28%
Soudan du Sud
28%
Tadjikistan
28%
Tanzanie
28%
Timor Oriental
28%
Togo
28%
Togo
28%
Trinité-et-Tobago
28%
Trinité-et-Tobago
28%
Uruguay
28%
Vanuatu
28%
Vanuatu
28%
Vanuatu
28%
Vanuatu
28%
Yémen
28%
Zimbabwe
28%
Zimbabwe
28%
Zimbabwe
28%
Afghanistan
27%
Andorre
27%
Antigua-et-Barbuda
27%
Antigua-et-Barbuda
27%
Azerbaïdjan
27%
Azerbaïdjan
27%
Azerbaïdjan
27%
Azerbaïdjan
27%
Barbade
27%
Belize
27%
Bolivie
27%
Botswana
27%
Botswana
27%
Brunei
27%
Brunei
27%
Brunei
27%
Burkina Faso
27%
Burundi
27%
Cambodge
27%
Cameroun
27%
Cap-Vert
27%
Cap-Vert
27%
Cap-Vert
27%
Cap-Vert
27%
Comores
27%
Comores
27%
Corée du Nord
27%
Corée du Sud
27%
Corée du Sud
27%
Côte d'Ivoire
27%
Côte d'Ivoire
27%
Djibouti
27%
Dominique
27%
Équateur
27%
Équateur
27%
Équateur
27%
Équateur
27%
Estonie
27%
Estonie
27%
Estonie
27%
Fidji
27%
Fidji
27%
Gabon
27%
Ghana
27%
Ghana
27%
Ghana
27%
Grenade
27%
Guatemala
27%
Guatemala
27%
Guatemala
27%
Guatemala
27%
Guinée
27%
Guinée
27%
Guinée
27%
Guinée-Bissau
27%
Guinée-Bissau
27%
Guinée Équatoriale
27%
Guinée Équatoriale
27%
Guinée Équatoriale
27%
Guyana
27%
Guyana
27%
Haïti
27%
Honduras
27%
Hongrie
27%
Îles Salomon
27%
Îles Salomon
27%
Jamaïque
27%
Jamaïque
27%
Kenya
27%
Kenya
27%
Kirghizistan
27%
Kirghizistan
27%
Kirghizistan
27%
Koweït
27%
Koweït
27%
Koweït
27%
Koweït
27%
Lesotho
27%
Lesotho
27%
Lesotho
27%
Lettonie
27%
Liban
27%
Liban
27%
Liban
27%
Liberia
27%
Liberia
27%
Liechtenstein
27%
Liechtenstein
27%
Liechtenstein
27%
Lituanie
27%
Lituanie
27%
Lituanie
27%
Luxembourg
27%
Luxembourg
27%
Luxembourg
27%
Macédoine du Nord
27%
Malaisie
27%
Malte
27%
Malte
27%
Malte
27%
Monténégro
27%
Monténégro
27%
Nicaragua
27%
Nicaragua
27%
Nicaragua
27%
Nigeria
27%
Nigeria
27%
Ouganda
27%
Ouzbékistan
27%
Panama
27%
Paraguay
27%
Paraguay
27%
Paraguay
27%
Qatar
27%
Qatar
27%
République Centrafricaine
27%
Saint-Christophe- et-Niévès
27%
Sainte-Lucie
27%
Saint-Vincent-et-les-Grenadines
27%
Saint-Vincent-et-les-Grenadines
27%
Salvador
27%
Samoa
27%
Sao Tomé-et-Principe
27%
Seychelles
27%
Seychelles
27%
Seychelles
27%
Seychelles
27%
Slovénie
27%
Slovénie
27%
Slovénie
27%
Slovénie
27%
Slovénie
27%
Slovénie
27%
Soudan du Sud
27%
Soudan du Sud
27%
Suriname
27%
Tadjikistan
27%
Tadjikistan
27%
Tanzanie
27%
Tanzanie
27%
Timor Oriental
27%
Trinité-et-Tobago
27%
Trinité-et-Tobago
27%
Trinité-et-Tobago
27%
Tunisie
27%
Turkménistan
27%
Uruguay
27%
Vanuatu
27%
Vanuatu
27%
Zambie
27%
Zimbabwe
27%
Zimbabwe
27%
Afghanistan
26%
Arménie
26%
Arménie
26%
Azerbaïdjan
26%
Azerbaïdjan
26%
Azerbaïdjan
26%
Bahamas
26%
Bahreïn
26%
Bahreïn
26%
Barbade
26%
Barbade
26%
Barbade
26%
Barbade
26%
Barbade
26%
Belize
26%
Belize
26%
Biélorussie
26%
Biélorussie
26%
Bolivie
26%
Bolivie
26%
Botswana
26%
Bulgarie
26%
Burundi
26%
Burundi
26%
Cambodge
26%
Cameroun
26%
Cap-Vert
26%
Cap-Vert
26%
Cap-Vert
26%
Cap-Vert
26%
Cap-Vert
26%
Cap-Vert
26%
Colombie
26%
Comores
26%
Corée du Nord
26%
Corée du Sud
26%
Costa Rica
26%
Côte d'Ivoire
26%
Djibouti
26%
Émirats Arabes Unis
26%
Équateur
26%
Équateur
26%
Érythrée
26%
Estonie
26%
Fidji
26%
Fidji
26%
Fidji
26%
Fidji
26%
Gabon
26%
Ghana
26%
Grenade
26%
Grenade
26%
Guatemala
26%
Guinée
26%
Guinée
26%
Guinée-Bissau
26%
Guinée Équatoriale
26%
Guinée Équatoriale
26%
Guinée Équatoriale
26%
Guyana
26%
Haïti
26%
Îles Salomon
26%
Îles Salomon
26%
Îles Salomon
26%
Îles Salomon
26%
Îles Salomon
26%
Irak
26%
Jamaïque
26%
Jamaïque
26%
Jamaïque
26%
Kenya
26%
Kenya
26%
Kenya
26%
Koweït
26%
Lesotho
26%
Liban
26%
Liban
26%
Liban
26%
Liberia
26%
Liberia
26%
Liberia
26%
Liberia
26%
Liechtenstein
26%
Liechtenstein
26%
Lituanie
26%
Macédoine du Nord
26%
Malawi
26%
Malte
26%
Moldavie
26%
Nigeria
26%
Nigeria
26%
Ouganda
26%
Ouganda
26%
Ouganda
26%
Palaos
26%
Palaos
26%
Palaos
26%
Paraguay
26%
Paraguay
26%
Paraguay
26%
Paraguay
26%
Qatar
26%
Qatar
26%
Qatar
26%
République Centrafricaine
26%
République Dominicaine
26%
République du Congo
26%
République du Congo
26%
République du Congo
26%
Rwanda
26%
Saint-Christophe- et-Niévès
26%
Sainte-Lucie
26%
Sainte-Lucie
26%
Saint-Vincent-et-les-Grenadines
26%
Saint-Vincent-et-les-Grenadines
26%
Samoa
26%
Samoa
26%
Samoa
26%
Samoa
26%
Sao Tomé-et-Principe
26%
Sao Tomé-et-Principe
26%
Sao Tomé-et-Principe
26%
Seychelles
26%
Seychelles
26%
Seychelles
26%
Sierra Leone
26%
Slovénie
26%
Slovénie
26%
Soudan du Sud
26%
Soudan du Sud
26%
Soudan du Sud
26%
Soudan du Sud
26%
Soudan du Sud
26%
Tadjikistan
26%
Tadjikistan
26%
Tadjikistan
26%
Tadjikistan
26%
Tanzanie
26%
Tanzanie
26%
Tanzanie
26%
Timor Oriental
26%
Timor Oriental
26%
Togo
26%
Trinité-et-Tobago
26%
Trinité-et-Tobago
26%
Tunisie
26%
Uruguay
26%
Uruguay
26%
Uruguay
26%
Vanuatu
26%
Zimbabwe
26%
Zimbabwe
26%
Afghanistan
25%
Andorre
25%
Antigua-et-Barbuda
25%
Arménie
25%
Arménie
25%
Arménie
25%
Azerbaïdjan
25%
Bahreïn
25%
Barbade
25%
Belize
25%
Bhoutan
25%
Biélorussie
25%
Brunei
25%
Brunei
25%
Burkina Faso
25%
Burundi
25%
Cambodge
25%
Cambodge
25%
Cambodge
25%
Cambodge
25%
Cap-Vert
25%
Cap-Vert
25%
Cap-Vert
25%
Colombie
25%
Colombie
25%
Colombie
25%
Comores
25%
Comores
25%
Comores
25%
Comores
25%
Corée du Sud
25%
Costa Rica
25%
Costa Rica
25%
Costa Rica
25%
Émirats Arabes Unis
25%
Eswatini
25%
Eswatini
25%
Fidji
25%
Fidji
25%
Fidji
25%
Géorgie
25%
Géorgie
25%
Géorgie
25%
Géorgie
25%
Ghana
25%
Grenade
25%
Grenade
25%
Guatemala
25%
Guatemala
25%
Guatemala
25%
Guinée
25%
Guinée Équatoriale
25%
Guinée Équatoriale
25%
Guinée Équatoriale
25%
Guinée Équatoriale
25%
Guyana
25%
Guyana
25%
Haïti
25%
Honduras
25%
Îles Salomon
25%
Jamaïque
25%
Jamaïque
25%
Jamaïque
25%
Jordanie
25%
Jordanie
25%
Kenya
25%
Kenya
25%
Kenya
25%
Kirghizistan
25%
Kirghizistan
25%
Kirghizistan
25%
Koweït
25%
Koweït
25%
Koweït
25%
Koweït
25%
Koweït
25%
Koweït
25%
Koweït
25%
Lettonie
25%
Lettonie
25%
Lettonie
25%
Lettonie
25%
Liban
25%
Liban
25%
Liberia
25%
Liechtenstein
25%
Lituanie
25%
Luxembourg
25%
Luxembourg
25%
Macédoine du Nord
25%
Macédoine du Nord
25%
Malaisie
25%
Malte
25%
Maurice
25%
Maurice
25%
Maurice
25%
Mauritanie
25%
Monténégro
25%
Monténégro
25%
Monténégro
25%
Monténégro
25%
Nicaragua
25%
Nigeria
25%
Ouganda
25%
Ouganda
25%
Palaos
25%
Palaos
25%
Paraguay
25%
République Centrafricaine
25%
République Dominicaine
25%
Saint-Christophe- et-Niévès
25%
Saint-Marin
25%
Saint-Vincent-et-les-Grenadines
25%
Saint-Vincent-et-les-Grenadines
25%
Saint-Vincent-et-les-Grenadines
25%
Samoa
25%
Samoa
25%
Samoa
25%
Sao Tomé-et-Principe
25%
Seychelles
25%
Sierra Leone
25%
Singapour
25%
Singapour
25%
Soudan du Sud
25%
Soudan du Sud
25%
Suriname
25%
Tadjikistan
25%
Tanzanie
25%
Tanzanie
25%
Tanzanie
25%
Tanzanie
25%
Timor Oriental
25%
Timor Oriental
25%
Togo
25%
Turkménistan
25%
Uruguay
25%
Vanuatu
25%
Vanuatu
25%
Zambie
25%
Afghanistan
24%
Antigua-et-Barbuda
24%
Antigua-et-Barbuda
24%
Arabie Saoudite
24%
Arménie
24%
Bahamas
24%
Bahreïn
24%
Bahreïn
24%
Bangladesh
24%
Barbade
24%
Barbade
24%
Belize
24%
Belize
24%
Belize
24%
Belize
24%
Belize
24%
Belize
24%
Bhoutan
24%
Bhoutan
24%
Bhoutan
24%
Bolivie
24%
Bolivie
24%
Botswana
24%
Botswana
24%
Brunei
24%
Brunei
24%
Burkina Faso
24%
Burundi
24%
Burundi
24%
Burundi
24%
Burundi
24%
Cambodge
24%
Cambodge
24%
Comores
24%
Corée du Nord
24%
Costa Rica
24%
Costa Rica
24%
Côte d'Ivoire
24%
Djibouti
24%
Dominique
24%
Dominique
24%
Émirats Arabes Unis
24%
Équateur
24%
Équateur
24%
Équateur
24%
Estonie
24%
Estonie
24%
Fidji
24%
Fidji
24%
Fidji
24%
Fidji
24%
Gabon
24%
Grenade
24%
Grenade
24%
Grenade
24%
Guatemala
24%
Guinée
24%
Guinée-Bissau
24%
Guinée-Bissau
24%
Guinée-Bissau
24%
Guinée Équatoriale
24%
Guyana
24%
Guyana
24%
Honduras
24%
Honduras
24%
Îles Salomon
24%
Îles Salomon
24%
Jamaïque
24%
Jamaïque
24%
Kenya
24%
Kirghizistan
24%
Kirghizistan
24%
Kirghizistan
24%
Kirghizistan
24%
Kirghizistan
24%
Koweït
24%
Koweït
24%
Koweït
24%
Lesotho
24%
Liban
24%
Liberia
24%
Liberia
24%
Liberia
24%
Liechtenstein
24%
Liechtenstein
24%
Luxembourg
24%
Macédoine du Nord
24%
Malte
24%
Malte
24%
Monténégro
24%
Monténégro
24%
Monténégro
24%
Nigeria
24%
Ouganda
24%
Ouganda
24%
Ouganda
24%
Paraguay
24%
Qatar
24%
République Centrafricaine
24%
République Centrafricaine
24%
République Dominicaine
24%
République Dominicaine
24%
République du Congo
24%
Saint-Christophe- et-Niévès
24%
Saint-Christophe- et-Niévès
24%
Saint-Christophe- et-Niévès
24%
Sainte-Lucie
24%
Sainte-Lucie
24%
Saint-Vincent-et-les-Grenadines
24%
Saint-Vincent-et-les-Grenadines
24%
Saint-Vincent-et-les-Grenadines
24%
Saint-Vincent-et-les-Grenadines
24%
Saint-Vincent-et-les-Grenadines
24%
Saint-Vincent-et-les-Grenadines
24%
Salvador
24%
Salvador
24%
Samoa
24%
Samoa
24%
Sao Tomé-et-Principe
24%
Sao Tomé-et-Principe
24%
Seychelles
24%
Seychelles
24%
Soudan du Sud
24%
Soudan du Sud
24%
Suriname
24%
Tanzanie
24%
Tanzanie
24%
Tanzanie
24%
Timor Oriental
24%
Timor Oriental
24%
Trinité-et-Tobago
24%
Trinité-et-Tobago
24%
Trinité-et-Tobago
24%
Turkménistan
24%
Vanuatu
24%
Vanuatu
24%
Vanuatu
24%
Vanuatu
24%
Vanuatu
24%
Vanuatu
24%
Vanuatu
24%
Venezuela
24%
Zimbabwe
24%
Zimbabwe
24%
Zimbabwe
24%
Andorre
23%
Antigua-et-Barbuda
23%
Antigua-et-Barbuda
23%
Arménie
23%
Arménie
23%
Arménie
23%
Azerbaïdjan
23%
Azerbaïdjan
23%
Azerbaïdjan
23%
Bahamas
23%
Bahamas
23%
Bahreïn
23%
Bahreïn
23%
Belize
23%
Belize
23%
Belize
23%
Bhoutan
23%
Bolivie
23%
Bolivie
23%
Botswana
23%
Brunei
23%
Brunei
23%
Bulgarie
23%
Burkina Faso
23%
Burundi
23%
Cambodge
23%
Cap-Vert
23%
Cap-Vert
23%
Cap-Vert
23%
Cap-Vert
23%
Cap-Vert
23%
Comores
23%
Comores
23%
Corée du Nord
23%
Corée du Nord
23%
Corée du Sud
23%
Costa Rica
23%
Costa Rica
23%
Costa Rica
23%
Côte d'Ivoire
23%
Djibouti
23%
Estonie
23%
Eswatini
23%
Fidji
23%
Fidji
23%
Gabon
23%
Géorgie
23%
Grenade
23%
Grenade
23%
Grenade
23%
Guatemala
23%
Guatemala
23%
Guinée
23%
Guinée-Bissau
23%
Guinée-Bissau
23%
Guinée-Bissau
23%
Honduras
23%
Honduras
23%
Honduras
23%
Jamaïque
23%
Jordanie
23%
Kenya
23%
Kenya
23%
Kenya
23%
Kenya
23%
Kenya
23%
Kenya
23%
Kenya
23%
Kirghizistan
23%
Kirghizistan
23%
Koweït
23%
Liban
23%
Liechtenstein
23%
Luxembourg
23%
Luxembourg
23%
Luxembourg
23%
Luxembourg
23%
Macédoine du Nord
23%
Malawi
23%
Malte
23%
Nicaragua
23%
Nicaragua
23%
Ouganda
23%
Palaos
23%
Palaos
23%
Palaos
23%
Paraguay
23%
Qatar
23%
Qatar
23%
République Dominicaine
23%
Rwanda
23%
Saint-Christophe- et-Niévès
23%
Saint-Christophe- et-Niévès
23%
Saint-Christophe- et-Niévès
23%
Saint-Christophe- et-Niévès
23%
Sainte-Lucie
23%
Saint-Marin
23%
Saint-Vincent-et-les-Grenadines
23%
Samoa
23%
Samoa
23%
Sao Tomé-et-Principe
23%
Sao Tomé-et-Principe
23%
Sao Tomé-et-Principe
23%
Sao Tomé-et-Principe
23%
Seychelles
23%
Seychelles
23%
Sierra Leone
23%
Sierra Leone
23%
Sierra Leone
23%
Singapour
23%
Slovaquie
23%
Slovaquie
23%
Soudan du Sud
23%
Soudan du Sud
23%
Soudan du Sud
23%
Soudan du Sud
23%
Soudan du Sud
23%
Suriname
23%
Tadjikistan
23%
Timor Oriental
23%
Timor Oriental
23%
Timor Oriental
23%
Togo
23%
Turkménistan
23%
Uruguay
23%
Uruguay
23%
Uruguay
23%
Zimbabwe
23%
Zimbabwe
23%
Zimbabwe
23%
Zimbabwe
23%
Antigua-et-Barbuda
22%
Antigua-et-Barbuda
22%
Arménie
22%
Arménie
22%
Arménie
22%
Azerbaïdjan
22%
Azerbaïdjan
22%
Azerbaïdjan
22%
Bahamas
22%
Barbade
22%
Belize
22%
Bhoutan
22%
Bhoutan
22%
Bhoutan
22%
Bhoutan
22%
Bolivie
22%
Bolivie
22%
Bolivie
22%
Botswana
22%
Brunei
22%
Burkina Faso
22%
Burkina Faso
22%
Burkina Faso
22%
Burundi
22%
Cambodge
22%
Cap-Vert
22%
Cap-Vert
22%
Cap-Vert
22%
Cap-Vert
22%
Cap-Vert
22%
Cap-Vert
22%
Cap-Vert
22%
Colombie
22%
Comores
22%
Comores
22%
Costa Rica
22%
Costa Rica
22%
Costa Rica
22%
Costa Rica
22%
Djibouti
22%
Djibouti
22%
Dominique
22%
Équateur
22%
Équateur
22%
Équateur
22%
Estonie
22%
Eswatini
22%
Eswatini
22%
Fidji
22%
Fidji
22%
Fidji
22%
Ghana
22%
Grenade
22%
Grenade
22%
Grenade
22%
Grenade
22%
Guatemala
22%
Guatemala
22%
Guatemala
22%
Guatemala
22%
Guinée-Bissau
22%
Guinée-Bissau
22%
Guinée Équatoriale
22%
Guinée Équatoriale
22%
Guinée Équatoriale
22%
Guyana
22%
Guyana
22%
Haïti
22%
Honduras
22%
Îles Salomon
22%
Îles Salomon
22%
Jamaïque
22%
Jamaïque
22%
Jamaïque
22%
Jamaïque
22%
Kenya
22%
Kenya
22%
Kenya
22%
Kirghizistan
22%
Kirghizistan
22%
Koweït
22%
Koweït
22%
Koweït
22%
Lettonie
22%
Liban
22%
Liban
22%
Liberia
22%
Liberia
22%
Liberia
22%
Liberia
22%
Liberia
22%
Liechtenstein
22%
Liechtenstein
22%
Maurice
22%
Monténégro
22%
Nigeria
22%
Ouganda
22%
Ouganda
22%
Palaos
22%
Palaos
22%
Qatar
22%
Qatar
22%
Qatar
22%
Qatar
22%
République Centrafricaine
22%
République Centrafricaine
22%
République Centrafricaine
22%
République Dominicaine
22%
République Dominicaine
22%
République du Congo
22%
Saint-Christophe- et-Niévès
22%
Saint-Christophe- et-Niévès
22%
Saint-Christophe- et-Niévès
22%
Saint-Christophe- et-Niévès
22%
Saint-Christophe- et-Niévès
22%
Saint-Christophe- et-Niévès
22%
Sainte-Lucie
22%
Sainte-Lucie
22%
Sainte-Lucie
22%
Sainte-Lucie
22%
Sainte-Lucie
22%
Saint-Marin
22%
Saint-Vincent-et-les-Grenadines
22%
Salvador
22%
Salvador
22%
Samoa
22%
Sao Tomé-et-Principe
22%
Seychelles
22%
Sierra Leone
22%
Sierra Leone
22%
Soudan du Sud
22%
Soudan du Sud
22%
Soudan du Sud
22%
Tadjikistan
22%
Tadjikistan
22%
Tanzanie
22%
Trinité-et-Tobago
22%
Tunisie
22%
Uruguay
22%
Vanuatu
22%
Vanuatu
22%
Andorre
21%
Arménie
21%
Arménie
21%
Arménie
21%
Azerbaïdjan
21%
Azerbaïdjan
21%
Azerbaïdjan
21%
Azerbaïdjan
21%
Azerbaïdjan
21%
Bahamas
21%
Bahamas
21%
Bahreïn
21%
Bahreïn
21%
Barbade
21%
Barbade
21%
Barbade
21%
Belize
21%
Belize
21%
Belize
21%
Belize
21%
Belize
21%
Belize
21%
Bhoutan
21%
Bhoutan
21%
Botswana
21%
Botswana
21%
Brunei
21%
Brunei
21%
Brunei
21%
Brunei
21%
Brunei
21%
Brunei
21%
Brunei
21%
Brunei
21%
Burkina Faso
21%
Burkina Faso
21%
Burundi
21%
Cambodge
21%
Cambodge
21%
Cambodge
21%
Cambodge
21%
Cambodge
21%
Cap-Vert
21%
Colombie
21%
Costa Rica
21%
Costa Rica
21%
Djibouti
21%
Djibouti
21%
Djibouti
21%
Djibouti
21%
Dominique
21%
Équateur
21%
Équateur
21%
Équateur
21%
Équateur
21%
Érythrée
21%
Estonie
21%
Eswatini
21%
Eswatini
21%
Fidji
21%
Fidji
21%
Gabon
21%
Grenade
21%
Grenade
21%
Grenade
21%
Grenade
21%
Grenade
21%
Grenade
21%
Guatemala
21%
Guinée
21%
Guinée-Bissau
21%
Guinée-Bissau
21%
Guinée-Bissau
21%
Guinée-Bissau
21%
Guinée-Bissau
21%
Guinée-Bissau
21%
Guyana
21%
Guyana
21%
Honduras
21%
Jamaïque
21%
Jamaïque
21%
Kenya
21%
Kirghizistan
21%
Kirghizistan
21%
Kirghizistan
21%
Kirghizistan
21%
Kirghizistan
21%
Koweït
21%
Liban
21%
Liban
21%
Liban
21%
Liberia
21%
Liechtenstein
21%
Lituanie
21%
Maurice
21%
Monténégro
21%
Ouganda
21%
Paraguay
21%
Qatar
21%
Qatar
21%
Qatar
21%
République Centrafricaine
21%
République Dominicaine
21%
République Dominicaine
21%
République Dominicaine
21%
République Dominicaine
21%
Saint-Christophe- et-Niévès
21%
Saint-Christophe- et-Niévès
21%
Saint-Christophe- et-Niévès
21%
Saint-Christophe- et-Niévès
21%
Saint-Christophe- et-Niévès
21%
Sainte-Lucie
21%
Saint-Marin
21%
Saint-Marin
21%
Saint-Marin
21%
Salvador
21%
Salvador
21%
Salvador
21%
Salvador
21%
Samoa
21%
Samoa
21%
Samoa
21%
Sao Tomé-et-Principe
21%
Sao Tomé-et-Principe
21%
Seychelles
21%
Seychelles
21%
Seychelles
21%
Seychelles
21%
Sierra Leone
21%
Sierra Leone
21%
Singapour
21%
Singapour
21%
Singapour
21%
Soudan du Sud
21%
Suriname
21%
Suriname
21%
Tadjikistan
21%
Tanzanie
21%
Tanzanie
21%
Timor Oriental
21%
Timor Oriental
21%
Timor Oriental
21%
Timor Oriental
21%
Trinité-et-Tobago
21%
Trinité-et-Tobago
21%
Uruguay
21%
Uruguay
21%
Uruguay
21%
Vanuatu
21%
Vanuatu
21%
Zimbabwe
21%
Zimbabwe
21%
Antigua-et-Barbuda
20%
Arménie
20%
Arménie
20%
Arménie
20%
Azerbaïdjan
20%
Azerbaïdjan
20%
Azerbaïdjan
20%
Azerbaïdjan
20%
Bahreïn
20%
Bahreïn
20%
Belize
20%
Belize
20%
Belize
20%
Belize
20%
Bhoutan
20%
Bhoutan
20%
Bolivie
20%
Botswana
20%
Brunei
20%
Brunei
20%
Brunei
20%
Brunei
20%
Burundi
20%
Burundi
20%
Cap-Vert
20%
Comores
20%
Comores
20%
Costa Rica
20%
Djibouti
20%
Dominique
20%
Dominique
20%
Eswatini
20%
Fidji
20%
Fidji
20%
Gabon
20%
Grenade
20%
Grenade
20%
Grenade
20%
Grenade
20%
Guatemala
20%
Guatemala
20%
Guinée-Bissau
20%
Guinée-Bissau
20%
Guyana
20%
Honduras
20%
Honduras
20%
Îles Salomon
20%
Jamaïque
20%
Kenya
20%
Kirghizistan
20%
Koweït
20%
Lettonie
20%
Liban
20%
Liban
20%
Liban
20%
Liban
20%
Liberia
20%
Liberia
20%
Liechtenstein
20%
Liechtenstein
20%
Lituanie
20%
Luxembourg
20%
Luxembourg
20%
Luxembourg
20%
Luxembourg
20%
Maurice
20%
Nicaragua
20%
Nigeria
20%
Paraguay
20%
Qatar
20%
Qatar
20%
Qatar
20%
République Centrafricaine
20%
République Centrafricaine
20%
République Dominicaine
20%
République du Congo
20%
Saint-Christophe- et-Niévès
20%
Saint-Christophe- et-Niévès
20%
Sainte-Lucie
20%
Sainte-Lucie
20%
Sainte-Lucie
20%
Saint-Marin
20%
Saint-Marin
20%
Saint-Marin
20%
Saint-Marin
20%
Saint-Vincent-et-les-Grenadines
20%
Salvador
20%
Samoa
20%
Sao Tomé-et-Principe
20%
Sao Tomé-et-Principe
20%
Sao Tomé-et-Principe
20%
Sierra Leone
20%
Slovaquie
20%
Slovénie
20%
Soudan du Sud
20%
Soudan du Sud
20%
Tanzanie
20%
Timor Oriental
20%
Timor Oriental
20%
Uruguay
20%
Uruguay
20%
Uruguay
20%
Uruguay
20%
Vanuatu
20%
Zimbabwe
20%
Zimbabwe
20%
Zimbabwe
20%
Zimbabwe
20%
Andorre
19%
Andorre
19%
Antigua-et-Barbuda
19%
Arménie
19%
Arménie
19%
Azerbaïdjan
19%
Azerbaïdjan
19%
Bahreïn
19%
Bahreïn
19%
Barbade
19%
Barbade
19%
Barbade
19%
Barbade
19%
Belize
19%
Belize
19%
Belize
19%
Belize
19%
Bhoutan
19%
Bhoutan
19%
Bhoutan
19%
Bhoutan
19%
Bhoutan
19%
Bolivie
19%
Botswana
19%
Botswana
19%
Brunei
19%
Brunei
19%
Bulgarie
19%
Burkina Faso
19%
Cambodge
19%
Cap-Vert
19%
Cap-Vert
19%
Cap-Vert
19%
Cap-Vert
19%
Cap-Vert
19%
Colombie
19%
Comores
19%
Comores
19%
Comores
19%
Corée du Nord
19%
Corée du Nord
19%
Corée du Nord
19%
Corée du Sud
19%
Corée du Sud
19%
Costa Rica
19%
Djibouti
19%
Djibouti
19%
Djibouti
19%
Djibouti
19%
Dominique
19%
Équateur
19%
Estonie
19%
Estonie
19%
Fidji
19%
Gabon
19%
Gabon
19%
Géorgie
19%
Grenade
19%
Grenade
19%
Grenade
19%
Guatemala
19%
Guatemala
19%
Guatemala
19%
Guatemala
19%
Guinée
19%
Guinée
19%
Guinée-Bissau
19%
Guinée-Bissau
19%
Guinée-Bissau
19%
Guinée-Bissau
19%
Guinée Équatoriale
19%
Guyana
19%
Honduras
19%
Honduras
19%
Jamaïque
19%
Jamaïque
19%
Jordanie
19%
Kenya
19%
Kirghizistan
19%
Kirghizistan
19%
Koweït
19%
Koweït
19%
Koweït
19%
Liban
19%
Liban
19%
Liban
19%
Liban
19%
Liban
19%
Liberia
19%
Liberia
19%
Liberia
19%
Liberia
19%
Lituanie
19%
Lituanie
19%
Malawi
19%
Maurice
19%
Maurice
19%
Maurice
19%
Monténégro
19%
Monténégro
19%
Palaos
19%
Palaos
19%
Paraguay
19%
Qatar
19%
Qatar
19%
Qatar
19%
Qatar
19%
Qatar
19%
République Dominicaine
19%
République Dominicaine
19%
République Dominicaine
19%
République du Congo
19%
République du Congo
19%
Rwanda
19%
Saint-Christophe- et-Niévès
19%
Saint-Christophe- et-Niévès
19%
Saint-Christophe- et-Niévès
19%
Saint-Christophe- et-Niévès
19%
Sainte-Lucie
19%
Sainte-Lucie
19%
Sainte-Lucie
19%
Saint-Marin
19%
Saint-Marin
19%
Saint-Vincent-et-les-Grenadines
19%
Saint-Vincent-et-les-Grenadines
19%
Salvador
19%
Salvador
19%
Samoa
19%
Samoa
19%
Seychelles
19%
Seychelles
19%
Seychelles
19%
Sierra Leone
19%
Sierra Leone
19%
Sierra Leone
19%
Sierra Leone
19%
Sierra Leone
19%
Sierra Leone
19%
Sierra Leone
19%
Soudan du Sud
19%
Soudan du Sud
19%
Suriname
19%
Suriname
19%
Suriname
19%
Tadjikistan
19%
Tanzanie
19%
Timor Oriental
19%
Timor Oriental
19%
Timor Oriental
19%
Timor Oriental
19%
Turkménistan
19%
Uruguay
19%
Uruguay
19%
Uruguay
19%
Uruguay
19%
Vanuatu
19%
Vanuatu
19%
Zimbabwe
19%
Zimbabwe
19%
Zimbabwe
19%
Afghanistan
18%
Andorre
18%
Andorre
18%
Andorre
18%
Antigua-et-Barbuda
18%
Antigua-et-Barbuda
18%
Arménie
18%
Azerbaïdjan
18%
Bahamas
18%
Bahreïn
18%
Bahreïn
18%
Bahreïn
18%
Bahreïn
18%
Barbade
18%
Barbade
18%
Barbade
18%
Barbade
18%
Barbade
18%
Belize
18%
Belize
18%
Botswana
18%
Brunei
18%
Brunei
18%
Brunei
18%
Bulgarie
18%
Burundi
18%
Burundi
18%
Burundi
18%
Cambodge
18%
Cap-Vert
18%
Colombie
18%
Corée du Nord
18%
Corée du Nord
18%
Costa Rica
18%
Costa Rica
18%
Djibouti
18%
Djibouti
18%
Djibouti
18%
Djibouti
18%
Émirats Arabes Unis
18%
Estonie
18%
Fidji
18%
Fidji
18%
Fidji
18%
Géorgie
18%
Grenade
18%
Grenade
18%
Grenade
18%
Grenade
18%
Guatemala
18%
Guatemala
18%
Guatemala
18%
Guinée-Bissau
18%
Guinée-Bissau
18%
Guinée-Bissau
18%
Guinée-Bissau
18%
Guinée-Bissau
18%
Irak
18%
Jamaïque
18%
Kenya
18%
Kenya
18%
Kenya
18%
Kenya
18%
Kirghizistan
18%
Kirghizistan
18%
Koweït
18%
Lesotho
18%
Lettonie
18%
Liban
18%
Liban
18%
Liberia
18%
Liberia
18%
Liechtenstein
18%
Liechtenstein
18%
Luxembourg
18%
Luxembourg
18%
Malte
18%
Malte
18%
Maurice
18%
Maurice
18%
Monténégro
18%
Nicaragua
18%
Nigeria
18%
Nigeria
18%
Ouganda
18%
Ouganda
18%
Palaos
18%
Qatar
18%
Qatar
18%
République Centrafricaine
18%
République Dominicaine
18%
République Dominicaine
18%
République Dominicaine
18%
Rwanda
18%
Saint-Christophe- et-Niévès
18%
Sainte-Lucie
18%
Saint-Marin
18%
Saint-Marin
18%
Saint-Marin
18%
Saint-Vincent-et-les-Grenadines
18%
Saint-Vincent-et-les-Grenadines
18%
Saint-Vincent-et-les-Grenadines
18%
Saint-Vincent-et-les-Grenadines
18%
Saint-Vincent-et-les-Grenadines
18%
Salvador
18%
Salvador
18%
Samoa
18%
Sao Tomé-et-Principe
18%
Sao Tomé-et-Principe
18%
Sao Tomé-et-Principe
18%
Seychelles
18%
Seychelles
18%
Sierra Leone
18%
Singapour
18%
Slovénie
18%
Tadjikistan
18%
Tanzanie
18%
Tanzanie
18%
Uruguay
18%
Vanuatu
18%
Vanuatu
18%
Zimbabwe
18%
Zimbabwe
18%
Andorre
17%
Andorre
17%
Andorre
17%
Antigua-et-Barbuda
17%
Antigua-et-Barbuda
17%
Arménie
17%
Azerbaïdjan
17%
Azerbaïdjan
17%
Azerbaïdjan
17%
Azerbaïdjan
17%
Bahreïn
17%
Barbade
17%
Barbade
17%
Barbade
17%
Belize
17%
Belize
17%
Belize
17%
Belize
17%
Bhoutan
17%
Botswana
17%
Brunei
17%
Brunei
17%
Brunei
17%
Brunei
17%
Brunei
17%
Burundi
17%
Burundi
17%
Cambodge
17%
Cambodge
17%
Cap-Vert
17%
Cap-Vert
17%
Cap-Vert
17%
Comores
17%
Comores
17%
Comores
17%
Corée du Nord
17%
Corée du Sud
17%
Costa Rica
17%
Côte d'Ivoire
17%
Djibouti
17%
Djibouti
17%
Dominique
17%
Dominique
17%
Dominique
17%
Dominique
17%
Émirats Arabes Unis
17%
Équateur
17%
Équateur
17%
Équateur
17%
Estonie
17%
Eswatini
17%
Eswatini
17%
Eswatini
17%
Fidji
17%
Fidji
17%
Guatemala
17%
Guatemala
17%
Guatemala
17%
Guatemala
17%
Guinée
17%
Guinée-Bissau
17%
Guinée-Bissau
17%
Guinée-Bissau
17%
Guinée-Bissau
17%
Guyana
17%
Honduras
17%
Îles Salomon
17%
Îles Salomon
17%
Jamaïque
17%
Kenya
17%
Kenya
17%
Koweït
17%
Lesotho
17%
Lesotho
17%
Lesotho
17%
Liban
17%
Liberia
17%
Liechtenstein
17%
Luxembourg
17%
Luxembourg
17%
Maurice
17%
Maurice
17%
Maurice
17%
Nicaragua
17%
Nicaragua
17%
Nigeria
17%
Ouganda
17%
Ouganda
17%
Ouganda
17%
Palaos
17%
Palaos
17%
Palaos
17%
Palaos
17%
Palaos
17%
Paraguay
17%
Qatar
17%
Qatar
17%
Qatar
17%
Qatar
17%
République Centrafricaine
17%
République Centrafricaine
17%
République Dominicaine
17%
République Dominicaine
17%
République Dominicaine
17%
République Dominicaine
17%
Rwanda
17%
Saint-Christophe- et-Niévès
17%
Saint-Christophe- et-Niévès
17%
Saint-Christophe- et-Niévès
17%
Saint-Christophe- et-Niévès
17%
Saint-Christophe- et-Niévès
17%
Saint-Christophe- et-Niévès
17%
Sainte-Lucie
17%
Sainte-Lucie
17%
Sainte-Lucie
17%
Sainte-Lucie
17%
Saint-Marin
17%
Saint-Marin
17%
Saint-Marin
17%
Saint-Marin
17%
Saint-Marin
17%
Saint-Vincent-et-les-Grenadines
17%
Saint-Vincent-et-les-Grenadines
17%
Salvador
17%
Salvador
17%
Salvador
17%
Salvador
17%
Sao Tomé-et-Principe
17%
Sao Tomé-et-Principe
17%
Seychelles
17%
Sierra Leone
17%
Sierra Leone
17%
Slovénie
17%
Soudan du Sud
17%
Soudan du Sud
17%
Tadjikistan
17%
Togo
17%
Uruguay
17%
Uruguay
17%
Uruguay
17%
Uruguay
17%
Vanuatu
17%
Vanuatu
17%
Zimbabwe
17%
Zimbabwe
17%
Andorre
16%
Antigua-et-Barbuda
16%
Antigua-et-Barbuda
16%
Arménie
16%
Arménie
16%
Arménie
16%
Arménie
16%
Bahreïn
16%
Bahreïn
16%
Barbade
16%
Belize
16%
Bhoutan
16%
Bhoutan
16%
Bhoutan
16%
Brunei
16%
Burundi
16%
Cambodge
16%
Cambodge
16%
Colombie
16%
Côte d'Ivoire
16%
Djibouti
16%
Dominique
16%
Dominique
16%
Équateur
16%
Eswatini
16%
Eswatini
16%
Eswatini
16%
Eswatini
16%
Fidji
16%
Fidji
16%
Fidji
16%
Guinée-Bissau
16%
Guinée-Bissau
16%
Honduras
16%
Îles Salomon
16%
Jamaïque
16%
Kenya
16%
Kenya
16%
Koweït
16%
Liban
16%
Macédoine du Nord
16%
Maurice
16%
Maurice
16%
Nicaragua
16%
Ouganda
16%
Palaos
16%
Palaos
16%
Palaos
16%
Palaos
16%
Paraguay
16%
Qatar
16%
Qatar
16%
Qatar
16%
Qatar
16%
République Centrafricaine
16%
République Centrafricaine
16%
République Dominicaine
16%
République Dominicaine
16%
République Dominicaine
16%
République Dominicaine
16%
Rwanda
16%
Saint-Christophe- et-Niévès
16%
Saint-Christophe- et-Niévès
16%
Sainte-Lucie
16%
Sainte-Lucie
16%
Saint-Marin
16%
Saint-Vincent-et-les-Grenadines
16%
Saint-Vincent-et-les-Grenadines
16%
Salvador
16%
Salvador
16%
Sao Tomé-et-Principe
16%
Sao Tomé-et-Principe
16%
Sao Tomé-et-Principe
16%
Seychelles
16%
Seychelles
16%
Sierra Leone
16%
Soudan du Sud
16%
Tanzanie
16%
Tanzanie
16%
Timor Oriental
16%
Timor Oriental
16%
Uruguay
16%
Uruguay
16%
Zimbabwe
16%
Andorre
15%
Antigua-et-Barbuda
15%
Arménie
15%
Arménie
15%
Arménie
15%
Arménie
15%
Arménie
15%
Arménie
15%
Azerbaïdjan
15%
Azerbaïdjan
15%
Barbade
15%
Barbade
15%
Belize
15%
Bhoutan
15%
Bhoutan
15%
Bhoutan
15%
Bolivie
15%
Brunei
15%
Burundi
15%
Burundi
15%
Cambodge
15%
Cambodge
15%
Cap-Vert
15%
Colombie
15%
Comores
15%
Comores
15%
Comores
15%
Comores
15%
Corée du Sud
15%
Côte d'Ivoire
15%
Djibouti
15%
Djibouti
15%
Djibouti
15%
Djibouti
15%
Djibouti
15%
Dominique
15%
Dominique
15%
Équateur
15%
Eswatini
15%
Eswatini
15%
Grenade
15%
Grenade
15%
Grenade
15%
Guinée-Bissau
15%
Guyana
15%
Honduras
15%
Honduras
15%
Honduras
15%
Honduras
15%
Kirghizistan
15%
Koweït
15%
Koweït
15%
Lesotho
15%
Liban
15%
Liechtenstein
15%
Luxembourg
15%
Luxembourg
15%
Maurice
15%
Maurice
15%
Maurice
15%
Maurice
15%
Maurice
15%
Nigeria
15%
Ouganda
15%
Ouganda
15%
Paraguay
15%
Qatar
15%
Qatar
15%
Qatar
15%
République Centrafricaine
15%
République Dominicaine
15%
République du Congo
15%
Rwanda
15%
Saint-Christophe- et-Niévès
15%
Saint-Christophe- et-Niévès
15%
Saint-Christophe- et-Niévès
15%
Saint-Christophe- et-Niévès
15%
Saint-Christophe- et-Niévès
15%
Sainte-Lucie
15%
Sainte-Lucie
15%
Saint-Marin
15%
Saint-Marin
15%
Salvador
15%
Salvador
15%
Salvador
15%
Salvador
15%
Samoa
15%
Samoa
15%
Samoa
15%
Samoa
15%
Samoa
15%
Samoa
15%
Sao Tomé-et-Principe
15%
Sao Tomé-et-Principe
15%
Seychelles
15%
Sierra Leone
15%
Sierra Leone
15%
Soudan du Sud
15%
Suriname
15%
Suriname
15%
Suriname
15%
Suriname
15%
Suriname
15%
Tanzanie
15%
Tanzanie
15%
Timor Oriental
15%
Timor Oriental
15%
Timor Oriental
15%
Timor Oriental
15%
Uruguay
15%
Uruguay
15%
Uruguay
15%
Uruguay
15%
Uruguay
15%
Zimbabwe
15%
Zimbabwe
15%
Zimbabwe
15%
Andorre
14%
Andorre
14%
Andorre
14%
Andorre
14%
Antigua-et-Barbuda
14%
Arménie
14%
Azerbaïdjan
14%
Azerbaïdjan
14%
Bahamas
14%
Bahamas
14%
Bahamas
14%
Bahreïn
14%
Bahreïn
14%
Bahreïn
14%
Bahreïn
14%
Bahreïn
14%
Bahreïn
14%
Barbade
14%
Barbade
14%
Barbade
14%
Barbade
14%
Barbade
14%
Belize
14%
Bhoutan
14%
Brunei
14%
Brunei
14%
Brunei
14%
Brunei
14%
Bulgarie
14%
Bulgarie
14%
Burkina Faso
14%
Burkina Faso
14%
Burundi
14%
Burundi
14%
Cambodge
14%
Cambodge
14%
Cap-Vert
14%
Cap-Vert
14%
Comores
14%
Comores
14%
Costa Rica
14%
Costa Rica
14%
Djibouti
14%
Dominique
14%
Estonie
14%
Eswatini
14%
Eswatini
14%
Eswatini
14%
Fidji
14%
Grenade
14%
Grenade
14%
Grenade
14%
Grenade
14%
Guatemala
14%
Guatemala
14%
Guatemala
14%
Guatemala
14%
Guinée-Bissau
14%
Honduras
14%
Honduras
14%
Îles Salomon
14%
Jamaïque
14%
Lesotho
14%
Lesotho
14%
Lesotho
14%
Lesotho
14%
Lesotho
14%
Lettonie
14%
Liban
14%
Liban
14%
Liechtenstein
14%
Luxembourg
14%
Maurice
14%
Nicaragua
14%
Ouganda
14%
Ouganda
14%
Ouganda
14%
Ouganda
14%
Ouganda
14%
Palaos
14%
Palaos
14%
Palaos
14%
Paraguay
14%
Qatar
14%
Qatar
14%
République Dominicaine
14%
Rwanda
14%
Rwanda
14%
Rwanda
14%
Saint-Christophe- et-Niévès
14%
Saint-Christophe- et-Niévès
14%
Saint-Christophe- et-Niévès
14%
Sainte-Lucie
14%
Sainte-Lucie
14%
Sainte-Lucie
14%
Sainte-Lucie
14%
Sainte-Lucie
14%
Saint-Marin
14%
Saint-Marin
14%
Saint-Marin
14%
Saint-Marin
14%
Saint-Vincent-et-les-Grenadines
14%
Saint-Vincent-et-les-Grenadines
14%
Salvador
14%
Salvador
14%
Salvador
14%
Salvador
14%
Samoa
14%
Samoa
14%
Sao Tomé-et-Principe
14%
Sao Tomé-et-Principe
14%
Sao Tomé-et-Principe
14%
Sao Tomé-et-Principe
14%
Seychelles
14%
Sierra Leone
14%
Singapour
14%
Suriname
14%
Suriname
14%
Tadjikistan
14%
Tanzanie
14%
Timor Oriental
14%
Uruguay
14%
Uruguay
14%
Uruguay
14%
Vanuatu
14%
Zimbabwe
14%
Andorre
13%
Andorre
13%
Andorre
13%
Andorre
13%
Arménie
13%
Arménie
13%
Azerbaïdjan
13%
Bahamas
13%
Bahreïn
13%
Bahreïn
13%
Bahreïn
13%
Bahreïn
13%
Bahreïn
13%
Bahreïn
13%
Bahreïn
13%
Bahreïn
13%
Bahreïn
13%
Bahreïn
13%
Barbade
13%
Barbade
13%
Barbade
13%
Barbade
13%
Barbade
13%
Barbade
13%
Belize
13%
Bhoutan
13%
Bhoutan
13%
Bhoutan
13%
Bhoutan
13%
Bhoutan
13%
Bolivie
13%
Brunei
13%
Brunei
13%
Brunei
13%
Burundi
13%
Cambodge
13%
Cambodge
13%
Cambodge
13%
Cambodge
13%
Cambodge
13%
Cap-Vert
13%
Cap-Vert
13%
Comores
13%
Corée du Sud
13%
Costa Rica
13%
Djibouti
13%
Djibouti
13%
Dominique
13%
Dominique
13%
Équateur
13%
Eswatini
13%
Eswatini
13%
Fidji
13%
Guatemala
13%
Guatemala
13%
Guinée
13%
Honduras
13%
Honduras
13%
Honduras
13%
Jamaïque
13%
Kenya
13%
Kenya
13%
Koweït
13%
Lesotho
13%
Liban
13%
Liberia
13%
Liberia
13%
Luxembourg
13%
Maurice
13%
Nicaragua
13%
Nicaragua
13%
Ouganda
13%
Ouganda
13%
Palaos
13%
Palaos
13%
Palaos
13%
Qatar
13%
Qatar
13%
Qatar
13%
Qatar
13%
Qatar
13%
Qatar
13%
Qatar
13%
République Centrafricaine
13%
République Centrafricaine
13%
République Dominicaine
13%
République Dominicaine
13%
République Dominicaine
13%
République Dominicaine
13%
Rwanda
13%
Rwanda
13%
Sainte-Lucie
13%
Sainte-Lucie
13%
Saint-Marin
13%
Saint-Marin
13%
Saint-Marin
13%
Saint-Vincent-et-les-Grenadines
13%
Saint-Vincent-et-les-Grenadines
13%
Salvador
13%
Salvador
13%
Salvador
13%
Salvador
13%
Salvador
13%
Sao Tomé-et-Principe
13%
Sao Tomé-et-Principe
13%
Seychelles
13%
Seychelles
13%
Seychelles
13%
Seychelles
13%
Seychelles
13%
Seychelles
13%
Suriname
13%
Suriname
13%
Suriname
13%
Suriname
13%
Suriname
13%
Suriname
13%
Tanzanie
13%
Tanzanie
13%
Timor Oriental
13%
Timor Oriental
13%
Uruguay
13%
Uruguay
13%
Uruguay
13%
Uruguay
13%
Andorre
12%
Andorre
12%
Andorre
12%
Andorre
12%
Andorre
12%
Bahreïn
12%
Barbade
12%
Belize
12%
Bhoutan
12%
Brunei
12%
Burundi
12%
Burundi
12%
Cap-Vert
12%
Comores
12%
Costa Rica
12%
Djibouti
12%
Djibouti
12%
Dominique
12%
Dominique
12%
Dominique
12%
Eswatini
12%
Eswatini
12%
Fidji
12%
Guinée
12%
Guinée
12%
Honduras
12%
Honduras
12%
Honduras
12%
Honduras
12%
Honduras
12%
Îles Salomon
12%
Jamaïque
12%
Jamaïque
12%
Kenya
12%
Koweït
12%
Lesotho
12%
Lesotho
12%
Lesotho
12%
Lesotho
12%
Lesotho
12%
Liban
12%
Liechtenstein
12%
Luxembourg
12%
Luxembourg
12%
Luxembourg
12%
Maurice
12%
Maurice
12%
Maurice
12%
Ouganda
12%
Ouganda
12%
Ouganda
12%
Ouganda
12%
Qatar
12%
République Dominicaine
12%
République Dominicaine
12%
République Dominicaine
12%
République Dominicaine
12%
Rwanda
12%
Rwanda
12%
Rwanda
12%
Rwanda
12%
Rwanda
12%
Rwanda
12%
Saint-Christophe- et-Niévès
12%
Saint-Christophe- et-Niévès
12%
Saint-Christophe- et-Niévès
12%
Sainte-Lucie
12%
Sainte-Lucie
12%
Sainte-Lucie
12%
Sainte-Lucie
12%
Sainte-Lucie
12%
Sainte-Lucie
12%
Saint-Marin
12%
Saint-Marin
12%
Saint-Marin
12%
Salvador
12%
Sao Tomé-et-Principe
12%
Sao Tomé-et-Principe
12%
Seychelles
12%
Seychelles
12%
Sierra Leone
12%
Soudan du Sud
12%
Soudan du Sud
12%
Suriname
12%
Suriname
12%
Tanzanie
12%
Timor Oriental
12%
Uruguay
12%
Uruguay
12%
Andorre
11%
Andorre
11%
Andorre
11%
Andorre
11%
Andorre
11%
Andorre
11%
Andorre
11%
Andorre
11%
Azerbaïdjan
11%
Bahreïn
11%
Bahreïn
11%
Barbade
11%
Barbade
11%
Belize
11%
Bhoutan
11%
Bolivie
11%
Brunei
11%
Burundi
11%
Burundi
11%
Cambodge
11%
Cambodge
11%
Cambodge
11%
Cap-Vert
11%
Comores
11%
Costa Rica
11%
Djibouti
11%
Djibouti
11%
Djibouti
11%
Dominique
11%
Dominique
11%
Dominique
11%
Dominique
11%
Dominique
11%
Dominique
11%
Eswatini
11%
Eswatini
11%
Eswatini
11%
Eswatini
11%
Fidji
11%
Gabon
11%
Guatemala
11%
Guatemala
11%
Guatemala
11%
Guinée
11%
Guinée-Bissau
11%
Guinée-Bissau
11%
Honduras
11%
Kenya
11%
Koweït
11%
Koweït
11%
Lesotho
11%
Lesotho
11%
Lesotho
11%
Lesotho
11%
Lettonie
11%
Liban
11%
Liban
11%
Liban
11%
Liberia
11%
Liechtenstein
11%
Luxembourg
11%
Luxembourg
11%
Maurice
11%
Maurice
11%
Ouganda
11%
Ouganda
11%
Ouganda
11%
Palaos
11%
Qatar
11%
Qatar
11%
Qatar
11%
Qatar
11%
République Centrafricaine
11%
République Dominicaine
11%
Rwanda
11%
Rwanda
11%
Sainte-Lucie
11%
Sainte-Lucie
11%
Sainte-Lucie
11%
Sainte-Lucie
11%
Saint-Marin
11%
Saint-Marin
11%
Saint-Vincent-et-les-Grenadines
11%
Salvador
11%
Salvador
11%
Salvador
11%
Samoa
11%
Samoa
11%
Sao Tomé-et-Principe
11%
Sao Tomé-et-Principe
11%
Seychelles
11%
Seychelles
11%
Seychelles
11%
Sierra Leone
11%
Sierra Leone
11%
Sierra Leone
11%
Sierra Leone
11%
Suriname
11%
Suriname
11%
Suriname
11%
Tanzanie
11%
Turkménistan
11%
Uruguay
11%
Andorre
10%
Arménie
10%
Bahreïn
10%
Bahreïn
10%
Bahreïn
10%
Bahreïn
10%
Barbade
10%
Belize
10%
Belize
10%
Bhoutan
10%
Bhoutan
10%
Burundi
10%
Cap-Vert
10%
Comores
10%
Comores
10%
Comores
10%
Comores
10%
Comores
10%
Comores
10%
Djibouti
10%
Djibouti
10%
Djibouti
10%
Dominique
10%
Dominique
10%
Dominique
10%
Dominique
10%
Dominique
10%
Eswatini
10%
Eswatini
10%
Géorgie
10%
Grenade
10%
Guatemala
10%
Guatemala
10%
Honduras
10%
Honduras
10%
Honduras
10%
Jamaïque
10%
Jamaïque
10%
Lesotho
10%
Lesotho
10%
Liban
10%
Liechtenstein
10%
Liechtenstein
10%
Liechtenstein
10%
Liechtenstein
10%
Maurice
10%
Maurice
10%
Maurice
10%
Ouganda
10%
Ouganda
10%
Palaos
10%
Palaos
10%
Palaos
10%
Palaos
10%
Qatar
10%
République Dominicaine
10%
République Dominicaine
10%
République Dominicaine
10%
Rwanda
10%
Rwanda
10%
Saint-Christophe- et-Niévès
10%
Saint-Christophe- et-Niévès
10%
Salvador
10%
Salvador
10%
Salvador
10%
Samoa
10%
Samoa
10%
Sao Tomé-et-Principe
10%
Seychelles
10%
Seychelles
10%
Sierra Leone
10%
Soudan du Sud
10%
Suriname
10%
Suriname
10%
Suriname
10%
Timor Oriental
10%
Vanuatu
10%
Andorre
9%
Azerbaïdjan
9%
Bahreïn
9%
Bahreïn
9%
Bahreïn
9%
Barbade
9%
Bhoutan
9%
Bhoutan
9%
Brunei
9%
Burkina Faso
9%
Burundi
9%
Burundi
9%
Cambodge
9%
Cap-Vert
9%
Comores
9%
Comores
9%
Djibouti
9%
Djibouti
9%
Djibouti
9%
Eswatini
9%
Eswatini
9%
Eswatini
9%
Eswatini
9%
Eswatini
9%
Grenade
9%
Grenade
9%
Guinée-Bissau
9%
Guinée-Bissau
9%
Guinée-Bissau
9%
Jamaïque
9%
Jamaïque
9%
Kenya
9%
Lesotho
9%
Lesotho
9%
Lesotho
9%
Lesotho
9%
Liban
9%
Liban
9%
Maurice
9%
Maurice
9%
Maurice
9%
Maurice
9%
Maurice
9%
Maurice
9%
Maurice
9%
Palaos
9%
Palaos
9%
Qatar
9%
République Dominicaine
9%
République Dominicaine
9%
Rwanda
9%
Rwanda
9%
Sainte-Lucie
9%
Saint-Marin
9%
Salvador
9%
Salvador
9%
Samoa
9%
Seychelles
9%
Seychelles
9%
Sierra Leone
9%
Sierra Leone
9%
Sierra Leone
9%
Suriname
9%
Suriname
9%
Suriname
9%
Tanzanie
9%
Timor Oriental
9%
Timor Oriental
9%
Uruguay
9%
Vanuatu
9%
Andorre
8%
Andorre
8%
Arménie
8%
Bahreïn
8%
Bahreïn
8%
Bahreïn
8%
Bahreïn
8%
Barbade
8%
Barbade
8%
Bhoutan
8%
Bhoutan
8%
Brunei
8%
Cambodge
8%
Cambodge
8%
Cambodge
8%
Djibouti
8%
Dominique
8%
Dominique
8%
Dominique
8%
Eswatini
8%
Eswatini
8%
Eswatini
8%
Eswatini
8%
Eswatini
8%
Eswatini
8%
Fidji
8%
Grenade
8%
Honduras
8%
Kenya
8%
Koweït
8%
Lesotho
8%
Lesotho
8%
Lesotho
8%
Lesotho
8%
Lesotho
8%
Liban
8%
Liechtenstein
8%
Maurice
8%
Maurice
8%
Maurice
8%
République Dominicaine
8%
Rwanda
8%
Rwanda
8%
Saint-Christophe- et-Niévès
8%
Sainte-Lucie
8%
Sainte-Lucie
8%
Saint-Marin
8%
Saint-Marin
8%
Saint-Marin
8%
Saint-Vincent-et-les-Grenadines
8%
Saint-Vincent-et-les-Grenadines
8%
Salvador
8%
Salvador
8%
Sierra Leone
8%
Sierra Leone
8%
Sierra Leone
8%
Suriname
8%
Suriname
8%
Suriname
8%
Suriname
8%
Andorre
7%
Andorre
7%
Andorre
7%
Andorre
7%
Andorre
7%
Andorre
7%
Andorre
7%
Azerbaïdjan
7%
Bahreïn
7%
Bahreïn
7%
Bahreïn
7%
Bahreïn
7%
Bhoutan
7%
Bhoutan
7%
Brunei
7%
Burundi
7%
Burundi
7%
Burundi
7%
Burundi
7%
Cambodge
7%
Comores
7%
Djibouti
7%
Dominique
7%
Eswatini
7%
Eswatini
7%
Grenade
7%
Grenade
7%
Guinée-Bissau
7%
Honduras
7%
Honduras
7%
Lesotho
7%
Lesotho
7%
Liban
7%
Maurice
7%
Maurice
7%
Maurice
7%
République Dominicaine
7%
République Dominicaine
7%
République Dominicaine
7%
République Dominicaine
7%
Rwanda
7%
Rwanda
7%
Rwanda
7%
Salvador
7%
Salvador
7%
Salvador
7%
Samoa
7%
Sao Tomé-et-Principe
7%
Seychelles
7%
Sierra Leone
7%
Sierra Leone
7%
Suriname
7%
Suriname
7%
Uruguay
7%
Andorre
6%
Bahreïn
6%
Bahreïn
6%
Bahreïn
6%
Barbade
6%
Bhoutan
6%
Brunei
6%
Brunei
6%
Burundi
6%
Burundi
6%
Cambodge
6%
Cap-Vert
6%
Comores
6%
Corée du Nord
6%
Dominique
6%
Eswatini
6%
Eswatini
6%
Eswatini
6%
Eswatini
6%
Grenade
6%
Guyana
6%
Honduras
6%
Lesotho
6%
Lesotho
6%
Lesotho
6%
Liban
6%
Maurice
6%
Maurice
6%
Maurice
6%
Ouganda
6%
Palaos
6%
Palaos
6%
République Centrafricaine
6%
République Dominicaine
6%
Rwanda
6%
Rwanda
6%
Sainte-Lucie
6%
Sainte-Lucie
6%
Saint-Marin
6%
Saint-Marin
6%
Salvador
6%
Salvador
6%
Sao Tomé-et-Principe
6%
Sierra Leone
6%
Sierra Leone
6%
Sierra Leone
6%
Andorre
5%
Andorre
5%
Antigua-et-Barbuda
5%
Azerbaïdjan
5%
Bahreïn
5%
Bahreïn
5%
Bahreïn
5%
Barbade
5%
Bhoutan
5%
Brunei
5%
Burundi
5%
Burundi
5%
Cambodge
5%
Comores
5%
Comores
5%
Djibouti
5%
Djibouti
5%
Dominique
5%
Dominique
5%
Dominique
5%
Dominique
5%
Dominique
5%
Dominique
5%
Dominique
5%
Équateur
5%
Estonie
5%
Eswatini
5%
Eswatini
5%
Eswatini
5%
Eswatini
5%
Eswatini
5%
Eswatini
5%
Eswatini
5%
Grenade
5%
Honduras
5%
Honduras
5%
Lesotho
5%
Lesotho
5%
Lesotho
5%
Lesotho
5%
Lesotho
5%
Liban
5%
Liberia
5%
Lituanie
5%
Maurice
5%
Maurice
5%
Maurice
5%
Ouganda
5%
Palaos
5%
Palaos
5%
Palaos
5%
Rwanda
5%
Rwanda
5%
Sainte-Lucie
5%
Sainte-Lucie
5%
Sainte-Lucie
5%
Saint-Marin
5%
Saint-Marin
5%
Samoa
5%
Sierra Leone
5%
Sierra Leone
5%
Sierra Leone
5%
Suriname
5%
Suriname
5%
Suriname
5%
Suriname
5%
Uruguay
5%
Uruguay
5%
Uruguay
5%
Uruguay
5%
Andorre
4%
Andorre
4%
Andorre
4%
Barbade
4%
Barbade
4%
Barbade
4%
Bhoutan
4%
Bhoutan
4%
Bhoutan
4%
Bhoutan
4%
Burundi
4%
Cambodge
4%
Dominique
4%
Dominique
4%
Dominique
4%
Dominique
4%
Eswatini
4%
Grenade
4%
Guatemala
4%
Lesotho
4%
Lesotho
4%
Lesotho
4%
Liechtenstein
4%
Maurice
4%
Maurice
4%
Maurice
4%
Ouganda
4%
République Dominicaine
4%
République Dominicaine
4%
République Dominicaine
4%
Rwanda
4%
Rwanda
4%
Rwanda
4%
Saint-Marin
4%
Saint-Marin
4%
Saint-Vincent-et-les-Grenadines
4%
Salvador
4%
Sierra Leone
4%
Sierra Leone
4%
Sierra Leone
4%
Sierra Leone
4%
Uruguay
4%
Uruguay
4%
Uruguay
4%
Uruguay
4%
Andorre
3%
Eswatini
3%
Lesotho
3%
Maurice
3%
République Dominicaine
3%
Rwanda
3%
Saint-Marin
3%
Uruguay
3%
Andorre
0%
Andorre
0%
Andorre
0%
Andorre
0%
Andorre
0%
Antigua-et-Barbuda
0%
Barbade
0%
Barbade
0%
Burundi
0%
Burundi
0%
Comores
0%
Djibouti
0%
Dominique
0%
Dominique
0%
Dominique
0%
Eswatini
0%
Eswatini
0%
Grenade
0%
Guinée-Bissau
0%
Lesotho
0%
Lesotho
0%
Lesotho
0%
Lesotho
0%
Lesotho
0%
Liban
0%
Maurice
0%
Maurice
0%
Maurice
0%
Ouganda
0%
Palaos
0%
Palaos
0%
Palaos
0%
République Dominicaine
0%
Rwanda
0%
Rwanda
0%
Rwanda
0%
Rwanda
0%
Sainte-Lucie
0%
Saint-Marin
0%
Saint-Marin
0%
Saint-Marin
0%
Saint-Marin
0%
Saint-Marin
0%
Saint-Vincent-et-les-Grenadines
0%
Samoa
0%
Sao Tomé-et-Principe
0%
Sierra Leone
0%
Suriname
0%
Suriname
0%
Aucun quiz correspondant
Distribution des résultats
% des personnes avec chaque résultat
Percentile par nombre de réponses
Votre historique - résultats
Vous n’avez pas pris ce quiz